{"text_format":"3","workbook":"xlsx","n_sheets":1,"sheets":["Лист1"],"not_rendered":{"defined_names":1},"read":"whole","date_system":"1900"}

{"sheet":"Лист1","index":0,"n_rows":678,"n_cols":18,"rows_kept":678}
["№","код школы","Фамилияь ученика","И. у.","О.","Пол","Класс обучения","Класс участия","Количество баллов","Апелл,бал","Макс. баллов","Ограниченные возможности","Статус МЭ 16-17","Предмет","Имя учителя","Ф. у.","О. у.","место работы учителя"]
[1,"МБОУ \"Гимназия №9\" Московского района г.Казани","Залялетдинов","И.","Ф.","Ж",11,11,64.3,null,100,"не имеются","победитель","География","Гурьянова","Л.","Г.","МБОУ \"Гимназия №9\" Московского района г.Казани"]
[2,"МБОУ \"Лицей №78 \"Фарватер\" Приволжского района г. Казани","Лобанов","Н.","А.","M",11,11,63.8,null,100,"не имеются","призер","География","Запарин","Д.","Л.","МБОУ \"Лицей №78 \"Фарватер\" Приволжского района г. Казани"]
[3,"МБОУ \"Лицей №78 \"Фарватер\" Приволжского района г. Казани","Хасаншин","Ш.","И.","M",10,10,56.1,null,100,"не имеются","призер","География","Саттарова","Ф.","М.","МБОУ \"Лицей №78 \"Фарватер\" Приволжского района г. Казани"]
[4,"Лицей-интернат \"IТ-лицей К(П)ФУ\"","Хабибуллин","Б.","И.","M",10,10,53.6,null,100,"не имеются","призер","География","Гарифова","Р.","В.","Лицей-интернат \"IТ-лицей К(П)ФУ\""]
[5,"Лицей-интернат \"IТ-лицей К(П)ФУ\"","Туктаров","Б.","А.","M",10,10,45.6,48.6,100,"не имеются","призер","География","Гарифова","Р.","В.","Лицей-интернат \"IТ-лицей К(П)ФУ\""]
[6,"МАОУ «Средняя общеобразовательная школа №18 с углубленным изучением английского языка» Вахитовского района г. Казани","Хусаенов","Т.","И.","M",10,10,44.75,null,100,"не имеются","призер","География","Калянова","С.","П.","МАОУ «Средняя общеобразовательная школа №18 с углубленным изучением английского языка» Вахитовского района г. Казани"]
[7,"МАОУ «Средняя общеобразовательная школа №18 с углубленным изучением английского языка» Вахитовского района г. Казани","Курочкин","Д.","В.","M",10,10,42.8,null,100,"не имеются","призер","География","Калянова","С.","П.","МАОУ «Средняя общеобразовательная школа №18 с углубленным изучением английского языка» Вахитовского района г. Казани"]
[8,"Муниципальное бюджетное общеобразовательное учреждение \"Лицей № 177\" Ново-Савиновского района г. Казани. Казан шәһәре Яңа Савин районының \"177 нче лицей\" гомуми белем бюджет муниципаль учреждениесе","Биктемеров","А.","А.","M",10,10,41.85,null,100,"не имеются","призер","География","Клдров","С.","Н.","Муниципальное бюджетное общеобразовательное учреждение \"Лицей № 177\" Ново-Савиновского района г. Казани. Казан шәһәре Яңа Савин районының \"177 нче лицей\" гомуми белем бюджет муниципаль учреждениесе"]
[9,"МБОУ \"Гимназия №152\" Кировского района г.Казани","Мелешенко","А.","С.","M",11,11,41,null,100,"не имеются","призер","География","Акифьева ","М.","В.","МБОУ \"Гимназия №152\" Кировского района г.Казани"]
[10,"МАОУ \"Лицей №131\" Вахитовского района г. Казани","Назмиев","А.","И.","M",10,10,39.1,null,100,"не имеются","призер","География","Кириллова ","С.","И.","МАОУ \"Лицей №131\" Вахитовского района г. Казани"]
[11,"МАОУ \"Лицей №131\" Вахитовского района г. Казани","Несвятипаска","А.","И.","Ж",11,11,36.9,37.4,100,"не имеются","призер","География","Кириллова","В.","В.","МАОУ \"Лицей №131\" Вахитовского района г. Казани"]
[12,"Лицей-интернат \"IТ-лицей К(П)ФУ\"","Кибец","С.","О.","M",10,10,37.4,null,100,"не имеются","призер","География","Гарифова","Р.","В.","Лицей-интернат \"IТ-лицей К(П)ФУ\""]
[13,"МАОУ «Гимназия №19» Приволжского района г. Казани. Школа - центр компетенции в электронном образовании. Базовая площадка по реализации мероприятия \"Реализация во всех субъектах РФ национальной образовательной инициативы \"Наша новая школа\"","Мурсюкаев","А.","М.","M",10,10,36.6,null,100,"не имеются","призер","География","Акманова","М.","И.","МАОУ «Гимназия №19» Приволжского района г. Казани. Школа - центр компетенции в электронном образовании. Базовая площадка по реализации мероприятия \"Реализация во всех субъектах РФ национальной образовательной инициативы \"Наша новая школа\""]
[14,"МБОУ \"Татарская гимназия №15\" Кировского района г.Казани","Гасимова","Р.","Н.","Ж",11,11,36.05,null,100,"не имеются","призер","География","Кириллова","А.","В.","МБОУ \"Татарская гимназия №15\" Кировского района г.Казани"]
[15,"МБОУ\" Гимназия №3 с татарским языком обучения\" Кировского района г.Казани","Лаврова","О.","А.","Ж",11,11,36,null,100,"не имеются","призер","География","Халикова","Э.","Х.","МБОУ\" Гимназия №3 с татарским языком обучения\" Кировского района г.Казани"]
[16,"МБОУ «Гимназия №75 с этнокультурным русским компонентом» Московского района г.Казани","Шарагина","С.","Р.","Ж",10,10,35.35,null,100,"не имеются","призер","География","Клюкина","И.","Н.","МБОУ «Гимназия №75 с этнокультурным русским компонентом» Московского района г.Казани"]
[17,"МБОУ «Средняя общеобразовательная школа №58» Советского района г. Казани","Шакурова","А.","М.","Ж",11,11,25.4,33.4,100,"не имеются","призер","География","Маковская","В.","В.","МБОУ «Средняя общеобразовательная школа №58» Советского района г. Казани"]
[18,"МБОУ «Средняя общеобразовательная школа №58» Советского района г. Казани","Мубараков","А.","Ш.","M",11,11,33.05,null,100,"не имеются","призер","География","Маковская","В.","В.","МБОУ «Средняя общеобразовательная школа №58» Советского района г. Казани"]
[19,"МАОУ «Средняя общеобразовательная школа №18 с углубленным изучением английского языка» Вахитовского района г. Казани","Валитов","Г.","Ш.","M",10,10,32.25,null,100,"не имеются","призер","География","Калянова","С.","П.","МАОУ «Средняя общеобразовательная школа №18 с углубленным изучением английского языка» Вахитовского района г. Казани"]
[20,"МАОУ «Средняя общеобразовательная школа №39 с углубленным изучением английского языка» Вахитовского района г. Казани","Хасанов","Р.","И.","M",10,10,32.2,null,100,"не имеются","призер","География","Лычагина","Н.","С.","МАОУ «Средняя общеобразовательная школа №39 с углубленным изучением английского языка» Вахитовского района г. Казани"]
[21,"МБОУ «Гимназия №40» Приволжского района г. Казани","Закиров","А.","Д.","M",11,11,31.85,null,100,"не имеются",null,"География","Сугак","О.","В.","МБОУ «Гимназия №40» Приволжского района г. Казани"]
[22,"МБОУ\" Гимназия №3 с татарским языком обучения\" Кировского района г.Казани","Кукушкин","Д.","А.","M",11,11,31.85,null,100,"не имеются",null,"География","Халикова","Э.","Х.","МБОУ\" Гимназия №3 с татарским языком обучения\" Кировского района г.Казани"]
[23,"МБОУ «Гимназия №94» Московского района г. Казани","Додонов","К.","С.","M",11,11,30.35,null,100,"не имеются",null,"География","Сулейманова","С.","А.","МБОУ «Гимназия №94» Московского района г. Казани"]
[24,"МБОУ \"Средняя общеобразовательная школа №54\" Авиастроительного района г. Казани","Абдикеев","В.","Р.","M",11,11,29.6,null,100,"не имеются",null,"География","Хабибуллина","Н.","Р.","МБОУ \"Средняя общеобразовательная школа №54\" Авиастроительного района г. Казани"]
[25,"МБОУ «Гимназия №93 » Советского района г. Казани","Габидуллин","К.","Р.","M",10,10,29.05,null,100,"не имеются",null,"География","Шлямина","И.","Б.","МБОУ «Гимназия №93 » Советского района г. Казани"]
[26,"МАОУ «Лицей-интернат №7» Ново-Савиновского района г. Казани","Габидуллин","Л.","Р.","M",11,11,28.1,null,100,"не имеются",null,"География","Шакирова ","Ф. ","Р.","МАОУ «Лицей-интернат №7» Ново-Савиновского района г. Казани"]
[27,"МБОУ «Татарская гимназия №17 имени Г.Ибрагимова» Московского района г.Казани","Салахов","Ш.","К.","M",10,10,27.85,null,100,"не имеются",null,"География","Сайфуллина","З.","Н.","МБОУ «Татарская гимназия №17 имени Г.Ибрагимова» Московского района г.Казани"]
[28,"МБОУ «Гимназия №96» Вахитовского района г. Казани","Порфирьев","В.","С.","M",10,10,27,null,100,"не имеются",null,"География","Козлова","О.","Н.","МБОУ «Гимназия №96» Вахитовского района г. Казани"]
[29,"МБОУ «Гимназия №126» Советского района г. Казани","Абдуллин","И.","Р.","M",11,11,26.65,null,100,"не имеются",null,"География","Сайфуллина","Ф.","Д.","МБОУ «Гимназия №126» Советского района г. Казани"]
[30,"МАОУ \"Лицей №131\" Вахитовского района г. Казани","Рыбаков","К.","М.","M",10,10,26.3,null,100,"не имеются",null,"География","Кириллова","С.","И.","МАОУ \"Лицей №131\" Вахитовского района г. Казани"]
[31,"МБОУ «Средняя общеобразовательная школа №144 с углубленным изучением отдельных предметов» Советского района г. Казани","Королев","Ю.","С.","M",10,10,26.1,null,100,"не имеются",null,"География","Ясюченя","Р.","З.","МБОУ «Средняя общеобразовательная школа №144 с углубленным изучением отдельных предметов» Советского района г. Казани"]
[32,"МБОУ «Средняя общеобразовательная школа №175» Советского района г. Казани","Билалов","А.","Р.","M",11,11,25.6,null,100,"не имеются",null,"География","Халикова ","В. ","З. ","МБОУ «Средняя общеобразовательная школа №175» Советского района г. Казани"]
[33,"МБОУ «Гимназия №8» Советского района г. Казани","Кондратьева","М.","С.","M",10,10,25.35,null,100,"не имеются",null,"География","Юсупова","А.","Ю.","МБОУ «Гимназия №8» Советского района г. Казани"]
[34,"МБОУ «Гимназия №93 » Советского района г. Казани","Петкевич","В.","Е.","Ж",10,10,25.35,null,100,"не имеются",null,"География","Шлямина","И.","Б.","МБОУ «Гимназия №93 » Советского района г. Казани"]
[35,"МАОУ \"Лицей №131\" Вахитовского района г. Казани","Хабутдинов","А.","А.","M",10,10,24.85,null,100,"не имеются",null,"География","Кириллова","С.","И.","МАОУ \"Лицей №131\" Вахитовского района г. Казани"]
[36,"МБОУ \"Гимназия №4 \" Кировского района г.Казани","Маннапов","А.","Р.","M",11,11,24.8,null,100,"не имеются",null,"География","Богданова","Е.","А.","МБОУ \"Гимназия №4 \" Кировского района г.Казани"]
[37,"МБОУ «Средняя общеобразовательная школа №156» Советского района г. Казани","Каримова","Г.","Н.","Ж",10,10,24.3,null,100,"не имеются",null,"География","Коробкова","О.","В.","МБОУ «Средняя общеобразовательная школа №156» Советского района г. Казани"]
[38,"МБОУ «Гимназия №125» Советского района г. Казани","Семенов","Р.","Л.","M",11,11,24.05,null,100,"не имеются",null,"География","Авдошкина","Е.","И.","МБОУ «Гимназия №125» Советского района г. Казани"]
[39,"МАОУ «Гимназия №19» Приволжского района г. Казани. Школа - центр компетенции в электронном образовании. Базовая площадка по реализации мероприятия \"Реализация во всех субъектах РФ национальной образовательной инициативы \"Наша новая школа\"","Кириллов","В.","А.","M",11,11,23.9,null,100,"не имеются",null,"География","Шакирзянов","Д.","С.","МАОУ «Гимназия №19» Приволжского района г. Казани. Школа - центр компетенции в электронном образовании. Базовая площадка по реализации мероприятия \"Реализация во всех субъектах РФ национальной образовательной инициативы \"Наша новая школа\""]
[40,"МБОУ «Лицей №159» Советского района г. Казани","Бегматов","М.","Б.","M",11,11,23.85,null,100,"не имеются",null,"География","Полиектова","Л.","Л.","МБОУ «Лицей №159» Советского района г. Казани"]
[41,"МАОУ \"Лицей № 121\" Советского района г. Казани (Центр образования №178)","Валиев","Э.","Р.","M",10,10,23.6,null,100,"не имеются",null,"География","Ефанова","С.","Ю.","МАОУ \"Лицей № 121\" Советского района г. Казани (Центр образования №178)"]
[42,"МБОУ «Средняя общеобразовательная школа №170 с углублённым изучением отдельных предметов» Ново-Савиновского района г. Казани","Кондратьев","Е.","В.","M",10,10,23.35,null,100,"не имеются",null,"География","Аглямова","А.","Г.","МБОУ «Средняя общеобразовательная школа №170 с углублённым изучением отдельных предметов» Ново-Савиновского района г. Казани"]
[43,"МБОУ \"Гимназия №122 имени Ж.А Зайцевой\" Московского района г.Казани","Чередниченко","А.","А.","M",11,11,23.2,null,100,"не имеются",null,"География","Григорьева","Т.","Б.","МБОУ \"Гимназия №122 имени Ж.А Зайцевой\" Московского района г.Казани"]
[44,"МБОУ «Гимназия №6» Приволжского района г. Казани","Салахова","Р.","А.","Ж",11,11,22.85,null,100,"не имеются",null,"География","Архипова","Т.","И.","МБОУ «Гимназия №6» Приволжского района г. Казани"]
[45,"МБОУ \"Средняя общеобразовательная школа №32\" Кировского района г. Казани","Пинчукова","Е.","А.","Ж",10,10,22.1,null,100,"не имеются",null,"География","Порфирьева","Г.","Г.","МБОУ \"Средняя общеобразовательная школа №32\" Кировского района г. Казани"]
[46,"МБОУ «Лицей №83» Приволжского района г. Казани","Миннебаев","К.","Р.","M",11,11,21.6,null,100,"не имеются",null,"География","Кильдеев","Х.","А.","МБОУ «Лицей №83» Приволжского района г. Казани"]
[47,"МБОУ «Русско-татарская средняя общеобразовательная школа №129» Приволжского района г. Казани","Миннигулов","Д.","Р.","M",11,11,21.5,null,100,"не имеются",null,"География","Гимранова","Г.","Р.","МБОУ «Русско-татарская средняя общеобразовательная школа №129» Приволжского района г. Казани"]
[48,"МБОУ «Гимназия №8» Советского района г. Казани","Фицева","Е.","И.","Ж",10,10,21.35,null,100,"не имеются",null,"География","Юсупова","а.","Ю.","МБОУ «Гимназия №8» Советского района г. Казани"]
[49,"МБОУ «Гимназия №10» Авиастроительного района г. Казани","Касимов","И.","И.","M",10,10,20.65,null,100,"не имеются",null,"География","Газизуллина "," Г."," К.","МБОУ «Гимназия №10» Авиастроительного района г. Казани"]
[50,"МБОУ «Средняя общеобразовательная школа №171 с углубленным изучением отдельных предметов» Советского района г. Казани","Галиуллин","И.","Т.","M",11,11,20.5,null,100,"не имеются",null,"География","Пигасова","Ю.","М.","МБОУ «Средняя общеобразовательная школа №171 с углубленным изучением отдельных предметов» Советского района г. Казани"]
[51,"МБОУ «Средняя общеобразовательная школа №33 с углубленным изучением отдельных предметов» Авиастроительного района г. Казани","Гранфельд","Ю.","А.","M",11,11,20.35,null,100,"не имеются",null,"География","Гилязиева ","Н.","Г.","МБОУ «Средняя общеобразовательная школа №33 с углубленным изучением отдельных предметов» Авиастроительного района г. Казани"]
[52,"МАОУ \"Лицей № 121\" Советского района г. Казани (Центр образования №178)","Юнусов","Г.","Т.","M",10,10,20.35,null,100,"не имеются",null,"География","Ефанова","С.","Ю.","МАОУ \"Лицей № 121\" Советского района г. Казани (Центр образования №178)"]
[53,"Муниципальное автономное общеобразовательное учреждение для детей, проявивших выдающиеся способности «Средняя общеобразовательная школа-интернат «Специализированный олимпиадно-научный центр «СОлНЦе» Вахитовского района г. Казани","Минуллин","А.","Ю.","M",11,11,20.15,null,100,"не имеются",null,"География","Каримов","Ф.","К.","Муниципальное автономное общеобразовательное учреждение для детей, проявивших выдающиеся способности «Средняя общеобразовательная школа-интернат «Специализированный олимпиадно-научный центр «СОлНЦе» Вахитовского района г. Казани"]
[54,"МБОУ «Средняя общеобразовательная школа №114» Приволжского района г. Казани","Булкин ","А. ","Д. ","M",10,10,20.05,null,100,"не имеются",null,"География","Айнетдинова ","Ф. ","Х. ","МБОУ «Средняя общеобразовательная школа №114» Приволжского района г. Казани"]
[55,"МАОУ «Гимназия-интернат №4» Кировского района г.Казани","Хабибулина","А.","Ф.","Ж",11,11,20,null,100,"не имеются",null,"География","Вафина ","З.","Н.","МАОУ «Гимназия-интернат №4» Кировского района г.Казани"]
[56,"МБОУ «Средняя общеобразовательная татарско-русская школа №34» Московского района г. Казани","Загидуллин","Р.","М.","M",10,10,19.95,null,100,"не имеются",null,"География","Долгова","Т.","В.","МБОУ «Средняя общеобразовательная татарско-русская школа №34» Московского района г. Казани"]
[57,"МБОУ \"Средняя общеобразовательная школа №54\" Авиастроительного района г. Казани","Коновалов","А.","А.","M",11,11,18.95,null,100,"не имеются",null,"География","Хабибуллина","Н.","Р.","МБОУ \"Средняя общеобразовательная школа №54\" Авиастроительного района г. Казани"]
[58,"Муниципальное бюджетное общеобразовательное учреждение \"Средняя общеобразовательная татарско-русская школа №71 с углубленным изучением отдельных предметов\" Ново-Савиновского района города Казани","Яруллин","Т.","Р.","M",10,10,18.6,null,100,"не имеются",null,"География","Красавкина","Н.","Р.","Муниципальное бюджетное общеобразовательное учреждение \"Средняя общеобразовательная татарско-русская школа №71 с углубленным изучением отдельных предметов\" Ново-Савиновского района города Казани"]
[59,"Муниципальное автономное общеобразовательное учреждение для детей, проявивших выдающиеся способности «Средняя общеобразовательная школа-интернат «Специализированный олимпиадно-научный центр «СОлНЦе» Вахитовского района г. Казани","Исмагилов","Р.","И.","M",10,10,18.5,null,100,"не имеются",null,"География","Каримов","Ф.","К.","Муниципальное автономное общеобразовательное учреждение для детей, проявивших выдающиеся способности «Средняя общеобразовательная школа-интернат «Специализированный олимпиадно-научный центр «СОлНЦе» Вахитовского района г. Казани"]
[60,"Муниципальное автономное общеобразовательное учреждение для детей, проявивших выдающиеся способности «Средняя общеобразовательная школа-интернат «Специализированный олимпиадно-научный центр «СОлНЦе» Вахитовского района г. Казани","Эзеков","М.","Д.","M",10,10,18.5,null,100,"не имеются",null,"География","Каримов","Ф.","К.","Муниципальное автономное общеобразовательное учреждение для детей, проявивших выдающиеся способности «Средняя общеобразовательная школа-интернат «Специализированный олимпиадно-научный центр «СОлНЦе» Вахитовского района г. Казани"]
[61,"МБОУ \"Средняя русско-татарская общеобразовательная школа №57\" Кировского района г.Казани","Данилина","Д.","А.","Ж",11,11,18.35,null,100,"не имеются",null,"География","Замалиева","Э.","Д.","МБОУ \"Средняя русско-татарская общеобразовательная школа №57\" Кировского района г.Казани"]
[62,"МБОУ \"ООШ №108\" Советского района г. Казани","Губушкин","П.","А.","M",10,10,18.15,null,100,"не имеются",null,"География","Плющенко","И.","В.","МБОУ \"ООШ №108\" Советского района г. Казани"]
[63,"МБОУ \"Гимназия №155 с татарским языком обучения\" Ново-Савиновского района г.Казани","Абдулганиева","К.","Н.","Ж",10,10,18.1,null,100,"не имеются",null,"География","Ханнанова","Г.","М.","МБОУ \"Гимназия №155 с татарским языком обучения\" Ново-Савиновского района г.Казани"]
[64,"МБОУ «Средняя общеобразовательная школа №175» Советского района г. Казани","Галявиев","И.","Р.","M",10,10,18.05,null,100,"не имеются",null,"География","Мушарапова ","И. ","Ф. ","МБОУ «Средняя общеобразовательная школа №175» Советского района г. Казани"]
[65,"Муниципальное автономное общеобразовательное учреждение для детей, проявивших выдающиеся способности «Средняя общеобразовательная школа-интернат «Специализированный олимпиадно-научный центр «СОлНЦе» Вахитовского района г. Казани","Тумаков","М.","Д.","M",11,11,18,null,100,"не имеются",null,"География","Каримов","Ф.","К.","Муниципальное автономное общеобразовательное учреждение для детей, проявивших выдающиеся способности «Средняя общеобразовательная школа-интернат «Специализированный олимпиадно-научный центр «СОлНЦе» Вахитовского района г. Казани"]
[66,"МАОУ «Гимназия-интернат №4» Кировского района г.Казани","Шакирова","Э.","Н.","Ж",10,10,17.95,null,100,"не имеются",null,"География","Вафина ","З.","Н.","МАОУ «Гимназия-интернат №4» Кировского района г.Казани"]
[67,"МБОУ «Гимназия №18 с татарским языком обучения» Приволжского района г. Казани","Гараев","Б.","Р.","M",10,10,17.85,null,100,"не имеются",null,"География","Гизатуллина","И.","Р.","МБОУ «Гимназия №18 с татарским языком обучения» Приволжского района г. Казани"]
[68,"МБОУ «Средняя общеобразовательная школа №42» Приволжского района г. Казани","Назахова","Р.","Р.","M",10,10,17.85,null,100,"не имеются",null,"География","Ибатуллина ","Г.","М.","МБОУ «Средняя общеобразовательная школа №42» Приволжского района г. Казани"]
[69,"МАОУ «Средняя общеобразовательная школа №18 с углубленным изучением английского языка» Вахитовского района г. Казани","Зарипов","И.","И.","M",11,11,17.5,null,100,"не имеются",null,"География","Калянова","С.","П.","МАОУ «Средняя общеобразовательная школа №18 с углубленным изучением английского языка» Вахитовского района г. Казани"]
[70,"МБОУ «Средняя общеобразовательная татарско-русская школа №65 с углубленным изучением отдельных предметов» Московского района г. Казани","Ткачева","Д.","А.","Ж",11,11,17.15,null,100,"не имеются",null,"География","Юхтина","О.","В.","МБОУ «Средняя общеобразовательная татарско-русская школа №65 с углубленным изучением отдельных предметов» Московского района г. Казани"]
[71,"МБОУ «Гимназия №6» Приволжского района г. Казани","Ибрагимова","А.","Р.","Ж",10,10,17.1,null,100,"не имеются",null,"География","Архипова","Т.","И.","МБОУ «Гимназия №6» Приволжского района г. Казани"]
[72,"МБОУ «Средняя общеобразовательная школа №33 с углубленным изучением отдельных предметов» Авиастроительного района г. Казани","Потапова","К.","Е.","Ж",10,10,16.95,null,100,"не имеются",null,"География","Гилязиева","Н.","Г.","МБОУ «Средняя общеобразовательная школа №33 с углубленным изучением отдельных предметов» Авиастроительного района г. Казани"]
[73,"МБОУ \"Гимназия №122 имени Ж.А Зайцевой\" Московского района г.Казани","Шайдуллин","А.","Р.","M",10,10,16.95,null,100,"не имеются",null,"География","Садчикова","Э.","В.","МБОУ \"Гимназия №122 имени Ж.А Зайцевой\" Московского района г.Казани"]
[74,"МАОУ «Средняя общеобразовательная школа №39 с углубленным изучением английского языка» Вахитовского района г. Казани","Низамеев","К.","Н.","M",10,10,16.9,null,100,"не имеются",null,"География","Лычагина","Н.","С.","МАОУ «Средняя общеобразовательная школа №39 с углубленным изучением английского языка» Вахитовского района г. Казани"]
[75,"Муниципальное бюджетное общеобразовательное учреждение \"Лицей № 177\" Ново-Савиновского района г. Казани. Казан шәһәре Яңа Савин районының \"177 нче лицей\" гомуми белем бюджет муниципаль учреждениесе","Гимранова","К.","Р.","Ж",10,10,16.8,null,100,"не имеются",null,"География","Клдров","С.","Н.","Муниципальное бюджетное общеобразовательное учреждение \"Лицей № 177\" Ново-Савиновского района г. Казани. Казан шәһәре Яңа Савин районының \"177 нче лицей\" гомуми белем бюджет муниципаль учреждениесе"]
[76,"МБОУ «Гимназия №12 с татарским языком обучения имени Ф. Г. Аитовой» Московского района г. Казани","Хуснутдинова","А.","Р.","Ж",10,10,16.8,null,100,"не имеются",null,"География","Рахматуллина","З.","Н.","МБОУ «Гимназия №12 с татарским языком обучения имени Ф. Г. Аитовой» Московского района г. Казани"]
[77,"МБОУ «Татарско-русская средняя общеобразовательная школа №68 с углублённым изучением отдельных предметов» Приволжского района г. Казани","Ханзярова","Ч.","Н.","Ж",10,10,16.6,null,100,"не имеются",null,"География","Файзиева","Р.","М.","МБОУ «Татарско-русская средняя общеобразовательная школа №68 с углублённым изучением отдельных предметов» Приволжского района г. Казани"]
[78,"МБОУ «Гимназия №52» Приволжского района г. Казани","Балявина","Д.","О.","Ж",10,10,16.55,null,100,"не имеются",null,"География","Сухорученко","Л.","В.","МБОУ «Гимназия №52» Приволжского района г. Казани"]
[79,"МОУ «Средняя общеобразовательная школа №86 с углубленным изучением отдельных предметов» Советского района г. Казани","Гусев","И.","К.","M",11,11,16.35,null,100,"не имеются",null,"География","Леонтьева","Л.","Е.","МОУ «Средняя общеобразовательная школа №86 с углубленным изучением отдельных предметов» Советского района г. Казани"]
[80,"МБОУ \"Гимназия №155 с татарским языком обучения\" Ново-Савиновского района г.Казани","Гильмутдинова","З.","И.","Ж",10,10,16.3,null,100,"не имеются",null,"География","Ханнанова","Г.","М.","МБОУ \"Гимназия №155 с татарским языком обучения\" Ново-Савиновского района г.Казани"]
[81,"МБОУ «Гимназия №75 с этнокультурным русским компонентом» Московского района г.Казани","Никифорова","Н.","В.","Ж",11,11,16.15,null,100,"не имеются",null,"География","Клюкина","И.","Н.","МБОУ «Гимназия №75 с этнокультурным русским компонентом» Московского района г.Казани"]
[82,"МБОУ «Гимназия №96» Вахитовского района г. Казани","Ковтун","Д.","М.","Ж",10,10,16.1,null,100,"не имеются",null,"География","Козлова","О.","Н.","МБОУ «Гимназия №96» Вахитовского района г. Казани"]
[83,"МБОУ «Средняя общеобразовательная школа №156» Советского района г. Казани","Тютько","А.","В.","Ж",10,10,16.1,null,100,"не имеются",null,"География","Коробкова","О.","В.","МБОУ «Средняя общеобразовательная школа №156» Советского района г. Казани"]
[84,"МБОУ «Средняя общеобразовательная татарско-русская школа №34» Московского района г. Казани","Игнатьева","А.","М.","M",10,10,15.85,null,100,"не имеются",null,"География","Долгова","Т.","В.","МБОУ «Средняя общеобразовательная татарско-русская школа №34» Московского района г. Казани"]
[85,"МБОУ «Средняя общеобразовательная школа №95 с углубленным изучением отдельных предметов» Приволжского района г. Казани","Зарипова","Р.","Р.","Ж",10,10,15.8,null,100,"не имеются",null,"География","Бугрова","О.","Н.","МБОУ «Средняя общеобразовательная школа №95 с углубленным изучением отдельных предметов» Приволжского района г. Казани"]
[86,"МБОУ «Средняя общеобразовательная школа №175» Советского района г. Казани","Якимова","А.","А.","Ж",10,10,15.6,null,100,"не имеются",null,"География","Мушарапова ","И. ","Ф. ","МБОУ «Средняя общеобразовательная школа №175» Советского района г. Казани"]
[87,"МБОУ «Лицей №159» Советского района г. Казани","Абубакиров","А.","А.","M",11,11,15.35,null,100,"не имеются",null,"География","Полиектова","Л.","Л.","МБОУ «Лицей №159» Советского района г. Казани"]
[88,"МБОУ «Средняя общеобразовательная школа №175» Советского района г. Казани","Хисамутдинова","А.","Р.","Ж",11,11,15.35,null,100,"не имеются",null,"География","Халикова"," В. ","З. ","МБОУ «Средняя общеобразовательная школа №175» Советского района г. Казани"]
[89,"МБОУ «Средняя общеобразовательная школа №114» Приволжского района г. Казани","Шарапов ","Э. ","Р. ","M",10,10,15.35,null,100,"не имеются",null,"География","Айнетдинова ","Ф. ","Х. ","МБОУ «Средняя общеобразовательная школа №114» Приволжского района г. Казани"]
[90,"Муниципальное автономное общеобразовательное учреждение для детей, проявивших выдающиеся способности «Средняя общеобразовательная школа-интернат «Специализированный олимпиадно-научный центр «СОлНЦе» Вахитовского района г. Казани","Мустакимов","С.","Р.","M",11,11,15.34,null,100,"не имеются",null,"География","Каримов","Ф.","К.","Муниципальное автономное общеобразовательное учреждение для детей, проявивших выдающиеся способности «Средняя общеобразовательная школа-интернат «Специализированный олимпиадно-научный центр «СОлНЦе» Вахитовского района г. Казани"]
[91,"МБОУ «Средняя общеобразовательная школа №156» Советского района г. Казани","Галеев","А.","Д.","M",11,11,15.1,null,100,"не имеются",null,"География","Коробкова","О.","В.","МБОУ «Средняя общеобразовательная школа №156» Советского района г. Казани"]
[92,"МБОУ «Лицей №83» Приволжского района г. Казани","Матросов","А.","Р.","M",10,10,15.1,null,100,"не имеются",null,"География","Кильдеев","Х.","А.","МБОУ «Лицей №83» Приволжского района г. Казани"]
[93,"МБОУ «Средняя общеобразовательная школа №49» Ново-Савиновского района г. Казани","Медведева","О.","В.","Ж",11,11,14.8,null,100,"не имеются",null,"География","Тукаева","М.","Ф.","МБОУ «Средняя общеобразовательная школа №49» Ново-Савиновского района г. Казани"]
[94,"МБОУ «Лицей №149 с татарским языком обучения» Советского района г. Казани","Алимов","Р.","Р.","M",11,11,14.6,null,100,"не имеются",null,"География","Сабирова","Г.","Р.","МБОУ «Лицей №149 с татарским языком обучения» Советского района г. Казани"]
[95,"МБОУ «Гимназия №93 » Советского района г. Казани","Зарипов","Н.","М.","M",11,11,14.6,null,100,"не имеются",null,"География","Шлямина","И.","Б.","МБОУ «Гимназия №93 » Советского района г. Казани"]
[96,"Лицей-интернат \"IТ-лицей К(П)ФУ\"","Лысов","А.","А.","M",10,10,14.55,null,100,"не имеются",null,"География","Гарифова","Р.","В.","Лицей-интернат \"IТ-лицей К(П)ФУ\""]
[97,"Муниципальное бюджетное общеобразовательное учреждение \"Средняя общеобразовательная татарско-русская школа №71 с углубленным изучением отдельных предметов\" Ново-Савиновского района города Казани","Гарафиева","Л.","И.","Ж",11,11,14.3,null,100,"не имеются",null,"География","Красавкина","Н.","Р.","Муниципальное бюджетное общеобразовательное учреждение \"Средняя общеобразовательная татарско-русская школа №71 с углубленным изучением отдельных предметов\" Ново-Савиновского района города Казани"]
[98,"Муниципальное автономное общеобразовательное учреждение для детей, проявивших выдающиеся способности «Средняя общеобразовательная школа-интернат «Специализированный олимпиадно-научный центр «СОлНЦе» Вахитовского района г. Казани","Шамсутдинова","Р.","К.","Ж",10,10,14.25,null,100,"не имеются",null,"География","Каримов","Ф.","К.","Муниципальное автономное общеобразовательное учреждение для детей, проявивших выдающиеся способности «Средняя общеобразовательная школа-интернат «Специализированный олимпиадно-научный центр «СОлНЦе» Вахитовского района г. Казани"]
[99,"МБОУ «Средняя общеобразовательная школа №42» Приволжского района г. Казани","Ганичева","Д.","Э.","Ж",10,10,14.15,null,100,"не имеются",null,"География","Ибатуллина ","Г.","М.","МБОУ «Средняя общеобразовательная школа №42» Приволжского района г. Казани"]
[100,"ГБМБУ \"КФУ каршындагы 2 нче татар гимназиясе\" МБОУ \"Татарская гимназия №2 при КФУ\"","Бадртдинов","А.","Р.","M",11,11,14.1,null,100,"не имеются",null,"География","Курбангалиева    ","Э. ","М.","ГБМБУ \"КФУ каршындагы 2 нче татар гимназиясе\" МБОУ \"Татарская гимназия №2 при КФУ\""]
[101,"МБОУ «Средняя общеобразовательная школа №156» Советского района г. Казани","Сайфутдинов","А.","Р.","M",11,11,13.7,null,100,"не имеются",null,"География","Коробкова","О.","В.","МБОУ «Средняя общеобразовательная школа №156» Советского района г. Казани"]
[102,"МБОУ «Лицей №116» Вахитовского района г. Казани","Хафизов","И.","Р.","M",10,10,13.65,null,100,"не имеются",null,"География","Бяулова"," Е. ","Н.","МБОУ «Лицей №116» Вахитовского района г. Казани"]
[103,"МБОУ «Гимназия №93 » Советского района г. Казани","Комиссаров","А.","В.","M",11,11,13.6,null,100,"не имеются",null,"География","Шлямина","И.","Б.","МБОУ «Гимназия №93 » Советского района г. Казани"]
[104,"МБОУ \"Гимназия №4 \" Кировского района г.Казани","Салахов","К.","Ф.","M",10,10,13.6,null,100,"не имеются",null,"География","Богданова","Е.","А.","МБОУ \"Гимназия №4 \" Кировского района г.Казани"]
[105,"МБОУ «Средняя общеобразовательная школа №79» Советского района г. Казани","Гильмутдинова","А.","Р.","Ж",10,10,13.45,null,100,"не имеются",null,"География","Толстых","Г.","Е.","МБОУ «Средняя общеобразовательная школа №79» Советского района г. Казани"]
[106,"МБОУ «Гимназия №14» Авиастроительного района г. Казани","Саитов","Р.","Р.","M",10,10,13.35,null,100,"не имеются",null,"География","Залалдинов","Л.","З.","МБОУ «Гимназия №14» Авиастроительного района г. Казани"]
[107,"МБОУ «Средняя общеобразовательная русско-татарская школа №13» Вахитовского района г. Казани","Каллаур","А.","О.","M",10,10,13.05,null,100,"не имеются",null,"География","Овчинников","С.","Н.","МБОУ «Средняя общеобразовательная русско-татарская школа №13» Вахитовского района г. Казани"]
[108,"МБОУ «Гимназия №126» Советского района г. Казани","Фаткуллин","Б.","Ф.","M",11,11,12.95,null,100,"не имеются",null,"География","Сайфуллина","Ф.","Д.","МБОУ «Гимназия №126» Советского района г. Казани"]
[109,"МБОУ «Русско-татарская средняя общеобразовательная школа №129» Приволжского района г. Казани","Нурасов","Р.","И.","M",11,11,12.8,null,100,"не имеются",null,"География","Гимранова","Г.","Р.","МБОУ «Русско-татарская средняя общеобразовательная школа №129» Приволжского района г. Казани"]
[110,"МБОУ \"Гимназия №122 имени Ж.А Зайцевой\" Московского района г.Казани","Севодин","И.","С.","M",11,11,12.8,null,100,"не имеются",null,"География","Григорьева","Т.","Б.","МБОУ \"Гимназия №122 имени Ж.А Зайцевой\" Московского района г.Казани"]
[111,"МАОУ «Средняя общеобразовательная школа №39 с углубленным изучением английского языка» Вахитовского района г. Казани","Варламова","М.","А.","Ж",10,10,12.8,null,100,"не имеются",null,"География","Королева","Г.","В.","МАОУ «Средняя общеобразовательная школа №39 с углубленным изучением английского языка» Вахитовского района г. Казани"]
[112,"МБОУ «Средняя общеобразовательная школа №84» с углубленным изучением иностранных языков Советского района г. Казани","Давлетшин","А.","Р.","M",10,10,12.75,null,100,"не имеются",null,"География","Чучева","О.","А.","МБОУ «Средняя общеобразовательная школа №84» с углубленным изучением иностранных языков Советского района г. Казани"]
[113,"МБОУ «Средняя общеобразовательная школа №49» Ново-Савиновского района г. Казани","Сафина","Д.","Р.","Ж",11,11,12.65,null,100,"не имеются",null,"География","Тукаева","М.","Ф.","МБОУ «Средняя общеобразовательная школа №49» Ново-Савиновского района г. Казани"]
[114,"МБОУ «Лицей №149 с татарским языком обучения» Советского района г. Казани","Матюхов","А.","В.","M",10,10,12.65,null,100,"не имеются",null,"География","Сабирова","Г.","Р.","МБОУ «Лицей №149 с татарским языком обучения» Советского района г. Казани"]
[115,"МБОУ «Средняя общеобразовательная школа №114» Приволжского района г. Казани","Замалетдинова ","Л. ","Р. ","Ж",11,11,12.6,null,100,"не имеются",null,"География","Айнетдинова ","Ф. ","Х. ","МБОУ «Средняя общеобразовательная школа №114» Приволжского района г. Казани"]
[116,"МБОУ «Средняя общеобразовательная школа №72 с углубленным изучением немецкого языка» Советского района г. Казани","Куликов","Р.","В.","M",11,11,12.6,null,100,"не имеются",null,"География","Шустова","Т.","В.","МБОУ «Средняя общеобразовательная школа №72 с углубленным изучением немецкого языка» Советского района г. Казани"]
[117,"МБОУ «Средняя общеобразовательная школа №84» с углубленным изучением иностранных языков Советского района г. Казани","Световидова","М.","А.","Ж",11,11,12.6,null,100,"не имеются",null,"География","Чучева","О.","А.","МБОУ «Средняя общеобразовательная школа №84» с углубленным изучением иностранных языков Советского района г. Казани"]
[118,"МБОУ \"Средняя общеобразовательная школа №137 с углубленным изучением отдельных предметов\" Кировского района г.Казани","Ельмикеева","И.","Ю.","Ж",11,11,12.45,null,100,"не имеются",null,"География","Исаева","Е.","П.","МБОУ \"Средняя общеобразовательная школа №137 с углубленным изучением отдельных предметов\" Кировского района г.Казани"]
[119,"МБОУ «Средняя общеобразовательная школа №114» Приволжского района г. Казани","Нугуманова ","А. ","Р. ","Ж",11,11,12.1,null,100,"не имеются",null,"География","Айнетдинова ","Ф. ","Х. ","МБОУ «Средняя общеобразовательная школа №114» Приволжского района г. Казани"]
[120,"МБОУ «Средняя общеобразовательная школа №95 с углубленным изучением отдельных предметов» Приволжского района г. Казани","Сурдакова","М.","Ю.","Ж",10,10,12.05,null,100,"не имеются",null,"География","Бугрова","О.","Н.","МБОУ «Средняя общеобразовательная школа №95 с углубленным изучением отдельных предметов» Приволжского района г. Казани"]
[121,"МБОУ «Гимназия №21» Приволжского района г. Казани","Луговнин","И.","А.","M",10,10,11.8,null,100,"не имеются",null,"География","Никишина","Н.","А.","МБОУ «Гимназия №21» Приволжского района г. Казани"]
[122,"МБОУ \"Татарская гимназия №15\" Кировского района г.Казани","Каримов","Р.","Д.","M",11,11,11.5,null,100,"не имеются",null,"География","Кириллова","А.","В.","МБОУ \"Татарская гимназия №15\" Кировского района г.Казани"]
[123,"МБОУ «Средняя общеобразовательная школа №84» с углубленным изучением иностранных языков Советского района г. Казани","Хисматуллин","К.","И.","M",10,10,11.5,null,100,"не имеются",null,"География","Чучева","О. ","А.","МБОУ «Средняя общеобразовательная школа №84» с углубленным изучением иностранных языков Советского района г. Казани"]
[124,"МБОУ «Средняя общеобразовательная школа №64» Московского района г. Казани","Жуков","В.","Р.","M",10,10,11.35,null,100,"не имеются",null,"География","Хисамбеева","А.","Х.","МБОУ «Средняя общеобразовательная школа №64» Московского района г. Казани"]
[125,"МАОУ «Средняя общеобразовательная школа №39 с углубленным изучением английского языка» Вахитовского района г. Казани","Замалиева","Э.","Н.","Ж",10,10,11.35,null,100,"не имеются",null,"География","Королева","Г.","В.","МАОУ «Средняя общеобразовательная школа №39 с углубленным изучением английского языка» Вахитовского района г. Казани"]
[126,"МБОУ «Средняя общеобразовательная школа №156» Советского района г. Казани","Ожегов","И.","С.","M",11,11,11.05,null,100,"не имеются",null,"География","Коробкова","о.","В.","МБОУ «Средняя общеобразовательная школа №156» Советского района г. Казани"]
[127,"МБОУ «Средняя общеобразовательная школа №85 с углубленным изучением отдельных предметов» Ново-Савиновского района г. Казани","Мальцев","К.","В.","M",10,10,11.05,null,100,"не имеются",null,"География","Карагланова","Г.","А.","МБОУ «Средняя общеобразовательная школа №85 с углубленным изучением отдельных предметов» Ново-Савиновского района г. Казани"]
[128,"МБОУ «Средняя общеобразовательная школа №101 имени П.А.Полушкина» Советского района г. Казани","Хусаинова","И.","Р.","Ж",10,10,11.05,null,100,"не имеются",null,"География","Левина ","Н.","Д.","МБОУ «Средняя общеобразовательная школа №101 имени П.А.Полушкина» Советского района г. Казани"]
[129,"МБОУ «Гимназия №21» Приволжского района г. Казани","Салахутдинов","А.","Ф.","M",11,11,10.95,null,100,"не имеются",null,"География","Никишина","Н.","А.","МБОУ «Гимназия №21» Приволжского района г. Казани"]
[130,"МБОУ \"Средняя русско-татарская общеобразовательная школа №57\" Кировского района г.Казани","Городницкий","А.","С.","M",11,11,10.9,null,100,"не имеются",null,"География","Замалиева","Э.","Д.","МБОУ \"Средняя русско-татарская общеобразовательная школа №57\" Кировского района г.Казани"]
[131,"Государственное бюджетное общеобразовательное учреждение \"Казанская школа № 172 для детей с ограниченными возможностями здоровья\"","Рамазанов","И.","И.","M",11,11,10.9,null,100,"имеются",null,"География","Бикбаева","Г.","Ф.","Государственное бюджетное общеобразовательное учреждение \"Казанская школа № 172 для детей с ограниченными возможностями здоровья\""]
[132,"МБОУ \"Средняя русско-татарская общеобразовательная школа №57\" Кировского района г.Казани","Вагин","И.","С.","M",11,11,10.85,null,100,"не имеются",null,"География","Замалиева","Э.","Д.","МБОУ \"Средняя русско-татарская общеобразовательная школа №57\" Кировского района г.Казани"]
[133,"МБОУ \"Средняя общеобразовательная школа №137 с углубленным изучением отдельных предметов\" Кировского района г.Казани","Носикова","А.","Д.","Ж",11,11,10.85,null,100,"не имеются",null,"География","Исаева","Е.","П.","МБОУ \"Средняя общеобразовательная школа №137 с углубленным изучением отдельных предметов\" Кировского района г.Казани"]
[134,"МАОУ \"Лицей № 121\" Советского района г. Казани (Центр образования №178)","Аветисян","А.","А.","M",10,10,10.85,null,100,"не имеются",null,"География","Ефанова","С.","Ю.","МАОУ \"Лицей № 121\" Советского района г. Казани (Центр образования №178)"]
[135,"МБОУ «Средняя общеобразовательная русско-татарская школа №13» Вахитовского района г. Казани","Юсупкина","Ю.","Н.","Ж",10,10,10.75,null,100,"не имеются",null,"География","Овчинников","С.","Н.","МБОУ «Средняя общеобразовательная русско-татарская школа №13» Вахитовского района г. Казани"]
[136,"МАОУ «Средняя общеобразовательная школа №18 с углубленным изучением английского языка» Вахитовского района г. Казани","Зарипова","И.","И.","Ж",11,11,10.6,null,100,"не имеются",null,"География","Калянова","С.","П.","МАОУ «Средняя общеобразовательная школа №18 с углубленным изучением английского языка» Вахитовского района г. Казани"]
[137,"МБОУ «Средняя общеобразовательная школа №72 с углубленным изучением немецкого языка» Советского района г. Казани","Макарова","М.","В.","Ж",11,11,10.5,null,100,"не имеются",null,"География","Шустова","Т.","В.","МБОУ «Средняя общеобразовательная школа №72 с углубленным изучением немецкого языка» Советского района г. Казани"]
[138,"МБОУ\" Гимназия №3 с татарским языком обучения\" Кировского района г.Казани","Валиуллина","Д.","А.","Ж",10,10,10.5,null,100,"не имеются",null,"География","Халикова","Э.","Х.","МБОУ\" Гимназия №3 с татарским языком обучения\" Кировского района г.Казани"]
[139,"МБОУ «Средняя общеобразовательная школа №33 с углубленным изучением отдельных предметов» Авиастроительного района г. Казани","Губайдуллина","А.","Р.","Ж",11,11,10.4,null,100,"не имеются",null,"География","Гилязиева","Н.","Г.","МБОУ «Средняя общеобразовательная школа №33 с углубленным изучением отдельных предметов» Авиастроительного района г. Казани"]
[140,"МБОУ \"Татарская гимназия №15\" Кировского района г.Казани","Муртазин","Д.","Р.","M",11,11,10.25,null,100,"не имеются",null,"География","Кириллова","А.","В.","МБОУ \"Татарская гимназия №15\" Кировского района г.Казани"]
[141,"МБОУ «Средняя общеобразовательная школа №41» Вахитовского района г. Казани/ Казан шәһәрнең Вахитов районының 41нче урта гомуми белем бирү мәктәбе","Гончаров","В.","А.","M",11,11,10.05,null,100,"не имеются",null,"География","Скробова","О.","В.","МБОУ «Средняя общеобразовательная школа №41» Вахитовского района г. Казани/ Казан шәһәрнең Вахитов районының 41нче урта гомуми белем бирү мәктәбе"]
[142,"МБОУ «Гимназия №96» Вахитовского района г. Казани","Абдуллина","А.","Р.","Ж",10,10,10.05,null,100,"не имеются",null,"География","Козлова","О.","Н.","МБОУ «Гимназия №96» Вахитовского района г. Казани"]
[143,"МАОУ «Лицей-интернат №7» Ново-Савиновского района г. Казани","Азимуратов","А.","Б.","M",11,11,9.9,null,100,"не имеются",null,"География","Шакирова ","Ф. ","Р.","МАОУ «Лицей-интернат №7» Ново-Савиновского района г. Казани"]
[144,"МБОУ \"Средняя общеобразовательная школа №54\" Авиастроительного района г. Казани","Ибрагимов","Р.","Л.","M",10,10,9.85,null,100,"не имеются",null,"География","Хабибуллина","Н.","Р.","МБОУ \"Средняя общеобразовательная школа №54\" Авиастроительного района г. Казани"]
[145,"МБОУ \"Гимназия №122 имени Ж.А Зайцевой\" Московского района г.Казани","Манелов","Я.","Д.","M",10,10,9.85,null,100,"не имеются",null,"География","Садчикова","Э.","В.","МБОУ \"Гимназия №122 имени Ж.А Зайцевой\" Московского района г.Казани"]
[146,"МБОУ «Средняя общеобразовательная русско-татарская школа №103» Ново-Савиновского района г. Казани","Кочнева","А.","О.","Ж",10,10,9.8,null,100,"не имеются",null,"География","Гарипова","Ф.","В.","МБОУ «Средняя общеобразовательная русско-татарская школа №103» Ново-Савиновского района г. Казани"]
[147,"МБОУ «Средняя общеобразовательная школа № 1 с углубленным изучением отдельных предметов» Вахитовского района г. Казани","Талыбов","Г.","С.","M",10,10,9.75,null,100,"не имеются",null,"География","Кавиева","Р.","А.","МБОУ «Средняя общеобразовательная школа № 1 с углубленным изучением отдельных предметов» Вахитовского района г. Казани"]
[148,"МБОУ «Гимназия №126» Советского района г. Казани","Алиев","Ш.","Ш.","M",11,11,9.6,null,100,"не имеются",null,"География","Сайфуллина","Ф.","Д.","МБОУ «Гимназия №126» Советского района г. Казани"]
[149,"МБОУ «Гимназия №90» Советского района г. Казани","Гарифуллина","А.","Р.","Ж",11,11,9.6,null,100,"не имеются",null,"География","Миронская","Л.","Г.","МБОУ «Гимназия №90» Советского района г. Казани"]
[150,"МБОУ «Средняя общеобразовательная школа №69» Приволжского района г. Казани","Имангулова","К.","Д.","Ж",10,10,9.6,null,100,"не имеются",null,"География","Тихонова","Н.","А.","МБОУ «Средняя общеобразовательная школа №69» Приволжского района г. Казани"]
[151,"МБОУ \"Средняя общеобразовательная школа №137 с углубленным изучением отдельных предметов\" Кировского района г.Казани","Талов","М.","Ф.","M",10,10,9.6,null,100,"не имеются",null,"География","Исаева","Е.","П.","МБОУ \"Средняя общеобразовательная школа №137 с углубленным изучением отдельных предметов\" Кировского района г.Казани"]
[152,"МБОУ «Средняя общеобразовательная школа №82 с углубленным изучением отдельных предметов» Приволжского района г. Казани","Каратаева","А.","Л.","Ж",10,10,9.55,null,100,"не имеются",null,"География","Комар","Е.","А.","МБОУ «Средняя общеобразовательная школа №82 с углубленным изучением отдельных предметов» Приволжского района г. Казани"]
[153,"ГБМБУ \"КФУ каршындагы 2 нче татар гимназиясе\" МБОУ \"Татарская гимназия №2 при КФУ\"","Сайфутдинов","И.","Д.","M",11,11,9.45,null,100,"не имеются",null,"География","Курбангалиева"," Э."," М.","ГБМБУ \"КФУ каршындагы 2 нче татар гимназиясе\" МБОУ \"Татарская гимназия №2 при КФУ\""]
[154,"МБОУ \"Средняя общеобразовательная школа №60\" Авиастроительного района г. Казани","Исхакова","А.","А.","Ж",11,11,9.3,null,100,"не имеются",null,"География","Миронова","Л.","А.","МБОУ \"Средняя общеобразовательная школа №60\" Авиастроительного района г. Казани"]
[155,"МБОУ «Татарско-русская средняя общеобразовательная школа №10 с углубленным изучением отдельных предметов» Приволжского района г. Казани","Хабирова","И.","И.","Ж",10,10,9.3,null,100,"не имеются",null,"География","Загидуллина","Г.","Х.","МБОУ «Татарско-русская средняя общеобразовательная школа №10 с углубленным изучением отдельных предметов» Приволжского района г. Казани"]
[156,"МБОУ\" Гимназия №3 с татарским языком обучения\" Кировского района г.Казани","Ахметзянова ","Р.","Н.","Ж",10,10,9.3,null,100,"не имеются",null,"География","Халикова","Э.","Х.","МБОУ\" Гимназия №3 с татарским языком обучения\" Кировского района г.Казани"]
[157,"МБОУ «Средняя общеобразовательная школа №170 с углублённым изучением отдельных предметов» Ново-Савиновского района г. Казани","Камалеева","А.","Р.","Ж",10,10,9.3,null,100,"не имеются",null,"География","Белоус","С.","А.","МБОУ «Средняя общеобразовательная школа №170 с углублённым изучением отдельных предметов» Ново-Савиновского района г. Казани"]
[158,"МБОУ \"Гимназия №122 имени Ж.А Зайцевой\" Московского района г.Казани","Шафигуллин","А.","Р.","M",11,11,9.25,null,100,"не имеются",null,"География","Григорьева","Т.","Б.","МБОУ \"Гимназия №122 имени Ж.А Зайцевой\" Московского района г.Казани"]
[159,"МБОУ «Гимназия №10» Авиастроительного района г. Казани","Хабибуллина","Л.","И.","Ж",10,10,9.25,null,100,"не имеются",null,"География","Газизуллина "," Г. "," К.","МБОУ «Гимназия №10» Авиастроительного района г. Казани"]
[160,"Муниципальное бюджетное общеобразовательное учреждение «Средняя общеобразовательная школа №130» Московского района г. Казани","Ахмадиева","Д.","Ф.","Ж",10,10,9.1,null,100,"не имеются",null,"География","Абызова","И.","П.","Муниципальное бюджетное общеобразовательное учреждение «Средняя общеобразовательная школа №130» Московского района г. Казани"]
[161,"МБОУ «Гимназия №21» Приволжского района г. Казани","Нигмедзянов","Р.","Р.","M",10,10,9.05,null,100,"не имеются",null,"География","Никишина","Н.","А.","МБОУ «Гимназия №21» Приволжского района г. Казани"]
[162,"МБОУ «Средняя общеобразовательная школа № 1 с углубленным изучением отдельных предметов» Вахитовского района г. Казани","Абдуллин","Д.","Б.","M",10,10,8.95,null,100,"не имеются",null,"География","Кавиева","Р.","А.","МБОУ «Средняя общеобразовательная школа № 1 с углубленным изучением отдельных предметов» Вахитовского района г. Казани"]
[163,"МБОУ «Средняя общеобразовательная татарско-русская школа №34» Московского района г. Казани","Иванова","А.","И.","Ж",11,11,8.85,null,100,"не имеются",null,"География","Долгова","Т.","В.","МБОУ «Средняя общеобразовательная татарско-русская школа №34» Московского района г. Казани"]
[164,"МБОУ «Гимназия №14» Авиастроительного района г. Казани","Гатин","И.","Р.","M",10,10,8.85,null,100,"не имеются",null,"География","Залалдинов","Л.","З.","МБОУ «Гимназия №14» Авиастроительного района г. Казани"]
[165,"МБОУ \"Гимназия №155 с татарским языком обучения\" Ново-Савиновского района г.Казани","Зинатуллина","А.","И.","Ж",10,10,8.8,null,100,"не имеются",null,"География","Ханнанова","Г.","М.","МБОУ \"Гимназия №155 с татарским языком обучения\" Ново-Савиновского района г.Казани"]
[166,"МБОУ \"Татарская гимназия №15\" Кировского района г.Казани","Гильманов","Р.","Р.","M",11,11,8.6,null,100,"не имеются",null,"География","Кириллова","А.","В.","МБОУ \"Татарская гимназия №15\" Кировского района г.Казани"]
[167,"МБОУ «Гимназия №40» Приволжского района г. Казани","Фазылова","Д.","Ш.","Ж",10,10,8.45,null,100,"не имеются",null,"География","Сугак","О.","В.","МБОУ «Гимназия №40» Приволжского района г. Казани"]
[168,"МБОУ \"Гимназия №155 с татарским языком обучения\" Ново-Савиновского района г.Казани","Банк","М.","Р.","Ж",10,10,8.25,null,100,"не имеются",null,"География","Ханнанова","Г.","М.","МБОУ \"Гимназия №155 с татарским языком обучения\" Ново-Савиновского района г.Казани"]
[169,"Муниципальное бюджетное общеобразовательное учреждение \"Средняя общеобразовательная татарско-русская школа №71 с углубленным изучением отдельных предметов\" Ново-Савиновского района города Казани","Галиев","Р.","А.","M",11,11,8.15,null,100,"не имеются",null,"География","Красавкина","Н.","Р.","Муниципальное бюджетное общеобразовательное учреждение \"Средняя общеобразовательная татарско-русская школа №71 с углубленным изучением отдельных предметов\" Ново-Савиновского района города Казани"]
[170,"МБОУ\" Гимназия №3 с татарским языком обучения\" Кировского района г.Казани","Капитонова","Н.","С.","ж",10,10,7.8,null,100,"не имеются",null,"География","Халикова","Э.","Х.","МБОУ\" Гимназия №3 с татарским языком обучения\" Кировского района г.Казани"]
[171,"МБОУ «Средняя общеобразовательная русско-татарская школа №103» Ново-Савиновского района г. Казани","Мыжинская","М.","В.","Ж",10,10,7.8,null,100,"не имеются",null,"География","Гарипова","Ф.","В.","МБОУ «Средняя общеобразовательная русско-татарская школа №103» Ново-Савиновского района г. Казани"]
[172,"МБОУ \"Средняя русско-татарская общеобразовательная школа №57\" Кировского района г.Казани","Шарафуллина","Д.","Р.","Ж",10,10,7.8,null,100,"не имеются",null,"География","Замалиева","Э.","Д.","МБОУ \"Средняя русско-татарская общеобразовательная школа №57\" Кировского района г.Казани"]
[173,"МБОУ \"Татарская гимназия №15\" Кировского района г.Казани","Байрамова","К.","М.","Ж",11,11,7.5,null,100,"не имеются",null,"География","Кириллова","А.","В.","МБОУ \"Татарская гимназия №15\" Кировского района г.Казани"]
[174,"МБОУ «Гимназия №10» Авиастроительного района г. Казани","Мубаракшина","А.","Р.","Ж",10,10,7.5,null,100,"не имеются",null,"География","Газизуллина "," Г. ","К.","МБОУ «Гимназия №10» Авиастроительного района г. Казани"]
[175,"МБОУ «Средняя общеобразовательная школа №42» Приволжского района г. Казани","Ахтямов","Р.","Л.","M",11,11,7.45,null,100,"не имеются",null,"География","Ибатуллина ","Г.","М.","МБОУ «Средняя общеобразовательная школа №42» Приволжского района г. Казани"]
[176,"МБОУ «Средняя общеобразовательная школа №42» Приволжского района г. Казани","Галиуллин","С.","А.","M",11,11,6.85,null,100,"не имеются",null,"География","Ибатуллина ","Г.","М.","МБОУ «Средняя общеобразовательная школа №42» Приволжского района г. Казани"]
[177,"МБОУ \"Средняя общеобразовательная школа №77\" Авиастроительного района г. Казани","Хабибрахманов","Р.","Э.","M",10,10,6.85,null,100,"не имеются",null,"География","Вавилова","К.","Ю.","МБОУ \"Средняя общеобразовательная школа №77\" Авиастроительного района г. Казани"]
[178,"МБОУ «Татарско-русская средняя общеобразовательная школа №10 с углубленным изучением отдельных предметов» Приволжского района г. Казани","Мифтахова","А.","Р.","Ж",10,10,6.55,null,100,"не имеются",null,"География","Загидуллина","Г.","Х.","МБОУ «Татарско-русская средняя общеобразовательная школа №10 с углубленным изучением отдельных предметов» Приволжского района г. Казани"]
[179,"МБОУ «Средняя общеобразовательная татарско-русская школа №80 с углубленным изучением отдельных предметов» Вахитовского района г. Казани","Хайруллина","И.","А.","Ж",11,11,6.3,null,100,"не имеются",null,"География","Узяркин","А.","Л.","МБОУ «Средняя общеобразовательная татарско-русская школа №80 с углубленным изучением отдельных предметов» Вахитовского района г. Казани"]
[180,"МБОУ «Средняя общеобразовательная татарско-русская школа №80 с углубленным изучением отдельных предметов» Вахитовского района г. Казани","Ситдикова","Э.","Г.","Ж",11,11,6,null,100,"не имеются",null,"География","Узяркин","А.","Л.","МБОУ «Средняя общеобразовательная татарско-русская школа №80 с углубленным изучением отдельных предметов» Вахитовского района г. Казани"]
[181,"МБОУ «Средняя общеобразовательная татарско-русская школа №80 с углубленным изучением отдельных предметов» Вахитовского района г. Казани","Низамова","Д.","И.","Ж",10,10,6,null,100,"не имеются",null,"География","Узяркин","А.","Л.","МБОУ «Средняя общеобразовательная татарско-русская школа №80 с углубленным изучением отдельных предметов» Вахитовского района г. Казани"]
[182,"МБОУ\" Гимназия №3 с татарским языком обучения\" Кировского района г.Казани","Мифтахова","А.","А.","Ж",10,10,5.8,null,100,"не имеются",null,"География","Халикова","Э.","Х.","МБОУ\" Гимназия №3 с татарским языком обучения\" Кировского района г.Казани"]
[183,"МБОУ \"Средняя общеобразовательная школа №54\" Авиастроительного района г. Казани","Зайцев","В.","Л.","M",10,10,4.6,null,100,"не имеются",null,"География","Хабибуллина","Н.","Р.","МБОУ \"Средняя общеобразовательная школа №54\" Авиастроительного района г. Казани"]
[184,"МБОУ «Средняя общеобразовательная татарско-русская школа №23 с углубленным изучением отдельных предметов» Ново-Савиновского района г.Казани","Кашапова","З.","М.","Ж",10,10,4.31,null,100,"не имеются",null,"География","Тазетдинова","Р.","Р.","МБОУ «Средняя общеобразовательная татарско-русская школа №23 с углубленным изучением отдельных предметов» Ново-Савиновского района г.Казани"]
[185,"МБОУ «Средняя общеобразовательная школа №91» Ново-Савиновского района г. Казани","Сайфутдинова","Э.","Т.","Ж",9,9,"работа аннулирована",null,108,"не имеются",null,"География","Овчинников","С.","Н.",{"$error":"#N/A"}]
[186,"МБОУ \"Гимназия №155 с татарским языком обучения\" Ново-Савиновского района г.Казани","Фаиезова","С.","А.","Ж",9,9,57,null,108,"не имеются","победитель","География","Фазылов","Н.","Р.","МБОУ \"Гимназия №155 с татарским языком обучения\" Ново-Савиновского района г.Казани"]
[187,"МОУ «Средняя общеобразовательная школа №47» Советского района г. Казани","Закирова","А.","Ф.","Ж",9,9,52.25,null,108,"не имеются","призер","География","Идрисов","Р.","Р.","МОУ «Средняя общеобразовательная школа №47» Советского района г. Казани"]
[188,"Общеобразовательная школа-интернат «Лицей имени Н. И. Лобачевского» К(П)ФУ","Примеров","Д.","Е.","M",9,9,49.25,null,108,"не имеются","призер","География","Фархуллин","Р.","Ш.","Общеобразовательная школа-интернат «Лицей имени Н. И. Лобачевского» К(П)ФУ"]
[189,"МБОУ «Татарская гимназия №11» Советского района г. Казани","Шакиров","А.","Р.","M",9,9,44.5,null,108,"не имеются","призер","География","Елистратова","Р.","А. ","МБОУ «Татарская гимназия №11» Советского района г. Казани"]
[190,"МБОУ «Гимназия №7» Ново-Савиновского района г.Казани. Школа-центр компетенции в электронном образовании","Тюленев","И.","Д.","M",9,9,38.25,41.25,108,"не имеются","призер","География","Афанасьева","Т. ","А.","МБОУ «Гимназия №7» Ново-Савиновского района г.Казани. Школа-центр компетенции в электронном образовании"]
[191,"МАОУ «Средняя общеобразовательная школа №18 с углубленным изучением английского языка» Вахитовского района г. Казани","Яппаров","А.","Р.","M",9,9,40.5,null,108,"не имеются","призер","География","Калянова","С.","П.","МАОУ «Средняя общеобразовательная школа №18 с углубленным изучением английского языка» Вахитовского района г. Казани"]
[192,"МБОУ «Гимназия №94» Московского района г. Казани","Горобец","М.","В.","Ж",9,9,39,null,108,"не имеются","призер","География","Сулейманова","С.","А.","МБОУ «Гимназия №94» Московского района г. Казани"]
[193,"МБОУ «Средняя общеобразовательная школа №132 с углубленным изучением иностранных языков» Ново-Савиновского района г. Казани","Кривов","Ю.","В.","M",9,9,39,null,108,"не имеются","призер","География","Мустафина","Р.","Р.","МБОУ «Средняя общеобразовательная школа №132 с углубленным изучением иностранных языков» Ново-Савиновского района г. Казани"]
[194,"МБОУ «Лицей №159» Советского района г. Казани","Ильина","В.","А.","Ж",9,9,38.75,null,108,"не имеются","призер","География","Полиектова","Л.","Л.","МБОУ «Лицей №159» Советского района г. Казани"]
[195,"МБОУ «Лицей №149 с татарским языком обучения» Советского района г. Казани","Избасарова","Э.","А.","Ж",9,9,37.5,null,108,"не имеются","призер","География","Сабирова","Г.","Р.","МБОУ «Лицей №149 с татарским языком обучения» Советского района г. Казани"]
[196,"Общеобразовательная школа-интернат «Лицей имени Н. И. Лобачевского» К(П)ФУ","Сафин","Р.","М.","M",9,9,37.25,null,108,"не имеются","призер","География","Фархуллин","Р.","Ш.","Общеобразовательная школа-интернат «Лицей имени Н. И. Лобачевского» К(П)ФУ"]
[197,"МБОУ \"Лицей №78 \"Фарватер\" Приволжского района г. Казани","Грибашкина","В.","В.","Ж",9,9,37,null,108,"не имеются","призер","География","Саттарова","Ф.","М.","МБОУ \"Лицей №78 \"Фарватер\" Приволжского района г. Казани"]
[198,"МБОУ «Гимназия №125» Советского района г. Казани","Кузнецов","Д.","Э.","M",9,9,35.75,null,108,"не имеются","призер","География","Авдошкина","Е.","И.","МБОУ «Гимназия №125» Советского района г. Казани"]
[199,"МАОУ \"Лицей № 121\" Советского района г. Казани (Центр образования №178)","Жерненков","А.","О.","M",9,9,35.5,null,108,"не имеются","призер","География","Ефанова","С.","Ю.","МАОУ \"Лицей № 121\" Советского района г. Казани (Центр образования №178)"]
[200,"Муниципальное бюджетное общеобразовательное учреждение \"Лицей № 177\" Ново-Савиновского района г. Казани. Казан шәһәре Яңа Савин районының \"177 нче лицей\" гомуми белем бюджет муниципаль учреждениесе","Мурадимова","А.","М.","Ж",9,9,35.25,null,108,"не имеются","призер","География","Клдров","С.","Н.",{"$error":"#N/A"}]
[201,"МАОУ «Лицей-интернат №2» Московского района г. Казани","Сторокожко","Н.","С.","M",9,9,35,null,108,"не имеются","призер","География","Замалиева","Ф.","Ю.","МАОУ «Лицей-интернат №2» Московского района г. Казани"]
[202,"МБОУ «Гимназия №36» Авиастроительного района г. Казани","Мамеев","В.","В.","M",9,9,34.5,null,108,"не имеются","призер","География","Макарова","Г.","Р.","МБОУ «Гимназия №36» Авиастроительного района г. Казани"]
[203,"МБОУ «Средняя общеобразовательная школа №98 (татарско-русская) \" Вахитовского района г. Казани","Ибатуллин","Э.","Г.","M",9,9,33.5,null,108,"не имеются","призер","География","Топыркина","Т.","П.","МБОУ «Средняя общеобразовательная школа №98 (татарско-русская) \" Вахитовского района г. Казани"]
[204,"МАОУ «Гимназия №139» Приволжского района г. Казани","Галиева","А.","Р.","Ж",9,9,33,null,108,"не имеются","призер","География","Пономарева","Р.","И.","МАОУ «Гимназия №139» Приволжского района г. Казани"]
[205,"МАОУ \"Лицей №131\" Вахитовского района г. Казани","Осипов","И.","А.","M",9,9,32.5,null,108,"не имеются","призер","География","Кириллова","С.","И.","МАОУ \"Лицей №131\" Вахитовского района г. Казани"]
[206,"МБОУ «Средняя общеобразовательная школа №127» Приволжского района г. Казани","Бига","В.","С.","M",9,9,32.25,null,108,"не имеются","призер","География","Кириллова ","Т. ","М.","МБОУ «Средняя общеобразовательная школа №127» Приволжского района г. Казани"]
[207,"МБОУ «Гимназия №102 им. М.С.Устиновой» Московского района г. Казани","Зарифуллин","М.","С.","M",9,9,32,null,108,"не имеются",null,"География","Захарова","Г.","В.","МБОУ «Гимназия №102 им. М.С.Устиновой» Московского района г. Казани"]
[208,"МБОУ «Лицей №83» Приволжского района г. Казани","Марков","С.","В.","M",9,9,31.5,null,108,"не имеются",null,"География","Кильдеев","Х.","А.","МБОУ «Лицей №83» Приволжского района г. Казани"]
[209,"МБОУ «Лицей №159» Советского района г. Казани","Ефимов","Т.","Р.","M",9,9,31,null,108,"не имеются",null,"География","Полиектова","Л.","Л.","МБОУ «Лицей №159» Советского района г. Казани"]
[210,"МБОУ \"Гимназия №152\" Кировского района г.Казани","Краснов","Н.","Г.","M",9,9,30,null,108,"не имеются",null,"География","Акифьева","М.","В.","МБОУ \"Гимназия №152\" Кировского района г.Казани"]
[211,"Муниципальное бюджетное общеобразовательное учреждение \"Лицей № 177\" Ново-Савиновского района г. Казани. Казан шәһәре Яңа Савин районының \"177 нче лицей\" гомуми белем бюджет муниципаль учреждениесе","Хатимова","Л.","Р.","Ж",9,9,29.75,null,108,"не имеются",null,"География","Клдров","С.","Н.","Муниципальное бюджетное общеобразовательное учреждение \"Лицей № 177\" Ново-Савиновского района г. Казани. Казан шәһәре Яңа Савин районының \"177 нче лицей\" гомуми белем бюджет муниципаль учреждениесе"]
[212,"МБОУ «Гимназия №75 с этнокультурным русским компонентом» Московского района г.Казани","Насыбуллин","Л.","Р.","M",9,9,29.5,null,108,"не имеются",null,"География","Симонов","Ю. ","Ф.","МБОУ «Гимназия №75 с этнокультурным русским компонентом» Московского района г.Казани"]
[213,"МАОУ «Гимназия №139» Приволжского района г. Казани","Абдрашитова","А.","Н.","Ж",9,9,28.25,null,108,"не имеются",null,"География","Пономарева","Р.","И.","МАОУ «Гимназия №139» Приволжского района г. Казани"]
[214,"Общеобразовательная школа-интернат «Лицей имени Н. И. Лобачевского» К(П)ФУ","Волкова","К.","Р.","Ж",9,9,28.25,null,108,"не имеются",null,"География","Фархуллин","Р.","Ш.","Общеобразовательная школа-интернат «Лицей имени Н. И. Лобачевского» К(П)ФУ"]
[215,"МБОУ «Средняя общеобразовательная школа № 9 с углубленным изучением английского языка» Ново-Савиновского района г.Казани","Галяутдинова","Р.","Н.","Ж",9,9,27.75,null,108,"не имеются",null,"География","Степанищева","О.","В.","МБОУ «Средняя общеобразовательная школа № 9 с углубленным изучением английского языка» Ново-Савиновского района г.Казани"]
[216,"МБОУ «Гимназия №125» Советского района г. Казани","Хабибуллина","А.","М.","Ж",9,9,27.25,null,108,"не имеются",null,"География","Авдошкина","Е. ","И.","МБОУ «Гимназия №125» Советского района г. Казани"]
[217,"МБОУ «Гимназия №102 им. М.С.Устиновой» Московского района г. Казани","Галявиева","Д.","И.","Ж",9,9,27,null,108,"не имеются",null,"География","Захарова","Г.","В.","МБОУ «Гимназия №102 им. М.С.Устиновой» Московского района г. Казани"]
[218,"МБОУ «Гимназия №6» Приволжского района г. Казани","Музеев","Д.","А.","M",9,9,26.5,null,108,"не имеются",null,"География","Архипова ","Т.","И.","МБОУ «Гимназия №6» Приволжского района г. Казани"]
[219,"МБОУ «Гимназия №7» Ново-Савиновского района г.Казани. Школа-центр компетенции в электронном образовании","Сарычев","Д.","В.","M",9,9,26.25,null,108,"не имеются",null,"География","Афанасьева ","Т. ","А.","МБОУ «Гимназия №7» Ново-Савиновского района г.Казани. Школа-центр компетенции в электронном образовании"]
[220,"Федеральное Государственное Казенное ОбщеобразовательноеУчреждение \"Казанское суворовское военное училище Министерства обороны Российской Федерации\"","Гавриленко","Г.","С.","M",9,9,26,null,108,"не имеются",null,"География","Храмова","И.","А.","Федеральное Государственное Казенное ОбщеобразовательноеУчреждение \"Казанское суворовское военное училище Министерства обороны Российской Федерации\""]
[221,"МБОУ \"Средняя общеобразовательная школа №62 с углубленным изучением отдельных предметов\"","Отин","И.","Б.","M",9,9,25.5,null,108,"не имеются",null,"География","Галялтдинова","Г.","Р.","МБОУ \"Средняя общеобразовательная школа №62 с углубленным изучением отдельных предметов\""]
[222,"МБОУ «Средняя общеобразовательная школа №72 с углубленным изучением немецкого языка» Советского района г. Казани","Борисов","А.","В.","M",9,9,25.25,null,108,"не имеются",null,"География","Шустова","Т.","В.","МБОУ «Средняя общеобразовательная школа №72 с углубленным изучением немецкого языка» Советского района г. Казани"]
[223,"МАОУ \"Лицей № 121\" Советского района г. Казани (Центр образования №178)","Музыкант","А.","В.","M",9,9,24,null,108,"не имеются",null,"География","Ефанова","С.","Ю.","МАОУ \"Лицей № 121\" Советского района г. Казани (Центр образования №178)"]
[224,"Муниципальное бюджетное общеобразовательное учреждение «Средняя общеобразовательная школа №20» Московского района г. Казани","Анисимов","А.","В.","M",9,9,23.75,null,108,"не имеются",null,"География","Фалесова","Л.","Е.","Муниципальное бюджетное общеобразовательное учреждение «Средняя общеобразовательная школа №20» Московского района г. Казани"]
[225,"МБОУ «Гимназия №6» Приволжского района г. Казани","Гизатуллин","Э.","Г.","M",9,9,23.5,null,108,"не имеются",null,"География","Архипова","Т.","И.","МБОУ «Гимназия №6» Приволжского района г. Казани"]
[226,"МБОУ «Средняя общеобразовательная татарско-русская школа №65 с углубленным изучением отдельных предметов» Московского района г. Казани","Галат","Ю.","А.","Ж",9,9,22.75,null,108,"не имеются",null,"География","Юхтина","О.","В.","МБОУ «Средняя общеобразовательная татарско-русская школа №65 с углубленным изучением отдельных предметов» Московского района г. Казани"]
[227,"МБОУ «Гимназия №75 с этнокультурным русским компонентом» Московского района г.Казани","Зайцева","А.",null,"Ж",9,9,22.75,null,108,"не имеются",null,"География","Симонов","Ю. ","Ф.","МБОУ «Гимназия №75 с этнокультурным русским компонентом» Московского района г.Казани"]
[228,"МБОУ «Средняя общеобразовательная школа №170 с углублённым изучением отдельных предметов» Ново-Савиновского района г. Казани","Зарипов","М.","А.","M",9,9,22.5,null,108,"не имеются",null,"География","Белоус","С.","А.","МБОУ «Средняя общеобразовательная школа №170 с углублённым изучением отдельных предметов» Ново-Савиновского района г. Казани"]
[229,"МБОУ «Гимназия №93 » Советского района г. Казани","Румянцев","Д.","С.","M",9,9,22.5,null,108,"не имеются",null,"География","Шлямина","И.","Б.","МБОУ «Гимназия №93 » Советского района г. Казани"]
[230,"МБОУ \"Средняя общеобразовательная школа №77\" Авиастроительного района г. Казани","Юсупов","И.","В.","M",9,9,22.25,null,108,"не имеются",null,"География","Савельева","О.","Е.","МБОУ \"Средняя общеобразовательная школа №77\" Авиастроительного района г. Казани"]
[231,"МБОУ «Гимназия №102 им. М.С.Устиновой» Московского района г. Казани","Маркелова","А.","И.","Ж",9,9,22,null,108,"не имеются",null,"География","Захарова","Г.","В.","МБОУ «Гимназия №102 им. М.С.Устиновой» Московского района г. Казани"]
[232,"МБОУ «Средняя общеобразовательная школа №82 с углубленным изучением отдельных предметов» Приволжского района г. Казани","Хуснутдинов","К.","Н.","M",9,9,21.75,null,108,"не имеются",null,"География","Комар","Е.","А.","МБОУ «Средняя общеобразовательная школа №82 с углубленным изучением отдельных предметов» Приволжского района г. Казани"]
[233,"МБОУ «Средняя общеобразовательная школа №167 с углубленным изучением отдельных предметов» Советского района г. Казани","Бастанова","К.","И.","Ж",9,9,21.25,null,108,"не имеются",null,"География","Насырова","М.","Х.","МБОУ «Средняя общеобразовательная школа №167 с углубленным изучением отдельных предметов» Советского района г. Казани"]
[234,"МАОУ «Гимназия №139» Приволжского района г. Казани","Матвеева","Е.","А.","Ж",9,9,21.25,null,108,"не имеются",null,"География","Пономарева","Р.","И.","МАОУ «Гимназия №139» Приволжского района г. Казани"]
[235,"МАОУ \"Лицей №131\" Вахитовского района г. Казани","Мухутдинов","Р.","М.","M",9,9,21.25,null,108,"не имеются",null,"География","Кириллова","С.","И.","МАОУ \"Лицей №131\" Вахитовского района г. Казани"]
[236,"МБОУ «Гимназия №102 им. М.С.Устиновой» Московского района г. Казани","Наумов","И.","И.","M",9,9,21.25,null,108,"не имеются",null,"География","Захарова","Г.","В.","МБОУ «Гимназия №102 им. М.С.Устиновой» Московского района г. Казани"]
[237,"МБОУ «Средняя общеобразовательная школа № 9 с углубленным изучением английского языка» Ново-Савиновского района г.Казани","Валеева","А.","А.","Ж",9,9,21,null,108,"не имеются",null,"География","Степанищева","О.","В.","МБОУ «Средняя общеобразовательная школа № 9 с углубленным изучением английского языка» Ново-Савиновского района г.Казани"]
[238,"МАОУ «Гимназия №19» Приволжского района г. Казани. Школа - центр компетенции в электронном образовании. Базовая площадка по реализации мероприятия \"Реализация во всех субъектах РФ национальной образовательной инициативы \"Наша новая школа\"","Аглеева","Э.","М.","Ж",9,9,20.75,null,108,"не имеются",null,"География","Шакирзянов","Д.","С.","МАОУ «Гимназия №19» Приволжского района г. Казани. Школа - центр компетенции в электронном образовании. Базовая площадка по реализации мероприятия \"Реализация во всех субъектах РФ национальной образовательной инициативы \"Наша новая школа\""]
[239,"МБОУ «Средняя общеобразовательная школа №99\" Московского района г. Казани","Иванов","И.","В.","M",9,9,20.75,null,108,"не имеются",null,"География","Кадыров","И.","Г.","МБОУ «Средняя общеобразовательная школа №99\" Московского района г. Казани"]
[240,"Муниципальное бюджетное общеобразовательное учреждение \"Средняя общеобразовательная татарско-русская школа №71 с углубленным изучением отдельных предметов\" Ново-Савиновского района города Казани","Корочкина","Р.","С.","Ж",9,9,20.75,null,108,"не имеются",null,"География","Нигматуллина","А.","А.","Муниципальное бюджетное общеобразовательное учреждение \"Средняя общеобразовательная татарско-русская школа №71 с углубленным изучением отдельных предметов\" Ново-Савиновского района города Казани"]
[241,"МАОУ «Средняя общеобразовательная школа №165 с углубленным изучением английского языка» Ново-Савиновского района г.Казани","Кузьмин","Д.","С.","M",9,9,20.75,null,108,"не имеются",null,"География","Никулина","И.","Е.","МАОУ «Средняя общеобразовательная школа №165 с углубленным изучением английского языка» Ново-Савиновского района г.Казани"]
[242,"МБОУ «Гимназия №21» Приволжского района г. Казани","Сорокин","Н.","А.","M",9,9,20.75,null,108,"не имеются",null,"География","Никишина","Н.","А.","МБОУ «Гимназия №21» Приволжского района г. Казани"]
[243,"МБОУ \"Средняя общеобразовательная школа №179 с углубленным изучением отдельных предметов\" Ново-Савиновского района города Казани","Хабибуллин","А.","И.","M",9,9,20.75,null,108,"не имеются",null,"География","Захаров","Д.","Е.","МБОУ \"Средняя общеобразовательная школа №179 с углубленным изучением отдельных предметов\" Ново-Савиновского района города Казани"]
[244,"МБОУ «Лицей №116» Вахитовского района г. Казани","Каримов","К.","М.","M",9,9,20.5,null,108,"не имеются",null,"География","Бяулова ","Е. ","Н.","МБОУ «Лицей №116» Вахитовского района г. Казани"]
[245,"МАОУ «Гимназия №19» Приволжского района г. Казани. Школа - центр компетенции в электронном образовании. Базовая площадка по реализации мероприятия \"Реализация во всех субъектах РФ национальной образовательной инициативы \"Наша новая школа\"","Сабиров","Т.","Р.","М",9,9,20.25,null,108,"не имеются",null,"География","Шакирзянов","Д.","С.",{"$error":"#N/A"}]
[246,"МБОУ «Гимназия №75 с этнокультурным русским компонентом» Московского района г.Казани","Хакимова","С.",null,"Ж",9,9,20.25,null,108,"не имеются",null,"География","Симонов","Ю. ","Ф.","МБОУ «Гимназия №75 с этнокультурным русским компонентом» Московского района г.Казани"]
[247,"Муниципальное автономное общеобразовательное учреждение для детей, проявивших выдающиеся способности «Средняя общеобразовательная школа-интернат «Специализированный олимпиадно-научный центр «СОлНЦе» Вахитовского района г. Казани","Шульгин","П.","С.","M",9,9,20.25,null,108,"не имеются",null,"География","Каримов","Ф.","К.","Муниципальное автономное общеобразовательное учреждение для детей, проявивших выдающиеся способности «Средняя общеобразовательная школа-интернат «Специализированный олимпиадно-научный центр «СОлНЦе» Вахитовского района г. Казани"]
[248,"МАОУ «Гимназия №19» Приволжского района г. Казани. Школа - центр компетенции в электронном образовании. Базовая площадка по реализации мероприятия \"Реализация во всех субъектах РФ национальной образовательной инициативы \"Наша новая школа\"","Нагаев","Н.","Э.","M",9,9,20,null,108,"не имеются",null,"География","Шакирзянов","Д.","С.","МАОУ «Гимназия №19» Приволжского района г. Казани. Школа - центр компетенции в электронном образовании. Базовая площадка по реализации мероприятия \"Реализация во всех субъектах РФ национальной образовательной инициативы \"Наша новая школа\""]
[249,"МБОУ «Средняя общеобразовательная школа №24 с углубленным изучением отдельных предметов» Приволжского района г. Казани","Берсанова","А.","А.","Ж",9,9,19.75,null,108,"не имеются",null,"География","Кулагина","Н.","С.","МБОУ «Средняя общеобразовательная школа №24 с углубленным изучением отдельных предметов» Приволжского района г. Казани"]
[250,"МБОУ \"Средняя русско-татарская общеобразовательная школа №57\" Кировского района г.Казани","Григорьева","В.","Б.","Ж",9,9,19.75,null,108,"не имеются",null,"География","Замалиева","Э.","Д.","МБОУ \"Средняя русско-татарская общеобразовательная школа №57\" Кировского района г.Казани"]
[251,"МБОУ «Гимназия №96» Вахитовского района г. Казани","Каминская","К.","Э.","Ж",9,9,19.75,null,108,"не имеются",null,"География","Козлова","О.","Н.","МБОУ «Гимназия №96» Вахитовского района г. Казани"]
[252,"ГБМБУ \"КФУ каршындагы 2 нче татар гимназиясе\" МБОУ \"Татарская гимназия №2 при КФУ\"","Корниенко","Р.","В.","Ж",9,9,19.75,null,108,"не имеются",null,"География","Курбангалиева"," Э. ","М.  ","ГБМБУ \"КФУ каршындагы 2 нче татар гимназиясе\" МБОУ \"Татарская гимназия №2 при КФУ\""]
[253,"Муниципальное бюджетное общеобразовательное учреждение \"Лицей № 177\" Ново-Савиновского района г. Казани. Казан шәһәре Яңа Савин районының \"177 нче лицей\" гомуми белем бюджет муниципаль учреждениесе","Коновалова","К.","Д.","Ж",9,9,19.5,null,108,"не имеются",null,"География","Клдров","С.","Н.","Муниципальное бюджетное общеобразовательное учреждение \"Лицей № 177\" Ново-Савиновского района г. Казани. Казан шәһәре Яңа Савин районының \"177 нче лицей\" гомуми белем бюджет муниципаль учреждениесе"]
[254,"МБОУ «Гимназия №75 с этнокультурным русским компонентом» Московского района г.Казани","Прохоров","В.","И.","M",9,9,19.5,null,108,"не имеются",null,"География","Симонов","Ю. ","Ф.","МБОУ «Гимназия №75 с этнокультурным русским компонентом» Московского района г.Казани"]
[255,"МАОУ «Гимназия-интернат №4» Кировского района г.Казани","Галеева","Д.","Ф.","Ж",9,9,19.25,null,108,"не имеются",null,"География","Вафина ","З.","Н.","МАОУ «Гимназия-интернат №4» Кировского района г.Казани"]
[256,"МБОУ «Татаро-английская гимназия №16» Приволжского района г. Казани","Гизатуллин","А.","А.","M",9,9,19.25,null,108,"не имеются",null,"География","Шафигуллина","Р.","Р.","МБОУ «Татаро-английская гимназия №16» Приволжского района г. Казани"]
[257,"ГБМБУ \"КФУ каршындагы 2 нче татар гимназиясе\" МБОУ \"Татарская гимназия №2 при КФУ\"","Зиннатуллина","А.","Р.","Ж",9,9,19.25,null,108,"не имеются",null,"География","Курбангалиева ","Э. ","М.  ","ГБМБУ \"КФУ каршындагы 2 нче татар гимназиясе\" МБОУ \"Татарская гимназия №2 при КФУ\""]
[258,"МБОУ «Гимназия №36» Авиастроительного района г. Казани","Курбангалеев","Т.","И.","M",9,9,19.25,null,108,"не имеются",null,"География","Макарова","Г.","Р.","МБОУ «Гимназия №36» Авиастроительного района г. Казани"]
[259,"МБОУ «Средняя общеобразовательная школа №120 с углубленным изучением отдельных предметов» Московского района г. Казани","Петрова","М.","С.","M",9,9,19,null,108,"не имеются",null,"География","Тарасова    ","В.    ","М. ","МБОУ «Средняя общеобразовательная школа №120 с углубленным изучением отдельных предметов» Московского района г. Казани"]
[260,"МАОУ «Средняя общеобразовательная школа №165 с углубленным изучением английского языка» Ново-Савиновского района г.Казани","Сибгатуллина","А.","А.","Ж",9,9,19,null,108,"не имеются",null,"География","Никулина ","И.","Е.","МАОУ «Средняя общеобразовательная школа №165 с углубленным изучением английского языка» Ново-Савиновского района г.Казани"]
[261,"МБОУ «Средняя общеобразовательная школа №33 с углубленным изучением отдельных предметов» Авиастроительного района г. Казани","Туктарова","А.","Р.","Ж",9,9,19,null,108,"не имеются",null,"География","Гилязиева","Н.","Г.","МБОУ «Средняя общеобразовательная школа №33 с углубленным изучением отдельных предметов» Авиастроительного района г. Казани"]
[262,"МБОУ «Средняя общеобразовательная школа №33 с углубленным изучением отдельных предметов» Авиастроительного района г. Казани","Зиннатуллина","Л.","Р.","Ж",9,9,18.75,null,108,"не имеются",null,"География","Гилязиева","Н.","Г.","МБОУ «Средняя общеобразовательная школа №33 с углубленным изучением отдельных предметов» Авиастроительного района г. Казани"]
[263,"МБОУ «Гимназия №3 Вахитовского района г. Казани»","Гончар","К.","М.","Ж",9,9,18.5,null,108,"не имеются",null,"География","Шакирова","Н.","Г.","МБОУ «Гимназия №3 Вахитовского района г. Казани»"]
[264,"Федеральное Государственное Казенное ОбщеобразовательноеУчреждение \"Казанское суворовское военное училище Министерства обороны Российской Федерации\"","Орлов","Б.","М.","M",9,9,18.5,null,108,"не имеются",null,"География","Храмова","И.","А.","Федеральное Государственное Казенное ОбщеобразовательноеУчреждение \"Казанское суворовское военное училище Министерства обороны Российской Федерации\""]
[265,"МАОУ «Гимназия-интернат №4» Кировского района г.Казани","Галимзянова","А.","А.","Ж",9,9,18,null,108,"не имеются",null,"География","Вафина ","З.","Н.","МАОУ «Гимназия-интернат №4» Кировского района г.Казани"]
[266,"МБОУ «Гимназия №102 им. М.С.Устиновой» Московского района г. Казани","Ямалов","И.","Д.","M",9,9,18,null,108,"не имеются",null,"География","Захарова","Г.","В.","МБОУ «Гимназия №102 им. М.С.Устиновой» Московского района г. Казани"]
[267,"МАОУ «Гимназия №139» Приволжского района г. Казани","Богданова","К.","Г.","Ж",9,9,17.75,null,108,"не имеются",null,"География","Пономарева","Р.","И.","МАОУ «Гимназия №139» Приволжского района г. Казани"]
[268,"МБОУ «Гимназия №21» Приволжского района г. Казани","Коршунов","Д.","С.","M",9,9,17.75,null,108,"не имеются",null,"География","Никишина","Н.","А.","МБОУ «Гимназия №21» Приволжского района г. Казани"]
[269,"МБОУ «Средняя общеобразовательная школа №166» Советского района г. Казани","Фадеева","А.","А.","Ж",9,9,17.75,null,108,"не имеются",null,"География","Ильина","Н.","А.","МБОУ «Средняя общеобразовательная школа №166» Советского района г. Казани"]
[270,"МАОУ «Гимназия-интернат №4» Кировского района г.Казани","Галимова","Э.","А.","Ж",9,9,17.5,null,108,"не имеются",null,"География","Вафина ","З.","Н.","МАОУ «Гимназия-интернат №4» Кировского района г.Казани"]
[271,"Инженерный лицей КНИТУ-КАИ","Миндуваев","Б.","А.","M",9,9,17.5,null,108,"не имеются",null,"География","Фатхиев","А.","Х.","Инженерный лицей КНИТУ-КАИ"]
[272,"МБОУ «Гимназия №90» Советского района г. Казани","Сабирова","А.","Ш.","Ж",9,9,17.5,null,108,"не имеются",null,"География","Миронская","Л.","Г.","МБОУ «Гимназия №90» Советского района г. Казани"]
[273,"МБОУ «Гимназия №6» Приволжского района г. Казани","Бикбаев","А.","Р.","M",9,9,17.25,null,108,"не имеются",null,"География","Архипова","Т.","И.","МБОУ «Гимназия №6» Приволжского района г. Казани"]
[274,"Муниципальное бюджетное общеобразовательное учреждение \"Лицей № 177\" Ново-Савиновского района г. Казани. Казан шәһәре Яңа Савин районының \"177 нче лицей\" гомуми белем бюджет муниципаль учреждениесе","Зайнетдинов","И.","Р.","M",9,9,17.25,null,108,"не имеются",null,"География","Клдров","С.","Н.","Муниципальное бюджетное общеобразовательное учреждение \"Лицей № 177\" Ново-Савиновского района г. Казани. Казан шәһәре Яңа Савин районының \"177 нче лицей\" гомуми белем бюджет муниципаль учреждениесе"]
[275,"МБОУ «Гимназия №28» Вахитовского района г. Казани","Лытков","М.","А.","M",9,9,17.25,null,108,"не имеются",null,"География","Ухорская","С.","Ю.","МБОУ «Гимназия №28» Вахитовского района г. Казани"]
[276,"МБОУ «Средняя общеобразовательная школа №24 с углубленным изучением отдельных предметов» Приволжского района г. Казани","Ахметзянова","А.","Н.","Ж",9,9,17,null,108,"не имеются",null,"География","Кулагина","Н.","С.","МБОУ «Средняя общеобразовательная школа №24 с углубленным изучением отдельных предметов» Приволжского района г. Казани"]
[277,"Муниципальное бюджетное общеобразовательное учреждение \"Средняя общеобразовательная татарско-русская школа №71 с углубленным изучением отдельных предметов\" Ново-Савиновского района города Казани","Борисова","В.","Д.","Ж",9,9,17,null,108,"не имеются",null,"География","Нигматуллина","А.","А.","Муниципальное бюджетное общеобразовательное учреждение \"Средняя общеобразовательная татарско-русская школа №71 с углубленным изучением отдельных предметов\" Ново-Савиновского района города Казани"]
[278,"МБОУ «Гимназия №7» Ново-Савиновского района г.Казани. Школа-центр компетенции в электронном образовании","Петрова","В.","А.","Ж",9,9,17,null,108,"не имеются",null,"География","Афанасьева ","Т.","А.","МБОУ «Гимназия №7» Ново-Савиновского района г.Казани. Школа-центр компетенции в электронном образовании"]
[279,"МБОУ «Средняя общеобразовательная школа №99\" Московского района г. Казани","Соколова","В.","С.","Ж",9,9,17,null,108,"не имеются",null,"География","Кадыров ","И.","Г.","МБОУ «Средняя общеобразовательная школа №99\" Московского района г. Казани"]
[280,"МБОУ «Средняя общеобразовательная школа №42» Приволжского района г. Казани","Черепанова","Д.","Г.","Ж",9,9,17,null,108,"не имеются",null,"География","Ибатуллина ","Г.","М.","МБОУ «Средняя общеобразовательная школа №42» Приволжского района г. Казани"]
[281,"Федеральное Государственное Казенное ОбщеобразовательноеУчреждение \"Казанское суворовское военное училище Министерства обороны Российской Федерации\"","Шихов","Д.","В.","M",9,9,17,null,108,"не имеются",null,"География","Храмова","И.","А.","Федеральное Государственное Казенное ОбщеобразовательноеУчреждение \"Казанское суворовское военное училище Министерства обороны Российской Федерации\""]
[282,"МБОУ «Средняя общеобразовательная русско-татарская школа №103» Ново-Савиновского района г. Казани","Бакин","Д.","Р.","M",9,9,16.75,null,108,"не имеются",null,"География","Гарипова","Ф.","В.","МБОУ «Средняя общеобразовательная русско-татарская школа №103» Ново-Савиновского района г. Казани"]
[283,"МБОУ «Средняя общеобразовательная школа №175» Советского района г. Казани","Морозова","А.","И.","Ж",9,9,16.75,null,108,"не имеются",null,"География","Мушарапова","И.","Ф.","МБОУ «Средняя общеобразовательная школа №175» Советского района г. Казани"]
[284,"МБОУ \"Средняя общеобразовательная школа №62 с углубленным изучением отдельных предметов\"","Нуруллин","А.","А.","M",9,9,16.75,null,108,"не имеются",null,"География","Галялтдинова","Г.","Р.","МБОУ \"Средняя общеобразовательная школа №62 с углубленным изучением отдельных предметов\""]
[285,"Муниципальное бюджетное общеобразовательное учреждение \"Лицей № 177\" Ново-Савиновского района г. Казани. Казан шәһәре Яңа Савин районының \"177 нче лицей\" гомуми белем бюджет муниципаль учреждениесе","Ромаданский","К.","А.","M",9,9,16.75,null,108,"не имеются",null,"География","Клдров","С.","Н.","Муниципальное бюджетное общеобразовательное учреждение \"Лицей № 177\" Ново-Савиновского района г. Казани. Казан шәһәре Яңа Савин районының \"177 нче лицей\" гомуми белем бюджет муниципаль учреждениесе"]
[286,"МБОУ «Средняя общеобразовательная школа №24 с углубленным изучением отдельных предметов» Приволжского района г. Казани","Хасанова","Л.","Р.","Ж",9,9,16.75,null,108,"не имеются",null,"География","Кулагина","Н.","С.","МБОУ «Средняя общеобразовательная школа №24 с углубленным изучением отдельных предметов» Приволжского района г. Казани"]
[287,"Общеобразовательная школа-интернат «Лицей имени Н. И. Лобачевского» К(П)ФУ","Хусаинов","М.","А.","M",9,9,16.75,null,108,"не имеются",null,"География","Фархуллин","Р.","Ш.","Общеобразовательная школа-интернат «Лицей имени Н. И. Лобачевского» К(П)ФУ"]
[288,"НОУ «Школа «Елена-Сервис»","Коксанов","И.","С.","M",9,9,16.5,null,108,"не имеются",null,"География","Будникова","Л.","В.","НОУ «Школа «Елена-Сервис»"]
[289,"МБОУ «Гимназия №8» Советского района г. Казани","Кокшина","Д.","А.","Ж",9,9,16.5,null,108,"не имеются",null,"География","Леонтьева","Л.","Е.","МБОУ «Гимназия №8» Советского района г. Казани"]
[290,"МБОУ «Средняя общеобразовательная школа №33 с углубленным изучением отдельных предметов» Авиастроительного района г. Казани","Русачкова","А.","Д.","Ж",9,9,16.5,null,108,"не имеются",null,"География","Гилязиева","Н.","Г.","МБОУ «Средняя общеобразовательная школа №33 с углубленным изучением отдельных предметов» Авиастроительного района г. Казани"]
[291,"МАОУ «Средняя общеобразовательная школа №39 с углубленным изучением английского языка» Вахитовского района г. Казани","Самигуллина","Л.","Т.","Ж",9,9,16.5,null,108,"не имеются",null,"География","Королева","Г.","В.","МАОУ «Средняя общеобразовательная школа №39 с углубленным изучением английского языка» Вахитовского района г. Казани"]
[292,"МБОУ \"Гимназия №122 имени Ж.А Зайцевой\" Московского района г.Казани","Вафин","Т.","И.","M",9,9,16.25,null,108,"не имеются",null,"География","Садчикова","Э.","В.","МБОУ \"Гимназия №122 имени Ж.А Зайцевой\" Московского района г.Казани"]
[293,"Муниципальное автономное общеобразовательное учреждение для детей, проявивших выдающиеся способности «Средняя общеобразовательная школа-интернат «Специализированный олимпиадно-научный центр «СОлНЦе» Вахитовского района г. Казани","Калимуллина","З.","Р.","Ж",9,9,16.25,null,108,"не имеются",null,"География","Каримов","Ф.","К.","Муниципальное автономное общеобразовательное учреждение для детей, проявивших выдающиеся способности «Средняя общеобразовательная школа-интернат «Специализированный олимпиадно-научный центр «СОлНЦе» Вахитовского района г. Казани"]
[294,"МБОУ «Гимназия №28» Вахитовского района г. Казани","Фадеев","Д.","Е.","M",9,9,16.25,null,null,"не имеются",null,"География","Ухорская","С.","Ю.","МБОУ «Гимназия №28» Вахитовского района г. Казани"]
[295,"МБОУ «Гимназия №10» Авиастроительного района г. Казани","Халикова","А.","И.","Ж",9,9,16.25,null,108,"не имеются",null,"География","Газизуллина"," Г. ","К.","МБОУ «Гимназия №10» Авиастроительного района г. Казани"]
[296,"МБОУ «Средняя общеобразовательная школа №99\" Московского района г. Казани","Тогулев","И.","Н.","M",9,9,16,null,108,"не имеются",null,"География","Кадыров","И.","г.","МБОУ «Средняя общеобразовательная школа №99\" Московского района г. Казани"]
[297,"Лицей-интернат \"IТ-лицей К(П)ФУ\"","Хайрутдинов","А.","М.","М",9,9,16,null,108,"не имеются",null,"География","Гарифова","Р.","В.","Лицей-интернат \"IТ-лицей К(П)ФУ\""]
[298,"МБОУ \"Лицей №145\" Авиастроительного района г. Казани","Владимиров","М.","Л.","M",9,9,15.75,null,108,"не имеются",null,"География","Кутуева","А.","О.","МБОУ \"Лицей №145\" Авиастроительного района г. Казани"]
[299,"МБОУ \"Гимназия №9\" Московского района г.Казани","Камашев","А.","П.","M",9,9,15.75,null,108,"не имеются",null,"География","Гурьянова","Л.","Г.","МБОУ \"Гимназия №9\" Московского района г.Казани"]
[300,"МБОУ \"Средняя общеобразовательная школа №62 с углубленным изучением отдельных предметов\"","Павлов","К.","В.","M",9,9,15.75,null,108,"не имеются",null,"География","Галялтдинова","Г.","Р.","МБОУ \"Средняя общеобразовательная школа №62 с углубленным изучением отдельных предметов\""]
[301,"МБОУ «Средняя общеобразовательная школа № 1 с углубленным изучением отдельных предметов» Вахитовского района г. Казани","Волков","П.","А.","M",9,9,15.5,null,108,"не имеются",null,"География","Кавиева","Р.","А.","МБОУ «Средняя общеобразовательная школа № 1 с углубленным изучением отдельных предметов» Вахитовского района г. Казани"]
[302,"МАОУ «Лицей-интернат №7» Ново-Савиновского района г. Казани","Ирмак","В.","Н.","M",9,9,15.5,null,108,"не имеются",null,"География","Шакирова ","Ф. ","Р.","МАОУ «Лицей-интернат №7» Ново-Савиновского района г. Казани"]
[303,"МБОУ «Средняя общеобразовательная школа №175» Советского района г. Казани","Мадаминова","А.","Р.","Ж",9,9,15.5,null,108,"не имеются",null,"География","Мушарапова","И. ","Ф.","МБОУ «Средняя общеобразовательная школа №175» Советского района г. Казани"]
[304,"МБОУ \"Гимназия №122 имени Ж.А Зайцевой\" Московского района г.Казани","Поликарова","В.","А.","Ж",9,9,15.5,null,108,"не имеются",null,"География","Садчикова","Э.","В.","МБОУ \"Гимназия №122 имени Ж.А Зайцевой\" Московского района г.Казани"]
[305,"МБОУ «Гимназия №52» Приволжского района г. Казани","Анисимов","И.","О.","M",9,9,15.25,null,108,"не имеются",null,"География","Харченко","Е.","Е.","МБОУ «Гимназия №52» Приволжского района г. Казани"]
[306,"МБОУ «Средняя общеобразовательная школа №91» Ново-Савиновского района г. Казани","Галактионова","А.","И.","Ж",9,9,15.25,null,108,"не имеются",null,"География","Симонов","Ю.","Ф.",{"$error":"#N/A"}]
[307,"МБОУ «Средняя общеобразовательная школа №144 с углубленным изучением отдельных предметов» Советского района г. Казани","Давлетбаева","А.","Р.","Ж",9,9,15.25,null,108,"не имеются",null,"География","Ясюченя","Р.","З.","МБОУ «Средняя общеобразовательная школа №144 с углубленным изучением отдельных предметов» Советского района г. Казани"]
[308,"МБОУ «Средняя общеобразовательная школа №144 с углубленным изучением отдельных предметов» Советского района г. Казани","Ибрагимов","Б.","Н.","M",9,9,15.25,null,108,"не имеются",null,"География","Ясюченя","Р.","З.","МБОУ «Средняя общеобразовательная школа №144 с углубленным изучением отдельных предметов» Советского района г. Казани"]
[309,"МБОУ «Средняя общеобразовательная школа №42» Приволжского района г. Казани","Николаева","Э.","А.","Ж",9,9,15.25,null,108,"не имеются",null,"География","Ибатуллина ","Г.","М.","МБОУ «Средняя общеобразовательная школа №42» Приволжского района г. Казани"]
[310,"МБОУ «Средняя общеобразовательная школа №167 с углубленным изучением отдельных предметов» Советского района г. Казани","Садриева","Л.","И.","Ж",9,9,15.25,null,108,"не имеются",null,"География","Насырова","М.","Х.","МБОУ «Средняя общеобразовательная школа №167 с углубленным изучением отдельных предметов» Советского района г. Казани"]
[311,"МАОУ «Лицей-интернат №2» Московского района г. Казани","Фарухшин","А.","М.","M",9,9,15.25,null,108,"не имеются",null,"География","Замалиева","Ф.","Ю.","МАОУ «Лицей-интернат №2» Московского района г. Казани"]
[312,"МБОУ «Средняя общеобразовательная школа №95 с углубленным изучением отдельных предметов» Приволжского района г. Казани","Мазанов","Д.","А.","M",9,9,15,null,108,"не имеются",null,"География","Бугрова","О.","Н.","МБОУ «Средняя общеобразовательная школа №95 с углубленным изучением отдельных предметов» Приволжского района г. Казани"]
[313,"МАОУ «Лицей-интернат №7» Ново-Савиновского района г. Казани","Гарафутдинов","А.","А.","M",9,9,14.75,null,108,"не имеются",null,"География","Фатхиев ","А.","Х.","МАОУ «Лицей-интернат №7» Ново-Савиновского района г. Казани"]
[314,"Муниципальное бюджетное общеобразовательное учреждение \"Средняя общеобразовательная татарско-русская школа №71 с углубленным изучением отдельных предметов\" Ново-Савиновского района города Казани","Елисеева","В.","А.","Ж",9,9,14.75,null,108,"не имеются",null,"География","Нигматуллина","А.","А.","Муниципальное бюджетное общеобразовательное учреждение \"Средняя общеобразовательная татарско-русская школа №71 с углубленным изучением отдельных предметов\" Ново-Савиновского района города Казани"]
[315,"МБОУ «Средняя общеобразовательная школа №95 с углубленным изучением отдельных предметов» Приволжского района г. Казани","Ивахова","Е.","В.","M",9,9,14.75,null,108,"не имеются",null,"География","Бугрова","О.","Н.","МБОУ «Средняя общеобразовательная школа №95 с углубленным изучением отдельных предметов» Приволжского района г. Казани"]
[316,"МБОУ «Средняя общеобразовательная школа №24 с углубленным изучением отдельных предметов» Приволжского района г. Казани","Матигорова","Д.","М.","Ж",9,9,14.75,null,108,"не имеются",null,"География","Кулагина","Н.","С.","МБОУ «Средняя общеобразовательная школа №24 с углубленным изучением отдельных предметов» Приволжского района г. Казани"]
[317,"МБОУ \"Средняя общеобразовательная татарско-русская школа №134\" Авиастроительного района г. Казани","Усманова","А.","Р.","Ж",9,9,14.75,null,108,"не имеются",null,"География","Мубаракшина","Д.","А.","МБОУ \"Средняя общеобразовательная татарско-русская школа №134\" Авиастроительного района г. Казани"]
[318,"МБОУ «Средняя общеобразовательная школа №117» Авиастроительного района г. Казани","Мифтахов","Р.","Р.","M",9,9,14.5,null,108,"не имеются",null,"География","Жарова","Е.","А.","МБОУ «Средняя общеобразовательная школа №117» Авиастроительного района г. Казани"]
[319,"МБОУ «Гимназия №3 Вахитовского района г. Казани»","Темников","Н.","Д.","M",9,9,14.5,null,108,"не имеются",null,"География","Шакирова","Н.","Г.","МБОУ «Гимназия №3 Вахитовского района г. Казани»"]
[320,"Лицей-интернат \"IТ-лицей К(П)ФУ\"","Хамзина","В.","М.","Ж",9,9,14.5,null,108,"не имеются",null,"География","Гарифова","Р.","В.","Лицей-интернат \"IТ-лицей К(П)ФУ\""]
[321,"МБОУ «Гимназия №93 » Советского района г. Казани","Трофимов","Т.","Э.","M",9,9,14.25,null,108,"не имеются",null,"География","Шлямина","И.","Б.","МБОУ «Гимназия №93 » Советского района г. Казани"]
[322,"МБОУ «Средняя общеобразовательная школа №91» Ново-Савиновского района г. Казани","Французов","Д.","А.","М",9,9,14.25,null,108,"не имеются",null,"География","Симонов","Ю.","Ф.",{"$error":"#N/A"}]
[323,"МБОУ «Гимназия №14» Авиастроительного района г. Казани","Абдуллин","З.","З.","M",9,9,14,null,108,"не имеются",null,"География","Залалдинов","Л.","З.","МБОУ «Гимназия №14» Авиастроительного района г. Казани"]
[324,"Инженерный лицей КНИТУ-КАИ","Чубаров","Д.","А.","M",9,9,14,null,108,"не имеются",null,"География","Фатхиев","А.","Х.","Инженерный лицей КНИТУ-КАИ"]
[325,"МАОУ \"Лицей № 121\" Советского района г. Казани (Центр образования №178)","Архипов","М.","В.","M",9,9,13.75,null,108,"не имеются",null,"География","Маковская","В.","В.","МАОУ \"Лицей № 121\" Советского района г. Казани (Центр образования №178)"]
[326,"Частное общеобразовательное учреждение \"Академический Лицей им. Н.И.Лобачевского\" г. Казани","Белозёров","С.","Е.","M",9,9,13.75,null,108,"не имеются",null,"География","Чернова","С.","С.","Частное общеобразовательное учреждение \"Академический Лицей им. Н.И.Лобачевского\" г. Казани"]
[327,"МБОУ «Средняя общеобразовательная школа №49» Ново-Савиновского района г. Казани","Костромина","В.","М.","Ж",9,9,13.75,null,108,"не имеются",null,"География","Тукаева","М.","Ф.","МБОУ «Средняя общеобразовательная школа №49» Ново-Савиновского района г. Казани"]
[328,"МБОУ «Средняя общеобразовательная школа №64» Московского района г. Казани","Симонова","В.","В.","Ж",9,9,13.75,null,108,"не имеются",null,"География","Хисамбеева","А.","Х.","МБОУ «Средняя общеобразовательная школа №64» Московского района г. Казани"]
[329,"МБОУ «Средняя общеобразовательная школа №166» Советского района г. Казани","Ситнова","К.","А.","Ж",9,9,13.75,null,108,"не имеются",null,"География","Ильина","Н.","А.","МБОУ «Средняя общеобразовательная школа №166» Советского района г. Казани"]
[330,"Муниципальное бюджетное общеобразовательное учреждение \"Средняя общеобразовательная школа № 169\" Советского района г. Казани","Шайхулов","Д.","В.","M",9,9,13.75,null,108,"не имеются",null,"География","Жаврова","Л.","М.","Муниципальное бюджетное общеобразовательное учреждение \"Средняя общеобразовательная школа № 169\" Советского района г. Казани"]
[331,"МБОУ\" Гимназия №3 с татарским языком обучения\" Кировского района г.Казани","Ахметзянов","А.","И.","M",9,9,13.5,null,108,"не имеются",null,"География","Халикова","Э.","Х.","МБОУ\" Гимназия №3 с татарским языком обучения\" Кировского района г.Казани"]
[332,"МБОУ «Средняя общеобразовательная татарско-русская школа №23 с углубленным изучением отдельных предметов» Ново-Савиновского района г.Казани","Скородумов","А.","И.","M",9,9,13.5,null,108,"не имеются",null,"География","Тазетдинова","Р.","Р.","МБОУ «Средняя общеобразовательная татарско-русская школа №23 с углубленным изучением отдельных предметов» Ново-Савиновского района г.Казани"]
[333,"Муниципальное бюджетное общеобразовательное учреждение \"Средняя общеобразовательная школа № 169\" Советского района г. Казани","Гарипова","К.","И.","M",9,9,13.25,null,108,"не имеются",null,"География","Жаврова","Л.","М.","Муниципальное бюджетное общеобразовательное учреждение \"Средняя общеобразовательная школа № 169\" Советского района г. Казани"]
[334,"МБОУ «Средняя общеобразовательная школа №72 с углубленным изучением немецкого языка» Советского района г. Казани","Тамбов","А.","В.","M",9,9,13.25,null,108,"не имеются",null,"География","Шустова","Т.","В.","МБОУ «Средняя общеобразовательная школа №72 с углубленным изучением немецкого языка» Советского района г. Казани"]
[335,"МБОУ \"Средняя общеобразовательная школа №62 с углубленным изучением отдельных предметов\"","Шамсутдинов","Б.","И.","M",9,9,13.25,null,108,"не имеются",null,"География","Галялтдинова","Г.","Р.","МБОУ \"Средняя общеобразовательная школа №62 с углубленным изучением отдельных предметов\""]
[336,"МБОУ \"Средняя общеобразовательная школа №60\" Авиастроительного района г. Казани","Азизов","Р.","Р.","M",9,9,13,null,108,"не имеются",null,"География","Миронова","Л.","А.","МБОУ \"Средняя общеобразовательная школа №60\" Авиастроительного района г. Казани"]
[337,"МБОУ «Средняя общеобразовательная школа №72 с углубленным изучением немецкого языка» Советского района г. Казани","Марданова","Н.","Г.","Ж",9,9,13,null,108,"не имеются",null,"География","Шустова","Т.","В.","МБОУ «Средняя общеобразовательная школа №72 с углубленным изучением немецкого языка» Советского района г. Казани"]
[338,"МБОУ «Средняя общеобразовательная школа №84» с углубленным изучением иностранных языков Советского района г. Казани","Корчагин","С.","И.","M",9,9,12.75,null,108,"не имеются",null,"География","Чучева","О.","А.","МБОУ «Средняя общеобразовательная школа №84» с углубленным изучением иностранных языков Советского района г. Казани"]
[339,"МАОУ «Гимназия №19» Приволжского района г. Казани. Школа - центр компетенции в электронном образовании. Базовая площадка по реализации мероприятия \"Реализация во всех субъектах РФ национальной образовательной инициативы \"Наша новая школа\"","Нуруллин","А.","З.","M",9,9,12.75,null,108,"не имеются",null,"География","Шакирзянов","Д.","С.","МАОУ «Гимназия №19» Приволжского района г. Казани. Школа - центр компетенции в электронном образовании. Базовая площадка по реализации мероприятия \"Реализация во всех субъектах РФ национальной образовательной инициативы \"Наша новая школа\""]
[340,"МБОУ «Средняя общеобразовательная школа №82 с углубленным изучением отдельных предметов» Приволжского района г. Казани","Сипко","Д.","В.","Ж",9,9,12.75,null,108,"не имеются",null,"География","Комар","Е.","А.","МБОУ «Средняя общеобразовательная школа №82 с углубленным изучением отдельных предметов» Приволжского района г. Казани"]
[341,"МБОУ «Средняя общеобразовательная школа №170 с углублённым изучением отдельных предметов» Ново-Савиновского района г. Казани","Бариева","А.","Д.","Ж",9,9,12.5,null,108,"не имеются",null,"География","Белоус","С.","А.","МБОУ «Средняя общеобразовательная школа №170 с углублённым изучением отдельных предметов» Ново-Савиновского района г. Казани"]
[342,"МБОУ «Гимназия №90» Советского района г. Казани","Корнилова","О.","А.","Ж",9,9,12.5,null,108,"не имеются",null,"География","Миронская","Л.","Г.","МБОУ «Гимназия №90» Советского района г. Казани"]
[343,"МБОУ \"Русско-татарская средняя школа №81 с углубленным изучением отдельных предметов имени В.А.Григорьева\" Кировского района г. Казани","Салаватуллина","А.","А.","Ж",9,9,12.5,null,108,"не имеются",null,"География","Низамова","А.","Х.","МБОУ \"Русско-татарская средняя школа №81 с углубленным изучением отдельных предметов имени В.А.Григорьева\" Кировского района г. Казани"]
[344,"МБОУ «Средняя общеобразовательная школа №117» Авиастроительного района г. Казани","Шарафеев","И.","И.","M",9,9,12.5,null,108,"не имеются",null,"География","Жарова","Е. ","А.","МБОУ «Средняя общеобразовательная школа №117» Авиастроительного района г. Казани"]
[345,"МБОУ «Средняя общеобразовательная школа №101 имени П.А.Полушкина» Советского района г. Казани","Алексеев","А.","А.","M",9,9,12.25,null,108,"не имеются",null,"География","Левина ","Н.","Д.","МБОУ «Средняя общеобразовательная школа №101 имени П.А.Полушкина» Советского района г. Казани"]
[346,"МБОУ «Средняя общеобразовательная русско-татарская школа №111» Советского района г. Казани","Бардин","А.","С.","M",9,9,12.25,null,108,"не имеются",null,"География","Амирова","О.","П.","МБОУ «Средняя общеобразовательная русско-татарская школа №111» Советского района г. Казани"]
[347,"МБОУ «Средняя общеобразовательная школа №49» Ново-Савиновского района г. Казани","Мамонова","В.","С.","Ж",9,9,12.25,null,108,"не имеются",null,"География","Тукаева","М.","Ф.","МБОУ «Средняя общеобразовательная школа №49» Ново-Савиновского района г. Казани"]
[348,"МБОУ «Средняя общеобразовательная школа №101 имени П.А.Полушкина» Советского района г. Казани","Паишев","И.","В.","M",9,9,12.25,null,108,"не имеются",null,"География","Левина ","Н.","Д.","МБОУ «Средняя общеобразовательная школа №101 имени П.А.Полушкина» Советского района г. Казани"]
[349,"МБОУ «Средняя общеобразовательная русско-татарская школа №13» Вахитовского района г. Казани","Чочоков","Г.","А.","M",9,9,12.25,null,108,"не имеются",null,"География","Овчинников ","С.","Н.","МБОУ «Средняя общеобразовательная русско-татарская школа №13» Вахитовского района г. Казани"]
[350,"Муниципальное бюджетное общеобразовательное учреждение \"Средняя общеобразовательная татарско-русская школа №71 с углубленным изучением отдельных предметов\" Ново-Савиновского района города Казани","Бикатова","Л.","Ф.","Ж",9,9,12,null,108,"не имеются",null,"География","Нигматуллина","А.","А.","Муниципальное бюджетное общеобразовательное учреждение \"Средняя общеобразовательная татарско-русская школа №71 с углубленным изучением отдельных предметов\" Ново-Савиновского района города Казани"]
[351,"МБОУ «Средняя общеобразовательная русско-татарская школа №111» Советского района г. Казани","Галеев","И.","И.","M",9,9,12,null,108,"не имеются",null,"География","Амирова","О.","П.","МБОУ «Средняя общеобразовательная русско-татарская школа №111» Советского района г. Казани"]
[352,"МБОУ \"Средняя общеобразовательная школа №62 с углубленным изучением отдельных предметов\"","Аксенов","А.","В.","M",9,9,11.75,null,108,"не имеются",null,"География","Галялтдинова","Г.","Р.","МБОУ \"Средняя общеобразовательная школа №62 с углубленным изучением отдельных предметов\""]
[353,"МБОУ «Средняя общеобразовательная школа №166» Советского района г. Казани","Гилазиев","И.","И.","M",9,9,11.75,null,108,"не имеются",null,"География","Ильина","Н.","А.","МБОУ «Средняя общеобразовательная школа №166» Советского района г. Казани"]
[354,"МБОУ «Открытая (сменная) общеобразовательная школа №12» Вахитовского района г. Казани","Иванов","И.","В.","M",9,9,11.75,null,108,"не имеются",null,"География","Хадиева","Г.","И.","МБОУ «Открытая (сменная) общеобразовательная школа №12» Вахитовского района г. Казани"]
[355,"МБОУ «Средняя общеобразовательная школа №175» Советского района г. Казани","Ковалева","М.","В.","Ж",9,9,11.75,null,108,"не имеются",null,"География","Мушарапова","И.","Ф.","МБОУ «Средняя общеобразовательная школа №175» Советского района г. Казани"]
[356,"МБОУ \"Средняя общеобразовательная русско-татарская школа №115\" Авиастроительного района г. Казани","Нуруллина","А.","И.","Ж",9,9,11.75,null,108,"не имеются",null,"География","Гурьянова","Т.","Н.","МБОУ \"Средняя общеобразовательная русско-татарская школа №115\" Авиастроительного района г. Казани"]
[357,"МБОУ \"Русско-татарская средняя школа №81 с углубленным изучением отдельных предметов имени В.А.Григорьева\" Кировского района г. Казани","Гимадеева","Ч.","Р.","Ж",9,9,11.5,null,108,"не имеются",null,"География","Низамова","А.","Х.","МБОУ \"Русско-татарская средняя школа №81 с углубленным изучением отдельных предметов имени В.А.Григорьева\" Кировского района г. Казани"]
[358,"МАОУ «Гимназия №37 Авиастроительного района г. Казани - Школа-центр компетенции в электронном образовании","Якушева","О.","С.","Ж",9,9,11.5,null,108,"не имеются",null,"География","Чапаева","С.","Т.","МАОУ «Гимназия №37 Авиастроительного района г. Казани - Школа-центр компетенции в электронном образовании"]
[359,"МБОУ \"Средняя общеобразовательная школа №77\" Авиастроительного района г. Казани","Анистифоров","М.","А.","M",9,9,11.25,null,108,"не имеются",null,"География","Савельева","О.","Е.","МБОУ \"Средняя общеобразовательная школа №77\" Авиастроительного района г. Казани"]
[360,"Муниципальное бюджетное общеобразовательное учреждение \"Средняя общеобразовательная татарско-русская школа №71 с углубленным изучением отдельных предметов\" Ново-Савиновского района города Казани","Губаль","В.","Ю.","Ж",9,9,11.25,null,108,"не имеются",null,"География","Нигматуллина","А.","А.","Муниципальное бюджетное общеобразовательное учреждение \"Средняя общеобразовательная татарско-русская школа №71 с углубленным изучением отдельных предметов\" Ново-Савиновского района города Казани"]
[361,"МБОУ \"Татарская гимназия №15\" Кировского района г.Казани","Биктагирова","Э.","А.","Ж",9,9,11,null,108,"не имеются",null,"География","Кириллова","А.","В.","МБОУ \"Татарская гимназия №15\" Кировского района г.Казани"]
[362,"МБОУ \"Гимназия №122 имени Ж.А Зайцевой\" Московского района г.Казани","Денисюк","З.","О.","Ж",9,9,11,null,108,"не имеются",null,"География","Садчикова","Э.","В.","МБОУ \"Гимназия №122 имени Ж.А Зайцевой\" Московского района г.Казани"]
[363,"МБОУ «Открытая (сменная) общеобразовательная школа №12» Вахитовского района г. Казани","Гарифзянова","М.","А.","Ж",9,9,10.75,null,108,"не имеются",null,"География","Хадиева","Г.","И.","МБОУ «Открытая (сменная) общеобразовательная школа №12» Вахитовского района г. Казани"]
[364,"МБОУ «Русско-татарская средняя общеобразовательная школа №129» Приволжского района г. Казани","Раззоренова","А.","А.","Ж",9,9,10.75,null,108,"не имеются",null,"География","Гимранова","Г.","Р.","МБОУ «Русско-татарская средняя общеобразовательная школа №129» Приволжского района г. Казани"]
[365,"МБОУ «Средняя общеобразовательная школа №24 с углубленным изучением отдельных предметов» Приволжского района г. Казани","Шангараева","А.","Р.","Ж",9,9,10.75,null,108,"не имеются",null,"География","Кулагина","Н.","С.","МБОУ «Средняя общеобразовательная школа №24 с углубленным изучением отдельных предметов» Приволжского района г. Казани"]
[366,"МАОУ «Лицей-интернат №2» Московского района г. Казани","Газизов","С.","Ш.","M",9,9,10.5,null,108,"не имеются",null,"География","Замалиева","Ф.","Ю.","МАОУ «Лицей-интернат №2» Московского района г. Казани"]
[367,"МБОУ «Гимназия №6» Приволжского района г. Казани","Гимазов","А.","Р.","M",9,9,10.5,null,108,"не имеются",null,"География","Архипова","Т.","И.","МБОУ «Гимназия №6» Приволжского района г. Казани"]
[368,"МБОУ «Гимназия №20 имени Абдуллы Алиша» Советского района г. Казани","Губайдуллина","Л.","Ф.","Ж",9,9,10.5,null,108,"не имеются",null,"География","Абульханова","З.","Х.","МБОУ «Гимназия №20 имени Абдуллы Алиша» Советского района г. Казани"]
[369,"МБОУ «Средняя общеобразовательная школа №42» Приволжского района г. Казани","Алексеева","А.","И.","Ж",9,9,10.25,null,108,"не имеются",null,"География","Ибатуллина ","Г.","М.","МБОУ «Средняя общеобразовательная школа №42» Приволжского района г. Казани"]
[370,"МБОУ \"Гимназия №122 имени Ж.А Зайцевой\" Московского района г.Казани","Артемьева","К.","М.","Ж",9,9,9.75,null,108,"не имеются",null,"География","Садчикова","Э.","В.","МБОУ \"Гимназия №122 имени Ж.А Зайцевой\" Московского района г.Казани"]
[371,"МАОУ «Средняя общеобразовательная школа №165 с углубленным изучением английского языка» Ново-Савиновского района г.Казани","Башаркина","В.","И.","Ж",9,9,9.75,null,108,"не имеются",null,"География","Никулина","И.","Е.","МАОУ «Средняя общеобразовательная школа №165 с углубленным изучением английского языка» Ново-Савиновского района г.Казани"]
[372,"МБОУ\" Гимназия №3 с татарским языком обучения\" Кировского района г.Казани","Хуснетдинов","Р.","Г.","M",9,9,9.75,null,108,"не имеются",null,"География","Халикова","Э.","Х.","МБОУ\" Гимназия №3 с татарским языком обучения\" Кировского района г.Казани"]
[373,"МБОУ «Средняя общеобразовательная школа №101 имени П.А.Полушкина» Советского района г. Казани","Перцева","А.","В.","Ж",9,9,9.5,null,108,"не имеются",null,"География","Левина ","Н.","Д.","МБОУ «Средняя общеобразовательная школа №101 имени П.А.Полушкина» Советского района г. Казани"]
[374,"Частное общеобразовательное учреждение \"Академический Лицей им. Н.И.Лобачевского\" г. Казани","Тихонов","Ю.","М.","M",9,9,9.25,null,108,"не имеются",null,"География","Чернова","С.","С.","Частное общеобразовательное учреждение \"Академический Лицей им. Н.И.Лобачевского\" г. Казани"]
[375,"МБОУ «Татарско-русская средняя общеобразовательная школа №10 с углубленным изучением отдельных предметов» Приволжского района г. Казани","Андреева","А.","А.","Ж",9,9,9,null,108,"не имеются",null,"География","Загидуллина","Г.","Х.","МБОУ «Татарско-русская средняя общеобразовательная школа №10 с углубленным изучением отдельных предметов» Приволжского района г. Казани"]
[376,"МБОУ «Средняя общеобразовательная школа №85 с углубленным изучением отдельных предметов» Ново-Савиновского района г. Казани","Куй","Ч.","К.","M",9,9,9,null,108,"не имеются",null,"География","Карагланова","Г.","А.","МБОУ «Средняя общеобразовательная школа №85 с углубленным изучением отдельных предметов» Ново-Савиновского района г. Казани"]
[377,"МБОУ «Средняя общеобразовательная русско-татарская школа №111» Советского района г. Казани","Бойко","Б.","О.","M",9,9,7.75,null,108,"не имеются",null,"География","Амирова","О.","П.","МБОУ «Средняя общеобразовательная русско-татарская школа №111» Советского района г. Казани"]
[378,"МАОУ \"Лицей № 121\" Советского района г. Казани (Центр образования №178)","Гилемханов","К.","В.","M",9,9,7.75,null,108,"не имеются",null,"География","Маковская","В.","В.","МАОУ \"Лицей № 121\" Советского района г. Казани (Центр образования №178)"]
[379,"МБОУ «Средняя общеобразовательная русско-татарская школа №13» Вахитовского района г. Казани","Фатыхов","Н.","З.","M",9,9,7.75,null,108,"не имеются",null,"География","Овчинников","С.","Н.","МБОУ «Средняя общеобразовательная русско-татарская школа №13» Вахитовского района г. Казани"]
[380,"МБОУ «Средняя общеобразовательная школа №101 имени П.А.Полушкина» Советского района г. Казани","Асташкин","А.","Е.","M",9,9,7.5,null,108,"не имеются",null,"География","Левина ","Н.","Д.","МБОУ «Средняя общеобразовательная школа №101 имени П.А.Полушкина» Советского района г. Казани"]
[381,"МБОУ «Гимназия №14» Авиастроительного района г. Казани","Каримджанов","А.","Ф.","M",9,9,7.5,null,108,"не имеются",null,"География","Залалдинов","Л.","З.","МБОУ «Гимназия №14» Авиастроительного района г. Казани"]
[382,"МБОУ «Гимназия №10» Авиастроительного района г. Казани","Касимова","А.","Р.","Ж",9,9,7.25,null,108,"не имеются",null,"География","Газизуллина","Г. ","К.","МБОУ «Гимназия №10» Авиастроительного района г. Казани"]
[383,"МБОУ «Лицей №149 с татарским языком обучения» Советского района г. Казани","Сайфутдинова","А.","Р.","M",9,9,7.25,null,108,"не имеются",null,"География","Сабирова","Г.","Р.","МБОУ «Лицей №149 с татарским языком обучения» Советского района г. Казани"]
[384,"МБОУ\" Гимназия №3 с татарским языком обучения\" Кировского района г.Казани","Закирова","К.","Р.","Ж",9,9,6.5,null,108,"не имеются",null,"География","Халикова","Э.","Х.","МБОУ\" Гимназия №3 с татарским языком обучения\" Кировского района г.Казани"]
[385,"Муниципальное бюджетное общеобразовательное учреждение \"Средняя общеобразовательная татарско-русская школа №71 с углубленным изучением отдельных предметов\" Ново-Савиновского района города Казани","Закирова","А.","Л.","Ж",9,9,6.25,null,108,"не имеются",null,"География","Нигматуллина","А.","А.","Муниципальное бюджетное общеобразовательное учреждение \"Средняя общеобразовательная татарско-русская школа №71 с углубленным изучением отдельных предметов\" Ново-Савиновского района города Казани"]
[386,"МБОУ «Средняя общеобразовательная татарско-русская школа №80 с углубленным изучением отдельных предметов» Вахитовского района г. Казани","Ибрагимов","А.","Н.","M",9,9,5.75,null,108,"не имеются",null,"География","Узяркин","А.","Л.","МБОУ «Средняя общеобразовательная татарско-русская школа №80 с углубленным изучением отдельных предметов» Вахитовского района г. Казани"]
[387,"Муниципальное бюджетное общеобразовательное учреждение \"Средняя общеобразовательная школа № 169\" Советского района г. Казани","Исмагилова","Э.","М.","Ж",9,9,5.75,null,108,"не имеются",null,"География","Жаврова","Л.","М.","Муниципальное бюджетное общеобразовательное учреждение \"Средняя общеобразовательная школа № 169\" Советского района г. Казани"]
[388,"МБОУ «Средняя общеобразовательная русско-татарская школа №13» Вахитовского района г. Казани","Бадреев","И.","Р.","M",9,9,5.5,null,108,"не имеются",null,"География","Овчинников","С.","Н.","МБОУ «Средняя общеобразовательная русско-татарская школа №13» Вахитовского района г. Казани"]
[389,"МБОУ «Гимназия №20 имени Абдуллы Алиша» Советского района г. Казани","Гарифуллина","А.","И.","Ж",9,9,5.5,null,108,"не имеются",null,"География","Абульханова","З.","Х.","МБОУ «Гимназия №20 имени Абдуллы Алиша» Советского района г. Казани"]
[390,"Муниципальное бюджетное общеобразовательное учреждение \"Средняя общеобразовательная татарско-русская школа №71 с углубленным изучением отдельных предметов\" Ново-Савиновского района города Казани","Барыгина","Д.","А.","Ж",9,9,4.75,null,108,"не имеются",null,"География","Нигматуллина","А.","А.","Муниципальное бюджетное общеобразовательное учреждение \"Средняя общеобразовательная татарско-русская школа №71 с углубленным изучением отдельных предметов\" Ново-Савиновского района города Казани"]
[391,"МБОУ «Средняя общеобразовательная школа №175» Советского района г. Казани","Веденяпина","К.","А.","Ж",9,9,4.5,null,108,"не имеются",null,"География","Мушарапова","И.","Ф.","МБОУ «Средняя общеобразовательная школа №175» Советского района г. Казани"]
[392,"МБОУ \"Средняя общеобразовательная татарско-русская школа №134\" Авиастроительного района г. Казани","Векилзаде","Г.","Ш.","M",9,9,4.5,null,108,"не имеются",null,"География","Мубаракшина","Д.","А.","МБОУ \"Средняя общеобразовательная татарско-русская школа №134\" Авиастроительного района г. Казани"]
[393,"МБОУ «Средняя общеобразовательная школа №120 с углубленным изучением отдельных предметов» Московского района г. Казани","Шагабутдинова","А.","В.","Ж",9,9,4,null,108,"не имеются",null,"География","Тарасова    ","В.    ","М. ","МБОУ «Средняя общеобразовательная школа №120 с углубленным изучением отдельных предметов» Московского района г. Казани"]
[394,"МБОУ \"Лицей №78 \"Фарватер\" Приволжского района г. Казани","Маслов","О.","К.","M",8,8,79,null,98,"не имеются","победитель","География","Саттарова","Ф.","М.","МБОУ \"Лицей №78 \"Фарватер\" Приволжского района г. Казани"]
[395,"Лицей-интернат \"IТ-лицей К(П)ФУ\"","Галимов","Т.","Л.","M",8,8,55,58,98,"не имеются","призер","География","Саубанова","Л.","И.","Лицей-интернат \"IТ-лицей К(П)ФУ\""]
[396,"МБОУ «Гимназия №96» Вахитовского района г. Казани","Бубнов","И.","Ю.","M",8,8,57.5,null,98,"не имеются","призер","География","Козлова","О.","Н.","МБОУ «Гимназия №96» Вахитовского района г. Казани"]
[397,"МАОУ «Средняя общеобразовательная школа №141 с углубленным изучением отдельных предметов» Советского района г. Казани","Ефимов","И.","С.","М",8,8,57.5,null,98,"не имеются","призер","география","Ильина","С.","Н.","Муниципальное бюджетное общеобразовательное учреждение «Гимназия №27 с татарским языком обучения» Вахитовского района г. Казани"]
[398,"Лицей-интернат \"IТ-лицей К(П)ФУ\"","Гилаев","И.","Р.","M",8,8,55.5,null,98,"не имеются","призер","География","Саубанова","Л.","И.","Лицей-интернат \"IТ-лицей К(П)ФУ\""]
[399,"Муниципальное бюджетное общеобразовательное учреждение «Гимназия №27 с татарским языком обучения» Вахитовского района г. Казани","Хуснутдинова","И.","Р.","Ж",8,8,52.5,null,98,"не имеются","призер","География","Мухаметзянов","И.","М.","МБОУ \"Гимназия №27 с татарским языком обучения\""]
[400,"Муниципальное бюджетное общеобразовательное учреждение «Гимназия №27 с татарским языком обучения» Вахитовского района г. Казани","Галиева","Д.","И.","Ж",8,8,51,null,98,"не имеются","призер","География","Мухаметзянов","И.","М.","МБОУ \"Гимназия №27 с татарским языком обучения\""]
[401,"МБОУ «Средняя общеобразовательная татарско-русская школа №80 с углубленным изучением отдельных предметов» Вахитовского района г. Казани","Гафарова","Н.","С.","Ж",8,8,50,null,98,"не имеются","призер","География","Узяркин","А.","Л.","МБОУ «Средняя общеобразовательная татарско-русская школа №80 с углубленным изучением отдельных предметов» Вахитовского района г. Казани"]
[402,"МАОУ «Средняя общеобразовательная школа №18 с углубленным изучением английского языка» Вахитовского района г. Казани","Нурутдинов","А.","З.","M",8,8,50,null,98,"не имеются","призер","География","Калянова","С.","П.","МАОУ «Средняя общеобразовательная школа №18 с углубленным изучением английского языка» Вахитовского района г. Казани"]
[403,"МБОУ «Лицей №159» Советского района г. Казани","Суракматов","Н.","Б.","M",8,8,49,null,98,"не имеются","призер","География","Полиектова","Л.","Л.","МБОУ «Лицей №159» Советского района г. Казани"]
[404,"МБОУ «Средняя общеобразовательная школа №127» Приволжского района г. Казани","Васильев","В.","Д.","M",8,8,43,null,98,"не имеются","призер","География","Кириллова","Т.","М.","МБОУ «Средняя общеобразовательная школа №127» Приволжского района г. Казани"]
[405,"МАОУ «Гимназия №139» Приволжского района г. Казани","Ганеева","И.","З.","Ж",8,8,40.5,null,98,"не имеются","призер","География","Пономарева","Р.","И.","МАОУ «Гимназия №139» Приволжского района г. Казани"]
[406,"МБОУ «Гимназия №6» Приволжского района г. Казани","Яхваров","М.","Д.","M",8,8,40.5,null,98,"не имеются","призер","География","Юрасова","А.","Ф.","МБОУ «Гимназия №6» Приволжского района г. Казани"]
[407,"МАОУ \"Лицей №131\" Вахитовского района г. Казани","Гайсин","К.","Ш.","M",8,8,40,null,98,"не имеются","призер","География","Кириллова","В.","В.","МАОУ \"Лицей №131\" Вахитовского района г. Казани"]
[408,"МБОУ «Гимназия №102 им. М.С.Устиновой» Московского района г. Казани","Валиуллин","О.","Р.","M",8,8,39,null,98,"не имеются",null,"География","Захарова","Г.","В.","МБОУ «Гимназия №102 им. М.С.Устиновой» Московского района г. Казани"]
[409,"МБОУ «Лицей №149 с татарским языком обучения» Советского района г. Казани","Гайнуллина","А.","А.","Ж",8,8,38,null,98,"не имеются",null,"География","Сабирова","Г.","Р.","МБОУ «Лицей №149 с татарским языком обучения» Советского района г. Казани"]
[410,"МБОУ «Гимназия №93 » Советского района г. Казани","Гайнуллина","Э.","А.","Ж",8,8,38,null,98,"не имеются",null,"География","Шлямина","И.","Б.","МБОУ «Гимназия №93 » Советского района г. Казани"]
[411,"Муниципальное автономное общеобразовательное учреждение для детей, проявивших выдающиеся способности «Средняя общеобразовательная школа-интернат «Специализированный олимпиадно-научный центр «СОлНЦе» Вахитовского района г. Казани","Плискин","Р.","И.","M",8,8,36,38,98,"не имеются",null,"География","Каримов","Ф.","К.","Муниципальное автономное общеобразовательное учреждение для детей, проявивших выдающиеся способности «Средняя общеобразовательная школа-интернат «Специализированный олимпиадно-научный центр «СОлНЦе» Вахитовского района г. Казани"]
[412,"МАОУ «Гимназия №19» Приволжского района г. Казани. Школа - центр компетенции в электронном образовании. Базовая площадка по реализации мероприятия \"Реализация во всех субъектах РФ национальной образовательной инициативы \"Наша новая школа\"","Ахтямов","Ю.","Р.","M",6,8,37.5,null,98,"не имеются",null,"География","Шакирзянов","Д.","С.","МАОУ «Гимназия №19» Приволжского района г. Казани. Школа - центр компетенции в электронном образовании. Базовая площадка по реализации мероприятия \"Реализация во всех субъектах РФ национальной образовательной инициативы \"Наша новая школа\""]
[413,"МБОУ «Средняя общеобразовательная школа № 9 с углубленным изучением английского языка» Ново-Савиновского района г.Казани","Краснов","М.","А.","M",8,8,37.5,null,98,"не имеются",null,"География","Степанищева","О.","В.","МБОУ «Средняя общеобразовательная школа № 9 с углубленным изучением английского языка» Ново-Савиновского района г.Казани"]
[414,"МБОУ «Гимназия №90» Советского района г. Казани","Захарова","К.","С.","Ж",8,8,37.5,null,98,"не имеются",null,"География","Миронская","Л.","Г.","МБОУ «Гимназия №90» Советского района г. Казани"]
[415,"МБОУ \"Средняя общеобразовательная школа №54\" Авиастроительного района г. Казани","Корнев","А.","В.","M",8,8,37,null,98,"не имеются",null,"География","Хабибуллина","Н.","Р.","МБОУ \"Средняя общеобразовательная школа №54\" Авиастроительного района г. Казани"]
[416,"МБОУ \"Средняя общеобразовательная школа №35 с углубленным изучением отдельных предметов\" Приволжского района города Казани","Гусарова","Е.","Д.","Ж",8,8,36.5,null,98,"не имеются",null,"География","Князькина","Е.","П.","МБОУ \"Средняя общеобразовательная школа №35 с углубленным изучением отдельных предметов\" Приволжского района города Казани"]
[417,"МБОУ \"Гимназия №122 имени Ж.А Зайцевой\" Московского района г.Казани","Кадырова","Э.","Р.","Ж",8,8,36,null,98,"не имеются",null,"География","Григорьева","Т.","Б.","МБОУ \"Гимназия №122 имени Ж.А Зайцевой\" Московского района г.Казани"]
[418,"МАОУ «Средняя общеобразовательная школа №39 с углубленным изучением английского языка» Вахитовского района г. Казани","Яруллина","А.","М.","Ж",8,8,36,null,98,"не имеются",null,"География","Королева","Г.","В.","МАОУ «Средняя общеобразовательная школа №39 с углубленным изучением английского языка» Вахитовского района г. Казани"]
[419,"МБОУ «Татарская гимназия №17 имени Г.Ибрагимова» Московского района г.Казани","Гайфуллин","А.","А.","M",8,8,35.5,null,98,"не имеются",null,"География","Сайфуллина","З.","Н.","МБОУ «Татарская гимназия №17 имени Г.Ибрагимова» Московского района г.Казани"]
[420,"МБОУ «Средняя общеобразовательная школа №132 с углубленным изучением иностранных языков» Ново-Савиновского района г. Казани","Антонова","В.","В.","Ж",8,8,33,null,98,"не имеются",null,"География","Мустафина","Р.","Р.","МБОУ «Средняя общеобразовательная школа №132 с углубленным изучением иностранных языков» Ново-Савиновского района г. Казани"]
[421,"МАОУ «Средняя общеобразовательная школа №39 с углубленным изучением английского языка» Вахитовского района г. Казани","Филиппова","Л.","Ю.","Ж",8,8,32,null,98,"не имеются",null,"География","Королева","Г.","В.","МАОУ «Средняя общеобразовательная школа №39 с углубленным изучением английского языка» Вахитовского района г. Казани"]
[422,"Лицей-интернат IТ-лицей К(П)ФУ\"\"","Нефедов","Н.","В.","М",8,8,31,32,98,"не имеется",null,"география","Саубанова","Л.","И.","Муниципальное бюджетное общеобразовательное учреждение «Гимназия №27 с татарским языком обучения» Вахитовского района г. Казани"]
[423,"МБОУ «Средняя общеобразовательная школа № 9 с углубленным изучением английского языка»"," Афанасьев","В.","В.","М",7,7,31,null,98,"не имеется",null,"география"," ","О. ","В.","Муниципальное бюджетное общеобразовательное учреждение «Гимназия №27 с татарским языком обучения» Вахитовского района г. Казани"]
[424,"МБОУ «Гимназия №102 им. М.С.Устиновой» Московского района г. Казани","Гаврилов","М.","С.","М",8,8,31,null,98,"не имеются",null,"география","Захарова","Г.","В.","Муниципальное бюджетное общеобразовательное учреждение «Гимназия №27 с татарским языком обучения» Вахитовского района г. Казани"]
[425,"МБОУ «Гимназия №102 им. М.С.Устиновой» Московского района г. Казани","Катаев","А.","В.","M",8,8,31,null,98,"не имеются",null,"География","Захарова","Г.","В.","МБОУ «Гимназия №102 им. М.С.Устиновой» Московского района г. Казани"]
[426,"МБОУ «Средняя общеобразовательная школа № 9 с углубленным изучением английского языка» Ново-Савиновского района г.Казани","Михайлова","К.","О.","Ж",8,8,31,null,98,"не имеются",null,"География","Степанищева","О.","В.","МБОУ «Средняя общеобразовательная школа № 9 с углубленным изучением английского языка» Ново-Савиновского района г.Казани"]
[427,"МБОУ «Гимназия №93 » Советского района г. Казани","Тынысова","Л.","М.","Ж",8,8,31,null,98,"не имеются",null,"География","Шлямина","И.","Б.","МБОУ «Гимназия №93 » Советского района г. Казани"]
[428,"Лицей-интернат \"IТ-лицей К(П)ФУ\"","Файзрахманов","А.","И.","M",8,8,31,null,98,"не имеются",null,"География","Саубанова","Л.","И.","Лицей-интернат \"IТ-лицей К(П)ФУ\""]
[429,"МБОУ \"Лицей №78 \"Фарватер\" Приволжского района г. Казани","Авдонина","А.","М.","Ж",8,8,30.5,null,98,"не имеются",null,"География","Саттарова","Ф.","М.","МБОУ \"Лицей №78 \"Фарватер\" Приволжского района г. Казани"]
[430,"МБОУ \"Средняя общеобразовательная школа №35 с углубленным изучением отдельных предметов\" Приволжского района города Казани","Ермосина","А.","М.","Ж",8,8,30.5,null,98,"не имеются",null,"География","Гилязова ","Г. ","Г.","МБОУ \"Средняя общеобразовательная школа №35 с углубленным изучением отдельных предметов\" Приволжского района города Казани"]
[431,"МБОУ «Гимназия №125» Советского района г. Казани","Иванов","Д.","М.","M",8,8,30.5,null,98,"не имеются",null,"География","Авдошкина","Е.","И.","МБОУ «Гимназия №125» Советского района г. Казани"]
[432,"МБОУ «Гимназия №20 имени Абдуллы Алиша» Советского района г. Казани","Гаязова","А.","Р.","Ж",8,8,30,null,98,"не имеются",null,"География","Абульханова","З.","Х.","МБОУ «Гимназия №20 имени Абдуллы Алиша» Советского района г. Казани"]
[433,"Муниципальное бюджетное общеобразовательное учреждение \"Средняя общеобразовательная школа № 169\" Советского района г. Казани","Мифтахов","М.","М.","M",8,8,29.5,null,98,"не имеются",null,"География","Жаврова","Л.","М.","Муниципальное бюджетное общеобразовательное учреждение \"Средняя общеобразовательная школа № 169\" Советского района г. Казани"]
[434,"МАОУ «Средняя общеобразовательная школа №165 с углубленным изучением английского языка» Ново-Савиновского района г.Казани","Дуюнов","В.","Н.","M",8,8,29,null,98,"не имеются",null,"География","Никулина","И.","Е.","МАОУ «Средняя общеобразовательная школа №165 с углубленным изучением английского языка» Ново-Савиновского района г.Казани"]
[435,"Лицей-интернат \"IТ-лицей К(П)ФУ\"","Еров","Е.","О.","M",8,8,29,null,98,"не имеются",null,"География","Саубанова","Л.","И.","Лицей-интернат \"IТ-лицей К(П)ФУ\""]
[436,"Муниципальное бюджетное общеобразовательное учреждение \"Средняя общеобразовательная татарско-русская школа №71 с углубленным изучением отдельных предметов\" Ново-Савиновского района города Казани","Осипова","Д.","С.","Ж",8,8,29,null,98,"не имеются",null,"География","Красавкина","Н.","Р.","Муниципальное бюджетное общеобразовательное учреждение \"Средняя общеобразовательная татарско-русская школа №71 с углубленным изучением отдельных предметов\" Ново-Савиновского района города Казани"]
[437,"МБОУ «Средняя общеобразовательная школа №84» с углубленным изучением иностранных языков Советского района г. Казани","Маслаков","И.","И.","M",8,8,28.5,null,98,"не имеются",null,"География","Чучева","О.","А.","МБОУ «Средняя общеобразовательная школа №84» с углубленным изучением иностранных языков Советского района г. Казани"]
[438,"МБОУ \"Лицей №78 \"Фарватер\" Приволжского района г. Казани","Гайнанов","М.","Р.","M",8,8,28,null,98,"не имеются",null,"География","Саттарова","Ф.","М.","МБОУ \"Лицей №78 \"Фарватер\" Приволжского района г. Казани"]
[439,"Муниципальное бюджетное общеобразовательное учреждение «Средняя общеобразовательная татарско-русская школа №113 с углублённым изучением отдельных предметов» Ново-Савиновского района г. Казани","Кармута","Б.","Х.","Ж",8,8,28,null,98,"не имеется",null,"география","Маркарян","Л.","В.","Муниципальное бюджетное общеобразовательное учреждение «Гимназия №27 с татарским языком обучения» Вахитовского района г. Казани"]
[440,"МБОУ «Средняя общеобразовательная школа № 9 с углубленным изучением английского языка» Ново-Савиновского района г.Казани","Касимов","А.","И.","M",8,8,28,null,98,"не имеются",null,"География","Степанищева","О.","В.","МБОУ «Средняя общеобразовательная школа № 9 с углубленным изучением английского языка» Ново-Савиновского района г.Казани"]
[441,"Федеральное Государственное Казенное ОбщеобразовательноеУчреждение \"Казанское суворовское военное училище Министерства обороны Российской Федерации\"","Сабуров","А.","А.","M",8,8,28,null,98,"не имеются",null,"География","Хайруллина","Г.","А.","Федеральное Государственное Казенное ОбщеобразовательноеУчреждение \"Казанское суворовское военное училище Министерства обороны Российской Федерации\""]
[442,"МБОУ \"Средняя общеобразовательная школа №62 с углубленным изучением отдельных предметов\"","Ахмедов","А.","С.","M",8,8,27,null,98,"не имеются",null,"География","Валиуллина","Л.","И.","МБОУ \"Средняя общеобразовательная школа №62 с углубленным изучением отдельных предметов\""]
[443,"МБОУ «Средняя общеобразовательная школа №42» Приволжского района г. Казани","Выхристюк","Е.","О.","M",8,8,27,null,98,"не имеются",null,"География","Ибатуллина ","Г.","М.","МБОУ «Средняя общеобразовательная школа №42» Приволжского района г. Казани"]
[444,"МБОУ «Средняя общеобразовательная школа №95 с углубленным изучением отдельных предметов» Приволжского района г. Казани","Зиннуров","Р.","Э.","M",8,8,27,null,98,"не имеются",null,"География","Бугрова","О.","Н.","МБОУ «Средняя общеобразовательная школа №95 с углубленным изучением отдельных предметов» Приволжского района г. Казани"]
[445,"МБОУ «Средняя общеобразовательная школа №33 с углубленным изучением отдельных предметов» Авиастроительного района г. Казани","Исбулатов","К.","А.","M",8,8,27,null,98,"не имеются",null,"География","Гилязиева","Н.","Г.","МБОУ «Средняя общеобразовательная школа №33 с углубленным изучением отдельных предметов» Авиастроительного района г. Казани"]
[446,"МАОУ «Средняя общеобразовательная школа №165 с углубленным изучением английского языка» Ново-Савиновского района г.Казани","Махмудов","А.","Н.","M",8,8,27,null,98,"не имеются",null,"География","Никулина","И.","Е.","МАОУ «Средняя общеобразовательная школа №165 с углубленным изучением английского языка» Ново-Савиновского района г.Казани"]
[447,"МАОУ «Лицей-интернат №7» Ново-Савиновского района г. Казани","Пашеев","А.","А.","M",8,8,27,null,98,"не имеются",null,"География","Шакирова","Ф.","Р.","МАОУ «Лицей-интернат №7» Ново-Савиновского района г. Казани"]
[448,"МБОУ «Гимназия №96» Вахитовского района г. Казани","Сабитов","Д.","Т.","M",8,8,27,null,98,"не имеются",null,"География","Козлова","О.","Н.","МБОУ «Гимназия №96» Вахитовского района г. Казани"]
[449,"МБОУ «Средняя общеобразовательная школа №91» Ново-Савиновского района г. Казани","Наумов","Р.","А.","M",8,8,26.5,null,98,"не имеются",null,"География","Симонов","Ю.","Ф.","МБОУ «Средняя общеобразовательная школа №91» Ново-Савиновского района г. Казани"]
[450,"МБОУ «Гимназия №6» Приволжского района г. Казани","Белова","Д.","А.","Ж",8,8,26,null,98,"не имеются",null,"География","Юрасова","А.","Ф.","МБОУ «Гимназия №6» Приволжского района г. Казани"]
[451,"МБОУ \"Средняя общеобразовательная школа №137 с углубленным изучением отдельных предметов\" Кировского района г.Казани","Куленев","А.","В.","M",8,8,26,null,98,"не имеются",null,"География","Исаева","Е.","П.","МБОУ \"Средняя общеобразовательная школа №137 с углубленным изучением отдельных предметов\" Кировского района г.Казани"]
[452,"НОУ «Школа «Елена-Сервис»","Мазин","М.","Б.","M",8,8,26,null,98,"не имеются",null,"География","Будникова","Л.","В.","НОУ «Школа «Елена-Сервис»"]
[453,"МБОУ «Средняя общеобразовательная татарско-русская школа №80 с углубленным изучением отдельных предметов» Вахитовского района г. Казани","Мякишева","Д.","Д.","Ж",8,8,26,null,98,"не имеются",null,"География","Узяркин","А.","Л.","МБОУ «Средняя общеобразовательная татарско-русская школа №80 с углубленным изучением отдельных предметов» Вахитовского района г. Казани"]
[454,"МБОУ \"Средняя русско-татарская общеобразовательная школа №57\" Кировского района г.Казани","Сафиуллина","Д.","Ф.","Ж",8,8,25.5,null,98,"не имеются",null,"География","Замалиева","Э.","Д.","МБОУ \"Средняя русско-татарская общеобразовательная школа №57\" Кировского района г.Казани"]
[455,"Муниципиальное бюджетное общеобразовательное учреждение «Татарская гимназия №1» Вахитовского района г. Казани","Габдуллина","Д.","З.","Ж",8,8,25.5,null,98,"не имеются",null,"География","Ахмадеева    ","З.    ","А.","Муниципиальное бюджетное общеобразовательное учреждение «Татарская гимназия №1» Вахитовского района г. Казани"]
[456,"МБОУ «Гимназия №102 им. М.С.Устиновой» Московского района г. Казани","Залялетдинов","Т.","И.","M",8,8,25.5,null,98,"не имеются",null,"География","Захарова","Г.","В.","МБОУ «Гимназия №102 им. М.С.Устиновой» Московского района г. Казани"]
[457,"МБОУ «Гимназия №93 » Советского района г. Казани","Крупенникова","Д.","Е.","Ж",8,8,25,"25,5",98,"не имеются",null,"География","Шлямина","И.","Б.","МБОУ «Гимназия №93 » Советского района г. Казани"]
[458,"МБОУ «Гимназия №13 с татарским языком обучения» Ново-Савиновского района г.Казани","Казымов","О.","А.","M",8,8,25,null,98,"не имеются",null,"География","Ибрагимова","Г.","Р.","МБОУ «Гимназия №13 с татарским языком обучения» Ново-Савиновского района г.Казани"]
[459,"МБОУ \"Средняя общеобразовательная школа №179 с углубленным изучением отдельных предметов\" Ново-Савиновского района города Казани","Нафигин","Р.","Р.","M",8,8,25,null,98,"не имеются",null,"География","Захаров","Д.","Е.","МБОУ \"Средняя общеобразовательная школа №179 с углубленным изучением отдельных предметов\" Ново-Савиновского района города Казани"]
[460,"МБОУ «Гимназия №75 с этнокультурным русским компонентом» Московского района г.Казани","Александрова","Л.","Д.","Ж",8,8,24,null,98,"не имеются",null,"География","Симонов","Ю. ","Ф.","МБОУ «Гимназия №75 с этнокультурным русским компонентом» Московского района г.Казани"]
[461,"МАОУ «Средняя общеобразовательная школа №165 с углубленным изучением английского языка» Ново-Савиновского района г.Казани","Касимова","А.","И.","Ж",8,8,24,null,98,"не имеются",null,"География","Никулина ","И.","Е.","МАОУ «Средняя общеобразовательная школа №165 с углубленным изучением английского языка» Ново-Савиновского района г.Казани"]
[462,"МБОУ «Гимназия №75 с этнокультурным русским компонентом» Московского района г.Казани","Толометова","Д.","А.","Ж",8,8,24,null,98,"не имеются",null,"География","Симонов","Ю. ","Ф.","МБОУ «Гимназия №75 с этнокультурным русским компонентом» Московского района г.Казани"]
[463,"МБОУ «Гимназия №8» Советского района г. Казани","Майданчик","Э.","А.","M",8,8,23.5,null,98,"не имеются",null,"География","Леонтьева","Л.","Е.","МБОУ «Гимназия №8» Советского района г. Казани"]
[464,"МБОУ «Гимназия №6» Приволжского района г. Казани","Беляева","Д.","А.","Ж",8,8,23,null,98,"не имеются",null,"География","Юрасова","А.","Ф.","МБОУ «Гимназия №6» Приволжского района г. Казани"]
[465,"МБОУ «Русско-татарская средняя общеобразовательная школа №129» Приволжского района г. Казани","Зиганшина","К.","А.","Ж",8,8,23,null,98,"не имеются",null,"География","Гимранова","Г.","Р.","МБОУ «Русско-татарская средняя общеобразовательная школа №129» Приволжского района г. Казани"]
[466,"МОУ «Средняя общеобразовательная школа №86 с углубленным изучением отдельных предметов» Советского района г. Казани","Матвеев","Г.","Е.","M",8,8,23,null,98,"не имеются",null,"География","Леонтьева","Л.","Е.","МОУ «Средняя общеобразовательная школа №86 с углубленным изучением отдельных предметов» Советского района г. Казани"]
[467,"МБОУ «Лицей №83» Приволжского района г. Казани","Кириллов","Р.","В.","M",8,8,22.5,null,98,"не имеются",null,"География","Кильдеев","Х.","А.","МБОУ «Лицей №83» Приволжского района г. Казани"]
[468,"Частное общеобразовательное учреждение \"Академический Лицей им. Н.И.Лобачевского\" г. Казани","Тагиров","А.","Ш.","M",8,8,22.5,null,98,"не имеются",null,"География","Гордиенко","С.","Г.","Частное общеобразовательное учреждение \"Академический Лицей им. Н.И.Лобачевского\" г. Казани"]
[469,"Общеобразовательная школа-интернат «Лицей имени Н. И. Лобачевского» К(П)ФУ","Нургалиев","Р.","Р.","М",8,8,22,null,98,"не имеются",null,"География","Гараева","А.","Т.","ОШИ \"Лицей имени Н.И. Лобачевского при КФУ\""]
[470,"МАОУ «Средняя общеобразовательная школа №165 с углубленным изучением английского языка» Ново-Савиновского района г.Казани","Сафин","Д.","Р.","M",8,8,22,null,98,"не имеются",null,"География","Никулина","И.","Е.","МАОУ «Средняя общеобразовательная школа №165 с углубленным изучением английского языка» Ново-Савиновского района г.Казани"]
[471,"МБОУ «Гимназия №90» Советского района г. Казани","Гайнуллина","Г.","Р.","Ж",8,8,21,null,98,"не имеются",null,"География","Миронская","Л.","Г.","МБОУ «Гимназия №90» Советского района г. Казани"]
[472,"МБОУ «Гимназия №90» Советского района г. Казани","Шарафеев","Б.","Л.","M",8,8,20.5,null,98,"не имеются",null,"География","Миронская","Л.","Г.","МБОУ «Гимназия №90» Советского района г. Казани"]
[473,"МБОУ «Средняя общеобразовательная школа №170 с углублённым изучением отдельных предметов» Ново-Савиновского района г. Казани","Анисимов","Э.","А.","M",8,8,20,null,98,"не имеются",null,"География","Белоус","С.","А.","МБОУ «Средняя общеобразовательная школа №170 с углублённым изучением отдельных предметов» Ново-Савиновского района г. Казани"]
[474,"МАОУ \"Лицей № 121\" Советского района г. Казани (Центр образования №178)","Литовченко","Д.","М.","Ж",8,8,20,null,98,"не имеются",null,"География","Ефанова","С.","Ю.","МАОУ \"Лицей № 121\" Советского района г. Казани (Центр образования №178)"]
[475,"МБОУ «Средняя общеобразовательная школа №175» Советского района г. Казани","Рзай","Д.","И.","M",8,8,20,null,98,"не имеются",null,"География","Мушарапова","И.","Ф.","МБОУ «Средняя общеобразовательная школа №175» Советского района г. Казани"]
[476,"МБОУ «Средняя общеобразовательная школа №42» Приволжского района г. Казани","Сафиуллин","Д.","И.","M",8,8,20,null,98,"не имеются",null,"География","Ибатуллина ","Г.","М.","МБОУ «Средняя общеобразовательная школа №42» Приволжского района г. Казани"]
[477,"МБОУ «Гимназия №6» Приволжского района г. Казани","Тихонова","В.","А.","Ж",8,8,19.5,null,98,"не имеются",null,"География","Юрасова","А.","Ф.","МБОУ «Гимназия №6» Приволжского района г. Казани"]
[478,"МБОУ «Гимназия №75 с этнокультурным русским компонентом» Московского района г.Казани","Нургаянов","С.","И.","M",8,8,19.5,null,98,"не имеются",null,"География","Симонов","Ю. ","Ф.","МБОУ «Гимназия №75 с этнокультурным русским компонентом» Московского района г.Казани"]
[479,"МБОУ «Средняя общеобразовательная школа №72 с углубленным изучением немецкого языка» Советского района г. Казани","Шашина","М.","С.","Ж",8,8,19.5,null,98,"не имеются",null,"География","Шустова","Т.","В.","МБОУ «Средняя общеобразовательная школа №72 с углубленным изучением немецкого языка» Советского района г. Казани"]
[480,"МБОУ «Средняя общеобразовательная школа №24 с углубленным изучением отдельных предметов» Приволжского района г. Казани","Багрова","Д.","С.","Ж",8,8,19,null,98,"не имеются",null,"География","Кулагина","Н.","С.","МБОУ «Средняя общеобразовательная школа №24 с углубленным изучением отдельных предметов» Приволжского района г. Казани"]
[481,"Муниципиальное бюджетное общеобразовательное учреждение «Татарская гимназия №1» Вахитовского района г. Казани","Волкова","Ю.","В.","Ж",8,8,19,null,98,"не имеются",null,"География","Ахмадеева    ","З.    ","А.","Муниципиальное бюджетное общеобразовательное учреждение «Татарская гимназия №1» Вахитовского района г. Казани"]
[482,"МБОУ «Гимназия №96» Вахитовского района г. Казани","Воробьева","А.","С.","Ж",8,8,19,null,98,"не имеются",null,"География","Воронова","Н.","В.","МБОУ «Гимназия №96» Вахитовского района г. Казани"]
[483,"Муниципальное автономное общеобразовательное учреждение для детей, проявивших выдающиеся способности «Средняя общеобразовательная школа-интернат «Специализированный олимпиадно-научный центр «СОлНЦе» Вахитовского района г. Казани","Курбатова","А.","А.","Ж",8,8,19,null,98,"не имеются",null,"География","Каримов","Ф.","К.","Муниципальное автономное общеобразовательное учреждение для детей, проявивших выдающиеся способности «Средняя общеобразовательная школа-интернат «Специализированный олимпиадно-научный центр «СОлНЦе» Вахитовского района г. Казани"]
[484,"МБОУ \"Гимназия №155 с татарским языком обучения\" Ново-Савиновского района г.Казани","Смирнова","Е.","П.","Ж",8,8,19,null,98,"не имеются",null,"География","Садриев","Ф. ","Д.","МБОУ \"Гимназия №155 с татарским языком обучения\" Ново-Савиновского района г.Казани"]
[485,"МБОУ «Гимназия №14» Авиастроительного района г. Казани","Хайртдинов","А.","М.","M",8,8,19,null,98,"не имеются",null,"География","Залалдинов","Л.","З.","МБОУ «Гимназия №14» Авиастроительного района г. Казани"]
[486,"МАОУ «Средняя общеобразовательная школа №39 с углубленным изучением английского языка» Вахитовского района г. Казани","Якупова","В.","Э.","Ж",8,8,19,null,98,"не имеются",null,"География","Королева","Г.","В.","МАОУ «Средняя общеобразовательная школа №39 с углубленным изучением английского языка» Вахитовского района г. Казани"]
[487,"МБОУ \"Средняя русско-татарская общеобразовательная школа №57\" Кировского района г.Казани","Корнеева","К.","Е.","Ж",8,8,18.5,null,98,"не имеются",null,"География","Замалиева","Э.","Д.","МБОУ \"Средняя русско-татарская общеобразовательная школа №57\" Кировского района г.Казани"]
[488,"МБОУ \"Средняя общеобразовательная школа №54\" Авиастроительного района г. Казани","Азизов","И.","И.","M",8,8,18.5,null,98,"не имеются",null,"География","Хабибуллина","Н.","Р.","МБОУ \"Средняя общеобразовательная школа №54\" Авиастроительного района г. Казани"]
[489,"МАОУ \"Лицей № 121\" Советского района г. Казани (Центр образования №178)","Ганиев","А.","А.","M",8,8,18.5,null,98,"не имеются",null,"География","Ковенко ","Д.","Д.","МАОУ \"Лицей № 121\" Советского района г. Казани (Центр образования №178)"]
[490,"МБОУ «Средняя общеобразовательная школа №174» Советского района г. Казани","Пинаев","Д.","С.","M",8,8,18.5,null,98,"не имеются",null,"География","Шигапова","Р.","Г.","МБОУ «Средняя общеобразовательная школа №174» Советского района г. Казани"]
[491,"МБОУ «Средняя общеобразовательная школа №72 с углубленным изучением немецкого языка» Советского района г. Казани","Архангельский","А.","В.","M",8,8,18,null,98,"не имеются",null,"География","Шустова","Т.","В.","МБОУ «Средняя общеобразовательная школа №72 с углубленным изучением немецкого языка» Советского района г. Казани"]
[492,"МБОУ «Средняя общеобразовательная школа № 9 с углубленным изучением английского языка» Ново-Савиновского района г.Казани","Гаранин","К.","А.","M",8,8,18,null,98,"не имеются",null,"География","Степанищева","О.","В.","МБОУ «Средняя общеобразовательная школа № 9 с углубленным изучением английского языка» Ново-Савиновского района г.Казани"]
[493,"МБОУ «Средняя общеобразовательная школа №175» Советского района г. Казани","Ибрагимова","Г.","Э.","Ж",8,8,18,null,98,"не имеются",null,"География","Мушарапова","И.","Ф.","МБОУ «Средняя общеобразовательная школа №175» Советского района г. Казани"]
[494,"МБОУ «Средняя общеобразовательная школа №41» Вахитовского района г. Казани/ Казан шәһәрнең Вахитов районының 41нче урта гомуми белем бирү мәктәбе","Туркова","А.","А.","Ж",8,8,18,null,98,"не имеются",null,"География","Евстафьева","О.","В.","МБОУ «Средняя общеобразовательная школа №41» Вахитовского района г. Казани/ Казан шәһәрнең Вахитов районының 41нче урта гомуми белем бирү мәктәбе"]
[495,"МАОУ «Лицей-интернат №2» Московского района г. Казани","Муллахметов","Б.","А.","M",8,8,17.5,null,98,"не имеются",null,"География","Замалиева","Ф.","Ю.","МАОУ «Лицей-интернат №2» Московского района г. Казани"]
[496,"МБОУ «Средняя общеобразовательная школа №33 с углубленным изучением отдельных предметов» Авиастроительного района г. Казани","Нургалиев","Р.","Р.","M",8,8,17.5,null,98,"не имеются",null,"География","Гилязиева","Н.","Г.","МБОУ «Средняя общеобразовательная школа №33 с углубленным изучением отдельных предметов» Авиастроительного района г. Казани"]
[497,"МБОУ «Гимназия №52» Приволжского района г. Казани","Филиппов","А.","В.","M",8,8,17,null,98,"не имеются",null,"География","Сухорученко","Л.","В.","МБОУ «Гимназия №52» Приволжского района г. Казани"]
[498,"МБОУ «Гимназия №14» Авиастроительного района г. Казани","Галямов","Д.","О.","M",8,8,16,null,98,"не имеются",null,"География","Залалдинов","Л.","З.","МБОУ «Гимназия №14» Авиастроительного района г. Казани"]
[499,"МБОУ «Лицей №83» Приволжского района г. Казани","Гончаров","И.","Р.","M",8,8,16,null,98,"не имеются",null,"География","Кильдеев","Х.","А.","МБОУ «Лицей №83» Приволжского района г. Казани"]
[500,"МБОУ «Средняя общеобразовательная школа №95 с углубленным изучением отдельных предметов» Приволжского района г. Казани","Григорьев","А.","И.","M",8,8,16,null,98,"не имеются",null,"География","Бугрова","О.","Н.","МБОУ «Средняя общеобразовательная школа №95 с углубленным изучением отдельных предметов» Приволжского района г. Казани"]
[501,"МБОУ \"Средняя русско-татарская общеобразовательная школа №57\" Кировского района г.Казани","Киселев","Д.","Л.","M",8,8,16,null,98,"не имеются",null,"География","Замалиева","Э.","Д.","МБОУ \"Средняя русско-татарская общеобразовательная школа №57\" Кировского района г.Казани"]
[502,"МБОУ «Средняя общеобразовательная школа №91» Ново-Савиновского района г. Казани","Мельникова","Д.","А.","Ж",8,8,16,null,98,"не имеются",null,"География","Симонов","Ю.","Ф.","МБОУ «Средняя общеобразовательная школа №91» Ново-Савиновского района г. Казани"]
[503,"МБОУ «Гимназия №20 имени Абдуллы Алиша» Советского района г. Казани","Саттарова","Д.","Ш.","Ж",8,8,16,null,98,"не имеются",null,"География","Абульханова","З.","Х.","МБОУ «Гимназия №20 имени Абдуллы Алиша» Советского района г. Казани"]
[504,"МБОУ «Гимназия №21» Приволжского района г. Казани","Сафин","А.","А.","M",8,8,16,null,98,"не имеются",null,"География","Никишина","Н.","А.","МБОУ «Гимназия №21» Приволжского района г. Казани"]
[505,"МБОУ «Средняя общеобразовательная школа № 1 с углубленным изучением отдельных предметов» Вахитовского района г. Казани","Шайдуллина","Д.","Р.","Ж",8,8,16,null,98,"не имеются",null,"География","Кавиева","Р.","А.","МБОУ «Средняя общеобразовательная школа № 1 с углубленным изучением отдельных предметов» Вахитовского района г. Казани"]
[506,"МБОУ «Татарско-русская средняя общеобразовательная школа №68 с углублённым изучением отдельных предметов» Приволжского района г. Казани","Шаймарданов","А.","Р.","M",8,8,16,null,98,"не имеются",null,"География","Файзиева","Р.","М.","МБОУ «Татарско-русская средняя общеобразовательная школа №68 с углублённым изучением отдельных предметов» Приволжского района г. Казани"]
[507,"МАОУ «Гимназия №37 Авиастроительного района г. Казани - Школа-центр компетенции в электронном образовании","Шарипова","А.","И.","Ж",8,8,16,null,98,"не имеются",null,"География","Плетнева","Н.","П.","МАОУ «Гимназия №37 Авиастроительного района г. Казани - Школа-центр компетенции в электронном образовании"]
[508,"МОУ «Средняя общеобразовательная русско-татарская школа №161» Советского района г. Казани","Хохлов","А.","А.","M",8,8,15.5,null,98,"не имеются",null,"География","Хасанова","Г.","Р.","МОУ «Средняя общеобразовательная русско-татарская школа №161» Советского района г. Казани"]
[509,"МБОУ \"Гимназия №122 имени Ж.А Зайцевой\" Московского района г.Казани","Черненко","А.","Ю.","M",8,8,15.5,null,98,"не имеются",null,"География","Григорьева","Т.","Б.","МБОУ \"Гимназия №122 имени Ж.А Зайцевой\" Московского района г.Казани"]
[510,"МБОУ «Татарско-русская средняя общеобразовательная школа №10 с углубленным изучением отдельных предметов» Приволжского района г. Казани","Галлямова","А.","М.","Ж",8,8,15,null,98,"не имеются",null,"География","Загидуллина","Г.","Х.","МБОУ «Татарско-русская средняя общеобразовательная школа №10 с углубленным изучением отдельных предметов» Приволжского района г. Казани"]
[511,"МАОУ \"Лицей № 121\" Советского района г. Казани (Центр образования №178)","Губайдуллина","А.","А.","Ж",8,8,15,null,98,"не имеются",null,"География","Ефанова","С.","Ю.","МАОУ \"Лицей № 121\" Советского района г. Казани (Центр образования №178)"]
[512,"МБОУ \"Гимназия №155 с татарским языком обучения\" Ново-Савиновского района г.Казани","Румянцева","Д.","М.","Ж",8,8,15,null,98,"не имеются",null,"География","Садриев","Ф.","Д.","МБОУ \"Гимназия №155 с татарским языком обучения\" Ново-Савиновского района г.Казани"]
[513,"МБОУ «Средняя общеобразовательная школа №91» Ново-Савиновского района г. Казани","Юсупова","С.","Р.","Ж",8,8,15,null,98,"не имеются",null,"География","Симонов","Ю.","Ф.","МБОУ «Средняя общеобразовательная школа №91» Ново-Савиновского района г. Казани"]
[514,"МБОУ «Средняя общеобразовательная русско-татарская школа №14» Вахитовского района г. Казани","Романов","О.","Д.","M",8,8,14.5,null,98,"не имеются",null,"География","Резенкова","О.","Ю.","МБОУ «Средняя общеобразовательная русско-татарская школа №14» Вахитовского района г. Казани"]
[515,"МАОУ «Средняя общеобразовательная школа №165 с углубленным изучением английского языка» Ново-Савиновского района г.Казани","Нуреев","Р.","Р.","M",8,8,14,null,98,"не имеются",null,"География","Никулина ","И.","Е.","МАОУ «Средняя общеобразовательная школа №165 с углубленным изучением английского языка» Ново-Савиновского района г.Казани"]
[516,"Муниципальное бюджетное общеобразовательное учреждение «Гимназия №27 с татарским языком обучения» Вахитовского района г. Казани","Нурутдинов","А.","Р.","М",8,8,14,null,98,"не имеются",null,"География","Мухаметзянов","И.","М.","МБОУ \"Гимназия №27 с татарским языком обучения\""]
[517,"МБОУ \"Лицей №78 \"Фарватер\" Приволжского района г. Казани","Халиков","А.","А.","M",8,8,14,null,98,"не имеются",null,"География","Саттарова","Ф.","М.","МБОУ \"Лицей №78 \"Фарватер\" Приволжского района г. Казани"]
[518,"МАОУ \"Лицей № 121\" Советского района г. Казани (Центр образования №178)","Барышева","А.","М.","Ж",8,8,13.5,null,98,"не имеются",null,"География","Ефанова","С.","Ю.","МАОУ \"Лицей № 121\" Советского района г. Казани (Центр образования №178)"]
[519,"МБОУ \"Средняя общеобразовательная школа №60\" Авиастроительного района г. Казани","Зайнуллина","И.","Ф.","Ж",8,8,13,null,98,"не имеются",null,"География","Миронова","Л.","А.","МБОУ \"Средняя общеобразовательная школа №60\" Авиастроительного района г. Казани"]
[520,"Муниципальное бюджетное общеобразовательное учреждение «Гимназия №5» Авиастроительного района г. Казани","Набиуллин","М.","Ю.","M",8,8,13,null,98,"не имеются",null,"География","Каримова","Х.","А.","Муниципальное бюджетное общеобразовательное учреждение «Гимназия №5» Авиастроительного района г. Казани"]
[521,"МБОУ «Средняя общеобразовательная школа №95 с углубленным изучением отдельных предметов» Приволжского района г. Казани","Сунгатова","Д.","Д.","Ж",8,8,13,null,98,"не имеются",null,"География","Бугрова","О.","Н.","МБОУ «Средняя общеобразовательная школа №95 с углубленным изучением отдельных предметов» Приволжского района г. Казани"]
[522,"МБОУ\" Гимназия №3 с татарским языком обучения\" Кировского района г.Казани","Фатыхов","Т.","М.","M",8,8,13,null,98,"не имеются",null,"География","Халикова","Э.","Х.","МБОУ\" Гимназия №3 с татарским языком обучения\" Кировского района г.Казани"]
[523,"МБОУ\" Гимназия №3 с татарским языком обучения\" Кировского района г.Казани","Алферов","А.","И.","M",8,8,12,null,98,"не имеются",null,"География","Халикова","Э.","Х.","МБОУ\" Гимназия №3 с татарским языком обучения\" Кировского района г.Казани"]
[524,"МБОУ «Средняя общеобразовательная школа №72 с углубленным изучением немецкого языка» Советского района г. Казани","Рыбаков","В.","А.","M",8,8,11.5,null,98,"не имеются",null,"География","Шустова","Т.","В.","МБОУ «Средняя общеобразовательная школа №72 с углубленным изучением немецкого языка» Советского района г. Казани"]
[525,"МБОУ «Лицей №149 с татарским языком обучения» Советского района г. Казани","Гафарова","М.","Р.","Ж",8,8,11,null,98,"не имеются",null,"География","Сабирова","Г.","Р.","МБОУ «Лицей №149 с татарским языком обучения» Советского района г. Казани"]
[526,"МАОУ «Средняя общеобразовательная школа №165 с углубленным изучением английского языка» Ново-Савиновского района г.Казани","Исаков","И.","Р.","M",8,8,11,null,98,"не имеются",null,"География","Никулина","И.","Е.","МАОУ «Средняя общеобразовательная школа №165 с углубленным изучением английского языка» Ново-Савиновского района г.Казани"]
[527,"МАОУ «Средняя общеобразовательная школа №165 с углубленным изучением английского языка» Ново-Савиновского района г.Казани","Тимергалиев","А.","А.","M",8,8,11,null,98,"не имеются",null,"География","Никулина","И.","Е.","МАОУ «Средняя общеобразовательная школа №165 с углубленным изучением английского языка» Ново-Савиновского района г.Казани"]
[528,"Государственное бюджетное общеобразовательное учреждение \"Казанская школа № 172 для детей с ограниченными возможностями здоровья\"","Левагина","Е.","А.","Ж",8,8,10.5,null,98,"имеются",null,"География","Бикбаева","Г.","Ф.","Государственное бюджетное общеобразовательное учреждение \"Казанская школа № 172 для детей с ограниченными возможностями здоровья\""]
[529,"МАОУ «Гимназия №19» Приволжского района г. Казани. Школа - центр компетенции в электронном образовании. Базовая площадка по реализации мероприятия \"Реализация во всех субъектах РФ национальной образовательной инициативы \"Наша новая школа\"","Петренко","Н.","С.","M",8,8,9.5,null,98,"не имеются",null,"География","Шакирзянов","Д.","С.","МАОУ «Гимназия №19» Приволжского района г. Казани. Школа - центр компетенции в электронном образовании. Базовая площадка по реализации мероприятия \"Реализация во всех субъектах РФ национальной образовательной инициативы \"Наша новая школа\""]
[530,"МАОУ \"Лицей № 121\" Советского района г. Казани (Центр образования №178)","Камалетдинова","А.","И.","Ж",8,8,9,null,98,"не имеются",null,"География","Ефанова","С.","Ю.","МАОУ \"Лицей № 121\" Советского района г. Казани (Центр образования №178)"]
[531,"МБОУ \"Гимназия №122 имени Ж.А Зайцевой\" Московского района г.Казани","Васильев","А.","С.","M",8,8,8.5,null,98,"не имеются",null,"География","Григорьева","Т.","Б.","МБОУ \"Гимназия №122 имени Ж.А Зайцевой\" Московского района г.Казани"]
[532,"Муниципальное бюджетное общеобразовательное учреждение «Средняя общеобразовательная школа №133» Московского района г. Казани","Тимашова","А.","М.","Ж",8,8,8.5,null,98,"не имеются",null,"География","Миннуллин","Р.","Р.","Муниципальное бюджетное общеобразовательное учреждение «Средняя общеобразовательная школа №133» Московского района г. Казани"]
[533,"Муниципальное бюджетное общеобразовательное учреждение «Средняя общеобразовательная школа №133» Московского района г. Казани","Ишимова","П.","Р.","Ж",8,8,8,null,98,"не имеются",null,"География","Миннуллин","Р.","Р.","Муниципальное бюджетное общеобразовательное учреждение «Средняя общеобразовательная школа №133» Московского района г. Казани"]
[534,"Муниципальное автономное общеобразовательное учреждение для детей, проявивших выдающиеся способности «Средняя общеобразовательная школа-интернат «Специализированный олимпиадно-научный центр «СОлНЦе» Вахитовского района г. Казани","Батраков","К.","И.","M",7,7,49.5,null,82,"не имеются","победитель","География","Каримов","Ф.","К.","Муниципальное автономное общеобразовательное учреждение для детей, проявивших выдающиеся способности «Средняя общеобразовательная школа-интернат «Специализированный олимпиадно-научный центр «СОлНЦе» Вахитовского района г. Казани"]
[535,"МБОУ «Средняя общеобразовательная школа № 9 с углубленным изучением английского языка» Ново-Савиновского района г.Казани","Гарифуллин","М.","М.","M",7,7,42.5,null,82,"не имеются","призер","География","Степанищева","О.","В.","МБОУ «Средняя общеобразовательная школа № 9 с углубленным изучением английского языка» Ново-Савиновского района г.Казани"]
[536,"МБОУ «Гимназия №75 с этнокультурным русским компонентом» Московского района г.Казани","Логинов","О.","А.","M",7,7,42.5,null,82,"не имеются","призер","География","Клюкина","И.","Н.","МБОУ «Гимназия №75 с этнокультурным русским компонентом» Московского района г.Казани"]
[537,"МАОУ «Гимназия №37 Авиастроительного района г. Казани - Школа-центр компетенции в электронном образовании","Чекунова","М.","Ю.","Ж",7,7,42,null,82,"не имеются","призер","География","Плетнева","Н. ","П.","МАОУ «Гимназия №37 Авиастроительного района г. Казани - Школа-центр компетенции в электронном образовании"]
[538,"МБОУ «Гимназия №7» Ново-Савиновского района г.Казани. Школа-центр компетенции в электронном образовании","Васильев","В.","Е.","M",7,7,34,null,82,"не имеются","призер","География","Афанасьева","Т.","А.","МБОУ «Гимназия №7» Ново-Савиновского района г.Казани. Школа-центр компетенции в электронном образовании"]
[539,"МБОУ «Средняя общеобразовательная школа №43» Ново-Савиновского района г. Казани","Магафурова","А.","Э.","Ж",7,7,34,null,82,"не имеются","призер","География","Вишневская","Е.","В.","МБОУ «Средняя общеобразовательная школа №43» Ново-Савиновского района г. Казани"]
[540,"МАОУ «Лицей-интернат №7» Ново-Савиновского района г. Казани","Алетдинов","А.","А.","M",7,7,33.5,null,82,"не имеются","призер","География","Фатхиев","А.","Х.","МАОУ «Лицей-интернат №7» Ново-Савиновского района г. Казани"]
[541,"Муниципальное автономное общеобразовательное учреждение для детей, проявивших выдающиеся способности «Средняя общеобразовательная школа-интернат «Специализированный олимпиадно-научный центр «СОлНЦе» Вахитовского района г. Казани","Зинченко","В.","В.","Ж",7,7,31.5,null,82,"не имеются","призер","География","Каримов","Ф.","К.","Муниципальное автономное общеобразовательное учреждение для детей, проявивших выдающиеся способности «Средняя общеобразовательная школа-интернат «Специализированный олимпиадно-научный центр «СОлНЦе» Вахитовского района г. Казани"]
[542,"МБОУ «Татарская гимназия №17 имени Г.Ибрагимова» Московского района г.Казани","Сагитова","А.","А.","Ж",7,7,31.5,null,82,"не имеются","призер","География","Сайфуллина","З.","Н.","МБОУ «Татарская гимназия №17 имени Г.Ибрагимова» Московского района г.Казани"]
[543,"МБОУ «Гимназия №52» Приволжского района г. Казани","Ахметшин","Р.","Р.","M",7,7,31,null,82,"не имеются","призер","География","Харченко","Е.","Е.","МБОУ «Гимназия №52» Приволжского района г. Казани"]
[544,"МБОУ «Лицей №83» Приволжского района г. Казани","Быковская","И.","Д.","Ж",7,7,31,null,82,"не имеются","призер","География","Кильдеев","Х.","А.","МБОУ «Лицей №83» Приволжского района г. Казани"]
[545,"ГБМБУ \"КФУ каршындагы 2 нче татар гимназиясе\" МБОУ \"Татарская гимназия №2 при КФУ\"","Загидуллин","А.","Ф.","M",7,7,31,null,82,"не имеются","призер","География","Курбангалиева    ","Э.","М.","ГБМБУ \"КФУ каршындагы 2 нче татар гимназиясе\" МБОУ \"Татарская гимназия №2 при КФУ\""]
[546,"Муниципальное автономное общеобразовательное учреждение для детей, проявивших выдающиеся способности «Средняя общеобразовательная школа-интернат «Специализированный олимпиадно-научный центр «СОлНЦе» Вахитовского района г. Казани","Зарипова","А.","А.","Ж",7,7,31,null,82,"не имеются","призер","География","Каримов","Ф.","К.","Муниципальное автономное общеобразовательное учреждение для детей, проявивших выдающиеся способности «Средняя общеобразовательная школа-интернат «Специализированный олимпиадно-научный центр «СОлНЦе» Вахитовского района г. Казани"]
[547,"МБОУ «Средняя общеобразовательная школа №127» Приволжского района г. Казани","Степанов","Н.","В.","M",7,7,30.5,null,82,"не имеются","призер","География","Кириллова ","Т.","М.","МБОУ «Средняя общеобразовательная школа №127» Приволжского района г. Казани"]
[548,"МБОУ «Гимназия №93 » Советского района г. Казани","Платонов","М.","И.","M",7,7,30,null,82,"не имеются",null,"География","Шлямина","И.","Б.","МБОУ «Гимназия №93 » Советского района г. Казани"]
[549,"МБОУ «Средняя общеобразовательная школа №98 (татарско-русская) \" Вахитовского района г. Казани","Чуксеев","Э.","И.","M",7,7,30,null,82,"не имеются",null,"География","Топыркина","Т.","П.","МБОУ «Средняя общеобразовательная школа №98 (татарско-русская) \" Вахитовского района г. Казани"]
[550,"МАОУ \"Лицей №131\" Вахитовского района г. Казани","Гурьянов","В.","И.","M",7,7,29.5,null,82,"не имеются",null,"География","Кириллова","В.","В.","МАОУ \"Лицей №131\" Вахитовского района г. Казани"]
[551,"МБОУ «Гимназия №7» Ново-Савиновского района г.Казани. Школа-центр компетенции в электронном образовании","Мансуров","М.","Э.","M",7,7,29.5,null,82,"не имеются",null,"География","Афанасьева","Т.","А.","МБОУ «Гимназия №7» Ново-Савиновского района г.Казани. Школа-центр компетенции в электронном образовании"]
[552,"ГБМБУ \"КФУ каршындагы 2 нче татар гимназиясе\" МБОУ \"Татарская гимназия №2 при КФУ\"","Хайдаров","Д.","Д.","м",7,7,29.5,null,82,"не имеются",null,"География","Курбангалиева","Э. "," М. ","ГБМБУ \"КФУ каршындагы 2 нче татар гимназиясе\" МБОУ \"Татарская гимназия №2 при КФУ\""]
[553,"ГБМБУ \"КФУ каршындагы 2 нче татар гимназиясе\" МБОУ \"Татарская гимназия №2 при КФУ\"","Хайдарова","М.","Д.","Ж",7,7,29.5,null,82,"не имеются",null,"География","Курбангалиева","Э. "," М. ","ГБМБУ \"КФУ каршындагы 2 нче татар гимназиясе\" МБОУ \"Татарская гимназия №2 при КФУ\""]
[554,"Лицей-интернат \"IТ-лицей К(П)ФУ\"","Назаров","Д.","А.","М",7,7,28,null,82,"не имеются",null,"География","Гарифова","Р.","В.","Лицей-интернат \"IТ-лицей К(П)ФУ\""]
[555,"МАОУ «Средняя общеобразовательная школа №18 с углубленным изучением английского языка» Вахитовского района г. Казани","Хайруллин","К.","Р.","M",7,7,28,null,82,"не имеются",null,"География","Калянова ","С.","П.","МАОУ «Средняя общеобразовательная школа №18 с углубленным изучением английского языка» Вахитовского района г. Казани"]
[556,"Общеобразовательная школа-интернат «Лицей имени Н. И. Лобачевского» К(П)ФУ","Батршин","А.","А.","М",7,7,27.5,null,82,"не имеются",null,"География","Гараева","А.","Т.","Общеобразовательная школа-интернат «Лицей имени Н. И. Лобачевского» К(П)ФУ"]
[557,"МБОУ «Средняя общеобразовательная школа №33 с углубленным изучением отдельных предметов» Авиастроительного района г. Казани","Егоров","Б.","О.","M",7,7,27.5,null,82,"не имеются",null,"География","Гилязиева","Н.","Г.","МБОУ «Средняя общеобразовательная школа №33 с углубленным изучением отдельных предметов» Авиастроительного района г. Казани"]
[558,"МБОУ «Русско-татарская средняя общеобразовательная школа №129» Приволжского района г. Казани","Чернов","С.","А.","M",7,7,27.5,null,82,"не имеются",null,"География","Уразгильдина","Г.","Н.","МБОУ «Русско-татарская средняя общеобразовательная школа №129» Приволжского района г. Казани"]
[559,"МАОУ «Гимназия №19» Приволжского района г. Казани. Школа - центр компетенции в электронном образовании. Базовая площадка по реализации мероприятия \"Реализация во всех субъектах РФ национальной образовательной инициативы \"Наша новая школа\"","Штин","А.","С.","M",7,7,27.5,null,82,"не имеются",null,"География","Акманова","М.","И.","МАОУ «Гимназия №19» Приволжского района г. Казани. Школа - центр компетенции в электронном образовании. Базовая площадка по реализации мероприятия \"Реализация во всех субъектах РФ национальной образовательной инициативы \"Наша новая школа\""]
[560,"МАОУ «Лицей-интернат №2» Московского района г. Казани","Сатдаров","Н.","Р.","M",7,7,27,null,82,"не имеются",null,"География","Замалиева","Ф.","Ю.","МАОУ «Лицей-интернат №2» Московского района г. Казани"]
[561,"Муниципальное автономное общеобразовательное учреждение для детей, проявивших выдающиеся способности «Средняя общеобразовательная школа-интернат «Специализированный олимпиадно-научный центр «СОлНЦе» Вахитовского района г. Казани","Хафизов","А.","Д.","M",7,7,27,null,82,"не имеются",null,"География","Каримов","Ф.","К.","Муниципальное автономное общеобразовательное учреждение для детей, проявивших выдающиеся способности «Средняя общеобразовательная школа-интернат «Специализированный олимпиадно-научный центр «СОлНЦе» Вахитовского района г. Казани"]
[562,"МБОУ «Средняя общеобразовательная школа №85 с углубленным изучением отдельных предметов» Ново-Савиновского района г. Казани","Щеколдин","М.","А.","M",7,7,27,null,82,"не имеются",null,"География","Карагланова","Г.","А.","МБОУ «Средняя общеобразовательная школа №85 с углубленным изучением отдельных предметов» Ново-Савиновского района г. Казани"]
[563,"МБОУ «Гимназия №18 с татарским языком обучения» Приволжского района г. Казани","Галиуллина","Д.","Р.","Ж",7,7,26.5,null,82,"не имеются",null,"География","Гизатуллина","И.","Р.","МБОУ «Гимназия №18 с татарским языком обучения» Приволжского района г. Казани"]
[564,"МАОУ «Лицей-интернат №7» Ново-Савиновского района г. Казани","Нуриев","К.","Р.","M",7,7,26.5,null,82,"не имеются",null,"География","Фатхиев","А.","Х.","МАОУ «Лицей-интернат №7» Ново-Савиновского района г. Казани"]
[565,"МБОУ «Средняя общеобразовательная школа №24 с углубленным изучением отдельных предметов» Приволжского района г. Казани","Грюнберг","А.","М.","M",7,7,26,null,82,"не имеются",null,"География","Кулагина","Н.","С.","МБОУ «Средняя общеобразовательная школа №24 с углубленным изучением отдельных предметов» Приволжского района г. Казани"]
[566,"МБОУ \"Гимназия №122 имени Ж.А Зайцевой\" Московского района г.Казани","Чернышов","Н.","С.","M",7,7,26,null,82,"не имеются",null,"География","Григорьева","Т.","Б.","МБОУ \"Гимназия №122 имени Ж.А Зайцевой\" Московского района г.Казани"]
[567,"МБОУ «Средняя общеобразовательная школа №41» Вахитовского района г. Казани/ Казан шәһәрнең Вахитов районының 41нче урта гомуми белем бирү мәктәбе","Зиннуров","Н.","М.","M",7,7,25.5,null,82,"не имеются",null,"География","Евстафьева","О.","В.","МБОУ «Средняя общеобразовательная школа №41» Вахитовского района г. Казани/ Казан шәһәрнең Вахитов районының 41нче урта гомуми белем бирү мәктәбе"]
[568,"МБОУ «Гимназия №125» Советского района г. Казани","Пационко","Н.","А.","M",7,7,25.5,null,82,"не имеются",null,"География","Авдошкина","Е.","И.","МБОУ «Гимназия №125» Советского района г. Казани"]
[569,"МБОУ «Средняя общеобразовательная школа №170 с углублённым изучением отдельных предметов» Ново-Савиновского района г. Казани","Ахмерова","К.","М.","Ж",7,7,25,null,82,"не имеются",null,"География","Аглямова","А.","Г.","МБОУ «Средняя общеобразовательная школа №170 с углублённым изучением отдельных предметов» Ново-Савиновского района г. Казани"]
[570,"Лицей-интернат \"IТ-лицей К(П)ФУ\"","Садыкова","Д.","Ф.","Ж",7,7,25,null,82,"не имеются",null,"География","Гарифова","Р.","В.","Лицей-интернат \"IТ-лицей К(П)ФУ\""]
[571,"Общеобразовательная школа-интернат «Лицей имени Н. И. Лобачевского» К(П)ФУ","Чичеров","Н.","А.","M",7,7,25,null,82,"не имеются",null,"География","Гараева","А.","Т.","Общеобразовательная школа-интернат «Лицей имени Н. И. Лобачевского» К(П)ФУ"]
[572,"Инженерный лицей КНИТУ-КАИ","Вахидов","Д.","Д.","M",7,7,24.5,null,82,"не имеются",null,"География","Фатхиев","А.","Х.","Инженерный лицей КНИТУ-КАИ"]
[573,"МАОУ «Средняя общеобразовательная школа №165 с углубленным изучением английского языка» Ново-Савиновского района г.Казани","Ислаев","К.","В.","M",7,7,24.5,null,82,"не имеются",null,"География","Шипилова","Н.","В.","МАОУ «Средняя общеобразовательная школа №165 с углубленным изучением английского языка» Ново-Савиновского района г.Казани"]
[574,"МБОУ \"Лицей №145\" Авиастроительного района г. Казани","Мамаев","К.","Л.","M",7,7,24.5,null,82,"не имеются",null,"География","Кутуева","А.","О.","МБОУ \"Лицей №145\" Авиастроительного района г. Казани"]
[575,"Федеральное Государственное Казенное ОбщеобразовательноеУчреждение \"Казанское суворовское военное училище Министерства обороны Российской Федерации\"","Махнев","А.","А.","M",7,7,24.5,null,82,"не имеются",null,"География","Хайруллина","Г.","А.","Федеральное Государственное Казенное ОбщеобразовательноеУчреждение \"Казанское суворовское военное училище Министерства обороны Российской Федерации\""]
[576,"Лицей-интернат \"IТ-лицей К(П)ФУ\"","Ниневский","Н.","Н.","М",7,7,24.5,null,82,"не имеются",null,"География","Гарифова","Р.","В.","Лицей-интернат \"IТ-лицей К(П)ФУ\""]
[577,"МАОУ «Гимназия №19» Приволжского района г. Казани. Школа - центр компетенции в электронном образовании. Базовая площадка по реализации мероприятия \"Реализация во всех субъектах РФ национальной образовательной инициативы \"Наша новая школа\"","Юсупова","А.","А.","Ж",7,7,24.5,null,82,"не имеются",null,"География","Акманова","М.","И.","МАОУ «Гимназия №19» Приволжского района г. Казани. Школа - центр компетенции в электронном образовании. Базовая площадка по реализации мероприятия \"Реализация во всех субъектах РФ национальной образовательной инициативы \"Наша новая школа\""]
[578,"МАОУ \"Лицей № 121\" Советского района г. Казани (Центр образования №178)","Гумерова","Д.","Д.","Ж",7,7,24,null,82,"не имеются",null,"География","Ковенко ","Д. ","Д.","МАОУ \"Лицей № 121\" Советского района г. Казани (Центр образования №178)"]
[579,"Муниципальное автономное общеобразовательное учреждение для детей, проявивших выдающиеся способности «Средняя общеобразовательная школа-интернат «Специализированный олимпиадно-научный центр «СОлНЦе» Вахитовского района г. Казани","Дасаева","Д.","А.","Ж",7,7,23.5,null,82,"не имеются",null,"География","Каримов","Ф.","К.","Муниципальное автономное общеобразовательное учреждение для детей, проявивших выдающиеся способности «Средняя общеобразовательная школа-интернат «Специализированный олимпиадно-научный центр «СОлНЦе» Вахитовского района г. Казани"]
[580,"МБОУ «Гимназия №18 с татарским языком обучения» Приволжского района г. Казани","Адиева","А.","Р.","Ж",7,7,23,null,82,"не имеются",null,"География","Гизатуллина","И.","Р.","МБОУ «Гимназия №18 с татарским языком обучения» Приволжского района г. Казани"]
[581,"Лицей-интернат \"IТ-лицей К(П)ФУ\"","Баталин","Д.","Р.","M",7,7,23,null,82,"не имеются",null,"География","Гарифова","Р.","В.","Лицей-интернат \"IТ-лицей К(П)ФУ\""]
[582,"МБОУ «Средняя общеобразовательная школа №95 с углубленным изучением отдельных предметов» Приволжского района г. Казани","Зиганшин","Д.","Л.","M",7,7,23,null,82,"не имеются",null,"География","Бугрова","О.","Н.","МБОУ «Средняя общеобразовательная школа №95 с углубленным изучением отдельных предметов» Приволжского района г. Казани"]
[583,"МБОУ «Лицей №149 с татарским языком обучения» Советского района г. Казани","Магсумова","Д.","И.","Ж",7,7,23,null,82,"не имеются",null,"География","Сабирова","Г.","Р.","МБОУ «Лицей №149 с татарским языком обучения» Советского района г. Казани"]
[584,"МБОУ «Лицей №159» Советского района г. Казани","Мукатдисов","Б.","Ф.","M",7,7,23,null,82,"не имеются",null,"География","Полиектова","Л.","Л.","МБОУ «Лицей №159» Советского района г. Казани"]
[585,"Муниципальное бюджетное общеобразовательное учреждение \"Лицей № 177\" Ново-Савиновского района г. Казани. Казан шәһәре Яңа Савин районының \"177 нче лицей\" гомуми белем бюджет муниципаль учреждениесе","Баглай","К.","В.","M",7,7,22.5,null,82,"не имеются",null,"География","Клдров","С.","Н.","Муниципальное бюджетное общеобразовательное учреждение \"Лицей № 177\" Ново-Савиновского района г. Казани. Казан шәһәре Яңа Савин районының \"177 нче лицей\" гомуми белем бюджет муниципаль учреждениесе"]
[586,"МАОУ «Гимназия №19» Приволжского района г. Казани. Школа - центр компетенции в электронном образовании. Базовая площадка по реализации мероприятия \"Реализация во всех субъектах РФ национальной образовательной инициативы \"Наша новая школа\"","Иполитова","Е.","М.","Ж",7,7,22.5,null,82,"не имеются",null,"География","Акманова","М.","И.","МАОУ «Гимназия №19» Приволжского района г. Казани. Школа - центр компетенции в электронном образовании. Базовая площадка по реализации мероприятия \"Реализация во всех субъектах РФ национальной образовательной инициативы \"Наша новая школа\""]
[587,"Муниципальное автономное общеобразовательное учреждение для детей, проявивших выдающиеся способности «Средняя общеобразовательная школа-интернат «Специализированный олимпиадно-научный центр «СОлНЦе» Вахитовского района г. Казани","Наумкина","С.","А.","Ж",7,7,22.5,null,82,"не имеются",null,"География","Каримов","Ф.","К.","Муниципальное автономное общеобразовательное учреждение для детей, проявивших выдающиеся способности «Средняя общеобразовательная школа-интернат «Специализированный олимпиадно-научный центр «СОлНЦе» Вахитовского района г. Казани"]
[588,"МБОУ «Гимназия №6» Приволжского района г. Казани","Петров","Д.","А.","M",7,7,22.5,null,82,"не имеются",null,"География","Юрасова","А.","Ф.","МБОУ «Гимназия №6» Приволжского района г. Казани"]
[589,"ГБМБУ \"КФУ каршындагы 2 нче татар гимназиясе\" МБОУ \"Татарская гимназия №2 при КФУ\"","Хамидуллин","А.","А.","M",7,7,22.5,null,82,"не имеются",null,"География","Курбангалиева    ","Э.","М.","ГБМБУ \"КФУ каршындагы 2 нче татар гимназиясе\" МБОУ \"Татарская гимназия №2 при КФУ\""]
[590,"МАОУ «Средняя общеобразовательная школа №39 с углубленным изучением английского языка» Вахитовского района г. Казани","Шарапова","Я.","А.","Ж",7,7,22.5,null,82,"не имеются",null,"География","Лычагина","Н.","С.","МАОУ «Средняя общеобразовательная школа №39 с углубленным изучением английского языка» Вахитовского района г. Казани"]
[591,"МБОУ \"Средняя русско-татарская общеобразовательная школа №57\" Кировского района г.Казани","Сейфуллина","Л.","С.","Ж",7,7,22,null,82,"не имеются",null,"География","Замалиева","Э.","Д.","МБОУ \"Средняя русско-татарская общеобразовательная школа №57\" Кировского района г.Казани"]
[592,"МБОУ «Средняя общеобразовательная школа №79» Советского района г. Казани","Тюрина","К.","А.","Ж",7,7,22,null,82,"не имеются",null,"География","Толстых","Г.","Е.","МБОУ «Средняя общеобразовательная школа №79» Советского района г. Казани"]
[593,"Муниципальное бюджетное общеобразовательное учреждение \"Лицей № 177\" Ново-Савиновского района г. Казани. Казан шәһәре Яңа Савин районының \"177 нче лицей\" гомуми белем бюджет муниципаль учреждениесе","Федяев","Р.","В.","M",7,7,22,null,82,"не имеются",null,"География","Клдров","С.","Н.","Муниципальное бюджетное общеобразовательное учреждение \"Лицей № 177\" Ново-Савиновского района г. Казани. Казан шәһәре Яңа Савин районының \"177 нче лицей\" гомуми белем бюджет муниципаль учреждениесе"]
[594,"Муниципальное бюджетное общеобразовательное учреждение \"Лицей № 177\" Ново-Савиновского района г. Казани. Казан шәһәре Яңа Савин районының \"177 нче лицей\" гомуми белем бюджет муниципаль учреждениесе","Гарипов","А.","Ф.","M",7,7,21.5,null,82,"не имеются",null,"География","Клдров","С.","Н.","Муниципальное бюджетное общеобразовательное учреждение \"Лицей № 177\" Ново-Савиновского района г. Казани. Казан шәһәре Яңа Савин районының \"177 нче лицей\" гомуми белем бюджет муниципаль учреждениесе"]
[595,"МБОУ «Гимназия №8» Советского района г. Казани","Иванова","К.","О.","Ж",7,7,21.5,null,82,"не имеются",null,"География","Юсупова","А.","Ю.","МБОУ «Гимназия №8» Советского района г. Казани"]
[596,"Муниципальное автономное общеобразовательное учреждение для детей, проявивших выдающиеся способности «Средняя общеобразовательная школа-интернат «Специализированный олимпиадно-научный центр «СОлНЦе» Вахитовского района г. Казани","Макарова","И.","К.","Ж",7,7,21.5,null,82,"не имеются",null,"География","Каримов","Ф.","К.","Муниципальное автономное общеобразовательное учреждение для детей, проявивших выдающиеся способности «Средняя общеобразовательная школа-интернат «Специализированный олимпиадно-научный центр «СОлНЦе» Вахитовского района г. Казани"]
[597,"МАОУ \"Лицей №131\" Вахитовского района г. Казани","Пронин","А.","А.","M",7,7,21.5,null,82,"не имеются",null,"География","Кириллова","В.","В.","МАОУ \"Лицей №131\" Вахитовского района г. Казани"]
[598,"МБОУ «Средняя общеобразовательная школа №170 с углублённым изучением отдельных предметов» Ново-Савиновского района г. Казани","Ахметкин","О.","В.","M",7,7,21,null,82,"не имеются",null,"География","Белоус","С.","А.","МБОУ «Средняя общеобразовательная школа №170 с углублённым изучением отдельных предметов» Ново-Савиновского района г. Казани"]
[599,"МБОУ «Средняя общеобразовательная татарско-русская школа №23 с углубленным изучением отдельных предметов» Ново-Савиновского района г.Казани","Ахмерова","А.","И.","Ж",7,7,20.5,null,82,"не имеются",null,"География","Тазетдинова","Р.","Р.","МБОУ «Средняя общеобразовательная татарско-русская школа №23 с углубленным изучением отдельных предметов» Ново-Савиновского района г.Казани"]
[600,"МБОУ «Средняя общеобразовательная школа №43» Ново-Савиновского района г. Казани","Батурин","А.","В.","M",7,7,20.5,null,82,"не имеются",null,"География","Вишневская","Е.","В.","МБОУ «Средняя общеобразовательная школа №43» Ново-Савиновского района г. Казани"]
[601,"МБОУ «Средняя общеобразовательная школа №64» Московского района г. Казани","Галимуллин","И.","Р.","M",7,7,20.5,null,82,"не имеются",null,"География","Хисамбеева","А.","Х.","МБОУ «Средняя общеобразовательная школа №64» Московского района г. Казани"]
[602,"МБОУ «Гимназия №96» Вахитовского района г. Казани","Гатауллина","Д.","Т.","Ж",7,7,20.5,null,82,"не имеются",null,"География","Воронова","Н.","В.","МБОУ «Гимназия №96» Вахитовского района г. Казани"]
[603,"МБОУ «Гимназия №40» Приволжского района г. Казани","Моисеева","О.","А.","Ж",7,7,20.5,null,82,"не имеются",null,"География","Сугак","О.","В.","МБОУ «Гимназия №40» Приволжского района г. Казани"]
[604,"МБОУ «Гимназия №7» Ново-Савиновского района г.Казани. Школа-центр компетенции в электронном образовании","Нафикова","Р.","Р.","Ж",7,7,20.5,null,82,"не имеются",null,"География","Афанасьева","Т. ","А.","МБОУ «Гимназия №7» Ново-Савиновского района г.Казани. Школа-центр компетенции в электронном образовании"]
[605,"МБОУ «Средняя общеобразовательная школа №98 (татарско-русская) \" Вахитовского района г. Казани","Сидорова","А.","И.","Ж",7,7,20.5,null,82,"не имеются",null,"География","Топыркина","Т.","П.","МБОУ «Средняя общеобразовательная школа №98 (татарско-русская) \" Вахитовского района г. Казани"]
[606,"МБОУ «Средняя общеобразовательная школа №167 с углубленным изучением отдельных предметов» Советского района г. Казани","Таипов","Т.","О.","M",7,7,20.5,null,82,"не имеются",null,"География","Насырова","М.","Х.","МБОУ «Средняя общеобразовательная школа №167 с углубленным изучением отдельных предметов» Советского района г. Казани"]
[607,"МБОУ \"Средняя русско-татарская общеобразовательная школа №57\" Кировского района г.Казани","Галиуллин","Б.","Н.","M",7,7,20,null,82,"не имеются",null,"География","Замалиева","Э.","Д.","МБОУ \"Средняя русско-татарская общеобразовательная школа №57\" Кировского района г.Казани"]
[608,"МБОУ «Средняя общеобразовательная русско-татарская школа №103» Ново-Савиновского района г. Казани","Паршакова","П.","М.","Ж",7,7,20,null,82,"не имеются",null,"География","Гарипова","Ф.","Ф.","МБОУ «Средняя общеобразовательная русско-татарская школа №103» Ново-Савиновского района г. Казани"]
[609,"МБОУ «Средняя общеобразовательная школа №99\" Московского района г. Казани","Туков","В.","О.","M",7,7,20,null,82,"не имеются",null,"География","Кадыров","И.","Г.","МБОУ «Средняя общеобразовательная школа №99\" Московского района г. Казани"]
[610,"МАОУ \"Лицей № 121\" Советского района г. Казани (Центр образования №178)","Шайхиева","А.","А.","Ж",7,7,20,null,82,"не имеются",null,"География","Ефанова","С.","Ю.","МАОУ \"Лицей № 121\" Советского района г. Казани (Центр образования №178)"]
[611,"МБОУ \"Средняя общеобразовательная школа №35 с углубленным изучением отдельных предметов\" Приволжского района города Казани","Шарафутдинов","А.","А.","M",7,7,20,null,82,"не имеются",null,"География","Князькина ","Е.","П.","МБОУ \"Средняя общеобразовательная школа №35 с углубленным изучением отдельных предметов\" Приволжского района города Казани"]
[612,"МБОУ \"Средняя общеобразовательная школа №77\" Авиастроительного района г. Казани","Ведерников","В.","О.","M",7,7,19.5,null,82,"не имеются",null,"География","Савельева","О.","Е.","МБОУ \"Средняя общеобразовательная школа №77\" Авиастроительного района г. Казани"]
[613,"МБОУ «Гимназия №20 имени Абдуллы Алиша» Советского района г. Казани","Гарифуллина","И.","И.","Ж",7,7,19.5,null,82,"не имеются",null,"География","Абульханова","З.","Х.","МБОУ «Гимназия №20 имени Абдуллы Алиша» Советского района г. Казани"]
[614,"МБОУ \"Средняя общеобразовательная школа №54\" Авиастроительного района г. Казани","Емельянова","А.","Э.","Ж",7,7,19.5,null,82,"не имеются",null,"География","Давлетбаева","К.","С.","МБОУ \"Средняя общеобразовательная школа №54\" Авиастроительного района г. Казани"]
[615,"Частное общеобразовательное учреждение \"Средняя общеобразовательная школа \"Усмания\" г. Казани","Кикати","А.","Э.","M",7,7,19.5,null,82,"не имеются",null,"География","Каримова","Х.","А.","Частное общеобразовательное учреждение \"Средняя общеобразовательная школа \"Усмания\" г. Казани"]
[616,"МБОУ «Средняя общеобразовательная школа №99\" Московского района г. Казани","Ледянкина","К.","А.","Ж",7,7,19.5,null,82,"не имеются",null,"География","Кадыров ","И.","Г.","МБОУ «Средняя общеобразовательная школа №99\" Московского района г. Казани"]
[617,"МАОУ «Гимназия №19» Приволжского района г. Казани. Школа - центр компетенции в электронном образовании. Базовая площадка по реализации мероприятия \"Реализация во всех субъектах РФ национальной образовательной инициативы \"Наша новая школа\"","Трудова","Е.","Д.","Ж",7,7,19.5,null,82,"не имеются",null,"География","Акманова","М.","И.","МАОУ «Гимназия №19» Приволжского района г. Казани. Школа - центр компетенции в электронном образовании. Базовая площадка по реализации мероприятия \"Реализация во всех субъектах РФ национальной образовательной инициативы \"Наша новая школа\""]
[618,"МАОУ \"Лицей № 121\" Советского района г. Казани (Центр образования №178)","Ахмерова","К.","Р.","Ж",7,7,19,null,82,"не имеются",null,"География","Маковская","В.","В.","МАОУ \"Лицей № 121\" Советского района г. Казани (Центр образования №178)"]
[619,"МАОУ «Гимназия-интернат №4» Кировского района г.Казани","Канат","С.","С.","Ж",7,7,19,null,82,"не имеются",null,"География","Вафина ","З.","Н.","МАОУ «Гимназия-интернат №4» Кировского района г.Казани"]
[620,"Муниципальное бюджетное общеобразовательное учреждение \"Лицей № 177\" Ново-Савиновского района г. Казани. Казан шәһәре Яңа Савин районының \"177 нче лицей\" гомуми белем бюджет муниципаль учреждениесе","Баляни","М.","А.","M",7,7,18,null,82,"не имеются",null,"География","Клдров","С.","Н.","Муниципальное бюджетное общеобразовательное учреждение \"Лицей № 177\" Ново-Савиновского района г. Казани. Казан шәһәре Яңа Савин районының \"177 нче лицей\" гомуми белем бюджет муниципаль учреждениесе"]
[621,"МБОУ «Средняя общеобразовательная школа №84» с углубленным изучением иностранных языков Советского района г. Казани","Бочаров","М.","Е.","M",7,7,18,null,82,"не имеются",null,"География","Чучева","О.","А.","МБОУ «Средняя общеобразовательная школа №84» с углубленным изучением иностранных языков Советского района г. Казани"]
[622,"МБОУ «Средняя общеобразовательная школа №144 с углубленным изучением отдельных предметов» Советского района г. Казани","Галиханов","Н.","А.","M",7,7,18,null,82,"не имеются",null,"География","Саитгараева","Ф.","А.","МБОУ «Средняя общеобразовательная школа №144 с углубленным изучением отдельных предметов» Советского района г. Казани"]
[623,"МАОУ \"Лицей № 121\" Советского района г. Казани (Центр образования №178)","Николаев","В.","В.","Ж",7,7,18,null,82,"не имеются",null,"География","Ефанова","С.","Ю.","МАОУ \"Лицей № 121\" Советского района г. Казани (Центр образования №178)"]
[624,"МАОУ «Лицей-интернат №7» Ново-Савиновского района г. Казани","Сабиров","И.","А.","M",7,7,18,null,82,"не имеются",null,"География","Фатхиев","А.","Х.","МАОУ «Лицей-интернат №7» Ново-Савиновского района г. Казани"]
[625,"МБОУ «Лицей №26» Авиастроительного района г. Казани","Бадретдинова","А.","Р.","Ж",7,7,17.5,null,82,"не имеются",null,"География","Тимергалеева","А.","Н.","МБОУ «Лицей №26» Авиастроительного района г. Казани"]
[626,"Муниципальное бюджетное общеобразовательное учреждение \"Средняя общеобразовательная татарско-русская школа №71 с углубленным изучением отдельных предметов\" Ново-Савиновского района города Казани","Вафин","А.","Р.","M",7,7,17.5,null,82,"не имеются",null,"География","Красавкина","Н.","Р.","Муниципальное бюджетное общеобразовательное учреждение \"Средняя общеобразовательная татарско-русская школа №71 с углубленным изучением отдельных предметов\" Ново-Савиновского района города Казани"]
[627,"МАОУ «Лицей-интернат №7» Ново-Савиновского района г. Казани","Ивашов","С.","О.","M",7,7,17,null,82,"не имеются",null,"География","Фатхиев","А.","Х.","МАОУ «Лицей-интернат №7» Ново-Савиновского района г. Казани"]
[628,"НОУ «Школа «Елена-Сервис»","Максудов","Э.","А.","M",7,7,17,null,82,"не имеются",null,"География","Будникова","Л.","В.","НОУ «Школа «Елена-Сервис»"]
[629,"МБОУ \"Средняя общеобразовательная школа №35 с углубленным изучением отдельных предметов\" Приволжского района города Казани","усова","Л.","О.","Ж",7,7,17,null,82,"не имеются",null,"География","Князькина ","Е.","П.","МБОУ \"Средняя общеобразовательная школа №35 с углубленным изучением отдельных предметов\" Приволжского района города Казани"]
[630,"МБОУ «Средняя общеобразовательная школа №79» Советского района г. Казани","Бабаев","Р.","А.","M",7,7,16.5,null,82,"не имеются",null,"География","Толстых","Г.","Е.","МБОУ «Средняя общеобразовательная школа №79» Советского района г. Казани"]
[631,"МБОУ \"Гимназия №155 с татарским языком обучения\" Ново-Савиновского района г.Казани","Габдинов","И.","А.","M",7,7,16.5,null,82,"не имеются",null,"География","Ханнанова","Г.","М.","МБОУ \"Гимназия №155 с татарским языком обучения\" Ново-Савиновского района г.Казани"]
[632,"МБОУ «Средняя общеобразовательная школа №175» Советского района г. Казани","Клеменьтьева","О.","А.","Ж",7,7,16.5,null,82,"не имеются",null,"География","Халикова","В.","З.","МБОУ «Средняя общеобразовательная школа №175» Советского района г. Казани"]
[633,"МБОУ «Средняя общеобразовательная школа №64» Московского района г. Казани","Нестеров","И.","А.","M",7,7,16.5,null,82,"не имеются",null,"География","Хисамбеева","А.","Х.","МБОУ «Средняя общеобразовательная школа №64» Московского района г. Казани"]
[634,"Муниципальное автономное общеобразовательное учреждение для детей, проявивших выдающиеся способности «Средняя общеобразовательная школа-интернат «Специализированный олимпиадно-научный центр «СОлНЦе» Вахитовского района г. Казани","Хабибуллин","А.","Х.","M",7,7,16.5,null,82,"не имеются",null,"География","Каримов","Ф.","К.","Муниципальное автономное общеобразовательное учреждение для детей, проявивших выдающиеся способности «Средняя общеобразовательная школа-интернат «Специализированный олимпиадно-научный центр «СОлНЦе» Вахитовского района г. Казани"]
[635,"МБОУ «Лицей №110» Советского района г. Казани","Халилов","Ш.","М.","M",7,7,16.5,null,82,"не имеются",null,"География","Котлова","Л.","В.","МБОУ «Лицей №110» Советского района г. Казани"]
[636,"МБОУ «Лицей №116» Вахитовского района г. Казани","Манохина","А.","А.","M",7,7,16,null,82,"не имеются",null,"География","Бяулова ","Е. ","Н.","МБОУ «Лицей №116» Вахитовского района г. Казани"]
[637,"МБОУ «Средняя общеобразовательная школа №42» Приволжского района г. Казани","Баженов","Г.","С.","M",7,7,15.5,null,82,"не имеются",null,"География","Ибатуллина ","Г.","М.","МБОУ «Средняя общеобразовательная школа №42» Приволжского района г. Казани"]
[638,"МБОУ «Гимназия №90» Советского района г. Казани","Камалеева","З.","С.","Ж",7,7,15.5,null,82,"не имеются",null,"География","Миронская","Л.","Г.","МБОУ «Гимназия №90» Советского района г. Казани"]
[639,"ГБМБУ \"КФУ каршындагы 2 нче татар гимназиясе\" МБОУ \"Татарская гимназия №2 при КФУ\"","Мустафин","И.","А.","M",7,7,15.5,null,82,"не имеются",null,"География","Курбангалиева ","Э.  ","М. ","ГБМБУ \"КФУ каршындагы 2 нче татар гимназиясе\" МБОУ \"Татарская гимназия №2 при КФУ\""]
[640,"МБОУ «Гимназия №18 с татарским языком обучения» Приволжского района г. Казани","Яруллина","Г.","И.","Ж",7,7,15.5,null,82,"не имеются",null,"География","Гизатуллина","И.","Р.","МБОУ «Гимназия №18 с татарским языком обучения» Приволжского района г. Казани"]
[641,"МБОУ «Татарско-русская средняя общеобразовательная школа №68 с углублённым изучением отдельных предметов» Приволжского района г. Казани","Гибадуллин","К.","М.","M",7,7,15,null,82,"не имеются",null,"География","Файзиева","Р.","М.","МБОУ «Татарско-русская средняя общеобразовательная школа №68 с углублённым изучением отдельных предметов» Приволжского района г. Казани"]
[642,"МБОУ «Татарская гимназия №11» Советского района г. Казани","Давлетзянов","И.","И.","M",7,7,15,null,82,"не имеются",null,"География","Елистратова ","Р.","А. ","МБОУ «Татарская гимназия №11» Советского района г. Казани"]
[643,"МБОУ «Лицей №116» Вахитовского района г. Казани","МаксимоваМария","М.","М.","Ж",7,7,15,null,82,"не имеются",null,"География","Бяулова ","Е. ","Н.","МБОУ «Лицей №116» Вахитовского района г. Казани"]
[644,"МБОУ «Гимназия №7» Ново-Савиновского района г.Казани. Школа-центр компетенции в электронном образовании","Мухаметзянова","З.","Н.","Ж",7,7,15,null,82,"не имеются",null,"География","Афанасьева ","Т. ","А.","МБОУ «Гимназия №7» Ново-Савиновского района г.Казани. Школа-центр компетенции в электронном образовании"]
[645,"МБОУ «Татарско-русская средняя общеобразовательная школа №68 с углублённым изучением отдельных предметов» Приволжского района г. Казани","Смирнов","А.","В.","M",7,7,15,null,82,"не имеются",null,"География","Файзиева","Р.","М.","МБОУ «Татарско-русская средняя общеобразовательная школа №68 с углублённым изучением отдельных предметов» Приволжского района г. Казани"]
[646,"МБОУ «Гимназия №6» Приволжского района г. Казани","Тухватуллина","В.","Л.","Ж",7,7,15,null,82,"не имеются",null,"География","Юрасова ","А.","Ф.","МБОУ «Гимназия №6» Приволжского района г. Казани"]
[647,"МАОУ «Гимназия №19» Приволжского района г. Казани. Школа - центр компетенции в электронном образовании. Базовая площадка по реализации мероприятия \"Реализация во всех субъектах РФ национальной образовательной инициативы \"Наша новая школа\"","Чумакова","А.","М.","Ж",7,7,15,null,82,"не имеются",null,"География","Акманова","М.","И.","МАОУ «Гимназия №19» Приволжского района г. Казани. Школа - центр компетенции в электронном образовании. Базовая площадка по реализации мероприятия \"Реализация во всех субъектах РФ национальной образовательной инициативы \"Наша новая школа\""]
[648,"МБОУ «Средняя общеобразовательная школа №167 с углубленным изучением отдельных предметов» Советского района г. Казани","Мугинова","А.","М.","Ж",7,7,14,null,82,"не имеются",null,"География","Насырова","М.","Х.","МБОУ «Средняя общеобразовательная школа №167 с углубленным изучением отдельных предметов» Советского района г. Казани"]
[649,"МАОУ «Средняя общеобразовательная школа №18 с углубленным изучением английского языка» Вахитовского района г. Казани","Николаев","Д.","А.","M",7,7,14,null,82,"не имеются",null,"География","Калянова","С.","П.","МАОУ «Средняя общеобразовательная школа №18 с углубленным изучением английского языка» Вахитовского района г. Казани"]
[650,"МБОУ «Гимназия №21» Приволжского района г. Казани","Супрунова","Ю.","И.","Ж",7,7,14,null,82,"не имеются",null,"География","Никишина","Н.","А.","МБОУ «Гимназия №21» Приволжского района г. Казани"]
[651,"Муниципальное автономное общеобразовательное учреждение для детей, проявивших выдающиеся способности «Средняя общеобразовательная школа-интернат «Специализированный олимпиадно-научный центр «СОлНЦе» Вахитовского района г. Казани","Зиганшин","Д.","Д.","M",7,7,13.5,null,82,"не имеются",null,"География","Каримов","Ф.","К.","Муниципальное автономное общеобразовательное учреждение для детей, проявивших выдающиеся способности «Средняя общеобразовательная школа-интернат «Специализированный олимпиадно-научный центр «СОлНЦе» Вахитовского района г. Казани"]
[652,"МБОУ «Гимназия №90» Советского района г. Казани","Карабаев","А.","И.","M",7,7,13.5,null,82,"не имеются",null,"География","Миронская","Л.","Г.","МБОУ «Гимназия №90» Советского района г. Казани"]
[653,"МБОУ «Лицей №159» Советского района г. Казани","Мингазов","Т.","Д.","M",7,7,13.5,null,82,"не имеются",null,"География","Полиектова","Л.","Л.","МБОУ «Лицей №159» Советского района г. Казани"]
[654,"МБОУ «Средняя общеобразовательная школа №170 с углублённым изучением отдельных предметов» Ново-Савиновского района г. Казани","Хакимова","К.","И.","Ж",7,7,13.5,null,82,"не имеются",null,"География","Белоус","С.","А.","МБОУ «Средняя общеобразовательная школа №170 с углублённым изучением отдельных предметов» Ново-Савиновского района г. Казани"]
[655,"МБОУ «Гимназия №7» Ново-Савиновского района г.Казани. Школа-центр компетенции в электронном образовании","Акбирова","Д.","И.","Ж",7,7,13,null,82,"не имеются",null,"География","Афанасьева","Т. ","А.","МБОУ «Гимназия №7» Ново-Савиновского района г.Казани. Школа-центр компетенции в электронном образовании"]
[656,"МАОУ «Средняя общеобразовательная школа №165 с углубленным изучением английского языка» Ново-Савиновского района г.Казани","Гареев","Э.","Э.","M",7,7,13,null,82,"не имеются",null,"География","Шипилова","Н.","В.","МАОУ «Средняя общеобразовательная школа №165 с углубленным изучением английского языка» Ново-Савиновского района г.Казани"]
[657,"МБОУ «Татарско-русская средняя общеобразовательная школа №10 с углубленным изучением отдельных предметов» Приволжского района г. Казани","Гибадуллина","Г.","Р.","Ж",7,7,13,null,82,"не имеются",null,"География","Загидуллина","Г.","Х.","МБОУ «Татарско-русская средняя общеобразовательная школа №10 с углубленным изучением отдельных предметов» Приволжского района г. Казани"]
[658,"МАОУ «Средняя общеобразовательная школа №39 с углубленным изучением английского языка» Вахитовского района г. Казани","Нускубай","Б.","А.","Ж",7,7,13,null,82,"не имеются",null,"География","Лычагина","Н.","С.","МАОУ «Средняя общеобразовательная школа №39 с углубленным изучением английского языка» Вахитовского района г. Казани"]
[659,"МБОУ «Гимназия №13 с татарским языком обучения» Ново-Савиновского района г.Казани","Хуснуллин","Н.","И.","M",7,7,13,null,82,"не имеются",null,"География","Ибрагимова","Г.","Р.","МБОУ «Гимназия №13 с татарским языком обучения» Ново-Савиновского района г.Казани"]
[660,"МБОУ \"Лицей №145\" Авиастроительного района г. Казани","Махмутов","Р.","И.","M",7,7,12.5,null,82,"не имеются",null,"География","Кутуева","А.","О.","МБОУ \"Лицей №145\" Авиастроительного района г. Казани"]
[661,"МБОУ «Лицей №26» Авиастроительного района г. Казани","Хасанова","А.","И.","M",7,7,12.5,null,82,"не имеются",null,"География","Тимергалеева","А.","Н.","МБОУ «Лицей №26» Авиастроительного района г. Казани"]
[662,"МБОУ «Средняя общеобразовательная школа №38» Ново-Савиновского района г.Казани","Шарафеева","А.","М.","M",7,7,12.5,null,82,"не имеются",null,"География","Кашапова","И.","Р.","МБОУ «Средняя общеобразовательная школа №38» Ново-Савиновского района г.Казани"]
[663,"МБОУ «Средняя общеобразовательная школа №95 с углубленным изучением отдельных предметов» Приволжского района г. Казани","Валиахметов","Т.","И.","M",7,7,12,null,82,"не имеются",null,"География","Бугрова","О.","Н.","МБОУ «Средняя общеобразовательная школа №95 с углубленным изучением отдельных предметов» Приволжского района г. Казани"]
[664,"МБОУ «Гимназия №94» Московского района г. Казани","Давлетшин","Э.","М.","M",7,7,12,null,82,"не имеются",null,"География","Сулейманова","С.","А.    ","МБОУ «Гимназия №94» Московского района г. Казани"]
[665,"МАОУ «Средняя общеобразовательная школа №39 с углубленным изучением английского языка» Вахитовского района г. Казани","Данилаева","С.","Д.","Ж",7,7,12,null,82,"не имеются",null,"География","Лычагина","Н.","С.","МАОУ «Средняя общеобразовательная школа №39 с углубленным изучением английского языка» Вахитовского района г. Казани"]
[666,"МБОУ «Гимназия №14» Авиастроительного района г. Казани","Закиров","И.","Р.","M",7,7,12,null,82,"не имеются",null,"География","Залалдинов","Л.","З.","МБОУ «Гимназия №14» Авиастроительного района г. Казани"]
[667,"Муниципальное бюджетное общеобразовательное учреждение «Гимназия №27 с татарским языком обучения» Вахитовского района г. Казани","Хайрутдинова","Р.","И.","Ж",7,7,11.5,null,82,"не имеются",null,"География","Мухаметзянов","И.","М.","МБОУ \"Гимназия №27 с татарским языком обучения\""]
[668,"МАОУ \"Лицей № 121\" Советского района г. Казани (Центр образования №178)","Тихонов","Н.","А.","M",7,7,11,null,82,"не имеются",null,"География","Ефанова","С.","Ю.","МАОУ \"Лицей № 121\" Советского района г. Казани (Центр образования №178)"]
[669,"МБОУ «Средняя общеобразовательная школа №72 с углубленным изучением немецкого языка» Советского района г. Казани","Якусев","А.","Х.","M",7,7,11,null,82,"не имеются",null,"География","Шустова","Т.","В.","МБОУ «Средняя общеобразовательная школа №72 с углубленным изучением немецкого языка» Советского района г. Казани"]
[670,"МБОУ «Гимназия №6» Приволжского района г. Казани","Майорова","Д.","А.","Ж",7,7,10,null,82,"не имеются",null,"География","Юрасова","А.","Ф.","МБОУ «Гимназия №6» Приволжского района г. Казани"]
[671,"МБОУ «Средняя общеобразовательная русско-татарская школа №13» Вахитовского района г. Казани","Сафонов","А.","А.","M",7,7,10,null,82,"не имеются",null,"География","Овчинников","С.","Н.","МБОУ «Средняя общеобразовательная русско-татарская школа №13» Вахитовского района г. Казани"]
[672,"МБОУ \"Гимназия №122 имени Ж.А Зайцевой\" Московского района г.Казани","Якупов","А.","Б.","M",7,7,10,null,82,"не имеются",null,"География","Григорьева","Т.","Б.","МБОУ \"Гимназия №122 имени Ж.А Зайцевой\" Московского района г.Казани"]
[673,"МБОУ «Гимназия №6» Приволжского района г. Казани","Вдовина","К.","Е.","Ж",7,7,8,null,82,"не имеются",null,"География","Юрасова","А.","Ф.","МБОУ «Гимназия №6» Приволжского района г. Казани"]
[674,"МБОУ «Средняя общеобразовательная школа № 9 с углубленным изучением английского языка» Ново-Савиновского района г.Казани","Усольцев","А.","А.","M",7,7,7.5,null,82,"не имеются",null,"География","Степанищева","О.","В.","МБОУ «Средняя общеобразовательная школа № 9 с углубленным изучением английского языка» Ново-Савиновского района г.Казани"]
[675,"МБОУ\" Гимназия №3 с татарским языком обучения\" Кировского района г.Казани","Моринова","Ю.","Э.","Ж",7,7,7,null,82,"не имеются",null,"География","Халикова","Э. ","Х.","МБОУ\" Гимназия №3 с татарским языком обучения\" Кировского района г.Казани"]
[676,"МБОУ «Средняя общеобразовательная школа №119» Авиастроительного района г. Казани","Сафина","Д.","И.","Ж",7,7,7,null,82,"не имеются",null,"География","Шайдуллина","М.","Ф.","МБОУ «Средняя общеобразовательная школа №119» Авиастроительного района г. Казани"]
[677,"МБОУ «Средняя общеобразовательная школа № 1 с углубленным изучением отдельных предметов» Вахитовского района г. Казани","Медведев","И.","Д.","M",7,7,4.5,null,82,"не имеются",null,"География","Нурутдинова ","Ф.","Д.","МБОУ «Средняя общеобразовательная школа № 1 с углубленным изучением отдельных предметов» Вахитовского района г. Казани"]